{"text_format":"3","workbook":"xlsx","n_sheets":14,"sheets":["OVERVIEW -->","Introduction","Instructions","Line References","INPUTS -->","General Inputs","Financial Inputs","Financial Inputs Clean","OUTPUTS -->","Financial Profile Monthly","Financial Profile YTD","Financial Charts Data","Financial Charts","Background Data"],"not_rendered":{"charts":6,"defined_names":17},"read":"whole","date_system":"1900"}

{"sheet":"OVERVIEW -->","index":0,"n_rows":3,"n_cols":2,"rows_kept":3}
[null,"ATP TOOL FOR PARTIAL-YEAR DATA FOR BUSINESSES"]
[]
[null,"[This tab is intentionally blank; it is merely a placeholder to indicate the following group of \"OVERVIEW\" tabs in this workbook.]"]

{"sheet":"Introduction","index":1,"n_rows":36,"n_cols":4,"rows_kept":36,"merged":[[4,2,6,3],[8,2,13,3],[15,2,19,3],[21,3,23,3],[25,3,27,3],[29,3,33,3],[35,3,40,3]]}
[null,"ATP TOOL FOR PARTIAL-YEAR DATA FOR BUSINESSES"]
[]
[null,"Introduction"]
[]
[null,"> ","Purpose: This \"ATP Tool for Partial-Year Data for Businesses\" evaluates whether there are differences in a business' financial data between the current partial-year period and the same partial-year periods in prior years, on a monthly and/or year-to-date basis. This tool is generally only used for settlement purposes, and a case team is not required to use it."]
[]
[]
[]
[null,"> ","Relationship to ABEL: This tool is designed to be used in conjunction with the ABEL model. ABEL uses three to five years of a business' full-year tax return data to develop a statistical extrapolation of the business' future after-tax cash flows, generally assuming that the future will be like the recent past. ABEL compares the present value of its predicted after-tax cash flows across different probability levels to any required compliance costs and the proposed penalty amount. Based on that comparison, ABEL estimates a percentage probability that the business can afford the proposed penalty after meeting any required compliance costs. This percentage probability level serves as the model's ability-to-pay (ATP) conclusion. It is then up to the case team on a case-by-case basis to consider the ABEL model outputs and then determine the appropriate probability level cutoff when developing its ultimate ATP conclusion."]
[]
[]
[]
[]
[]
[]
[null,">","When and How to Use This Partial-Year Tool: If a business asserts that it has experienced significant changes in financial performance since the latest period of historical annual tax return data, this tool can help the case team evaluate that assertion pending availability of full-year data for the current year. This tool is designed to indicate whether there are differences between the current partial-year period and prior partial-year periods (i.e., for a given line item, has the business’ financial performance declined, improved, or remained constant?). It is the case team's responsibility to interpret any changes the tool identifies; the tool makes no causality assessments, nor does it return any ATP conclusions. To assess the partial-year data, the case team should:"]
[]
[]
[]
[]
[]
[null,null,">","Review the \"Financial Profile Monthly\" tab: This tab shows monthly financial statements for the current partial-year period relative to historical full-year periods. The historical monthly data for full years can assist the case team with evaluating factors such as the monthly seasonality of the business, which may suggest that the business typically does better in certain months of the year compared to other months."]
[]
[]
[]
[null,null,">","Review the \"Financial Profile YTD\" tab: This tab shows year-to-date (YTD) financial statements for the current partial-year period relative to prior year-to-date periods. Analysis columns to the right indicate the numeric and percentage changes from the current year-to-date period relative to the immediately preceding year-to-date period, and relative to an average of the year-to-date periods across all historical years provided."]
[]
[]
[]
[null,null,">","Review the \"Financial Charts\" tab: This tab shows year-to-date and monthly charts for three key line items: revenues, net income, and pre-tax cash flow. The year-to-date charts provide a graphical representation of how the current partial-year period compares to the same partial-year periods in prior years, and the monthly charts provide a visual of the business' seasonality by month for all years of data provided. The three line items depicted in the charts can help the case team understand how the business' sales (i.e., revenues), net income (i.e., revenues minus expenses), and cash flow may have changed in the current partial year."]
[]
[]
[]
[]
[]
[null,null,">","Across all three of these tabs: Pay particular attention to the pre-tax cash flow from the current partial-year period relative to prior periods. Recall that the ABEL model bases its ATP conclusion on predicted after-tax cash flows, generally assuming that the future will be like the recent past. If the current partial-year data suggest that there are significant differences in pre-tax cash flows relative to prior periods, adjusting the ABEL ATP conclusion (which is based on historical full-year data) may be warranted. As ABEL output reminds the user, however, be sure to examine ability to pay potential beyond cash flow (e.g., from unnecessary expenses, assets unrelated to business operations, loans to shareholders, and/or other sources)."]

{"sheet":"Instructions","index":2,"n_rows":33,"n_cols":4,"rows_kept":33}
[null,"ATP TOOL FOR PARTIAL-YEAR DATA FOR BUSINESSES"]
[]
[null,"Instructions"]
[]
[null,"Key:"]
[]
[null,null,"Users can enter inputs/information only in the cells highlighted in yellow. "]
[]
[null,"First, the case team should enter data inputs from the Data Request Form into the ATP Tool: *,**"]
[]
[null,"A)","Transfer the busness' entries from the \"General Inputs\" tab in the \"Data Request Form\" workbook to the \"General Inputs\" tab of this workbook."]
[null,null,"i)","Transfer the information about the business (#1-4). "]
[null,null,"ii)","Transfer the information about the time period covered by the financial data included in this response (#5-7). "]
[null,null,"iii)","Transfer the information about the individual providing this response (#8-9). "]
[null,null,"iv)","Indicate whether the business provided a signed certification asserting the veracity of the information provided (#10). "]
[null,"B)","Transfer the business' entries from the \"Financial Inputs\" tab in the \"Data Request Form\" workbook to the \"Financial Inputs\" tab of this workbook."]
[null,null,"i)","Copy/paste the year-to-date monthly financial data for 2020 for all select line items in the \"Financial Inputs\" tab. "]
[null,null,"ii)","Copy/paste the historical monthly financial data for the last one to five years for all line items in the “Financial Inputs” tab. "]
[]
[null,null,"*When entering financial data in the \"Financial Inputs\" tab, enter any negative numbers as negative numbers. "]
[null,null,"**The \"Line References\" tab contains definitions for each line item in the \"Financial Inputs\" tab. "]
[]
[null,"Then, the case team should review the ATP Tool analysis:"]
[]
[null,"C)","Review the \"Financial Profile Monthly\" tab for monthly summary-level financial statements for the business (Columns B:BV). "]
[null,"D)","Review the \"Financial Profile YTD\" tab for: "]
[null,null,"i)","Year-to-date (\"YTD\") summary-level financial statements for the business (Columns B:H). "]
[null,null,"ii)","Comparisons of the 2020 YTD results to the 2019 YTD results and to the annual average YTD results over the last one to five years (Columns J:K). "]
[null,"E)","Review the \"Financial Charts\" tab for graphical displays of monthly and year-to-date results for key line items (Columns B:O). "]
[]
[null,"In addition, outside the ATP Tool, the case team should:"]
[]
[null,"F)","Review any separate written response(s) by the business describing the current partial-year impacts on the business' finances. "]

{"sheet":"Line References","index":3,"n_rows":15,"n_cols":3,"rows_kept":15}
[null,"ATP TOOL FOR PARTIAL-YEAR DATA FOR BUSINESSES"]
[]
[null,"Line References"]
[]
[null,"Definitions for Line Items Requested in the \"Financial Inputs\" Tab:"]
[]
[null,"Line","Definition"]
[null,"a. Total Revenues Less Returns and Allowances\n","The sum of a business' gross sales (i.e., revenues), minus returns, allowances, and discounts."]
[null,"b. Cost of Goods Sold\n","The sum of the direct materials and labor costs associated with producing the goods sold by a business."]
[null,"c. Depreciation, Depletion, and Amortization\n","These are accounting mechanisms that allow businesses to spread the costs, or allocate the values, of different types of assets over time. Generally, depreciation applies to fixed assets, depletion to natural resource assets, and amortization to intangible assets. "]
[null,"d. Net Income Before Taxes\n","Calculated as a business' total revenues less returns and allowances, minus total expenses excluding taxes. "]
[null,"e. Total Current Assets\n","The sum of a business' assets that are expected to be sold or used in the course of normal business operations within the next year (or within the next operating cycle of the business, whichever period is longer). "]
[null,"f. Total Current Liabilities\n","The sum of a business' short-term debts and financial obligations that are due within the next year (or within the next operating cycle of the business, whichever period is longer). "]
[null,"g. Total Liabilities\n","The sum of all debts and financial obligations that are owed by a business.  "]
[null,"h. Total Liabilities and Stockholders' Equity\n","The sum of all debts and financial obligations that are owed by a business, plus the residual value left to shareholders after total liabilities have been subtracted from total assets. "]

{"sheet":"INPUTS -->","index":4,"n_rows":3,"n_cols":2,"rows_kept":3}
[null,"ATP TOOL FOR PARTIAL-YEAR DATA FOR BUSINESSES"]
[]
[null,"[This tab is intentionally blank; it is a merely placeholder to indicate the following group of \"INPUTS\" tabs in this workbook.]"]

{"sheet":"General Inputs","index":5,"n_rows":23,"n_cols":9,"rows_kept":23,"merged":[[6,2,6,7],[7,2,7,7],[8,2,8,7],[9,2,9,7],[13,2,13,7],[14,2,14,7],[15,2,15,7],[19,2,19,7],[20,2,20,7],[21,2,21,7],[22,1,26,7]]}
[null,"ATP TOOL FOR PARTIAL-YEAR DATA FOR BUSINESSES"]
[]
[null,"General Inputs"]
[]
[null,"Business:"]
[]
[null,"1. Name of Business:"]
[null,"2. Primary Address of Business:"]
[null,"3. Business Activity:"]
[null,"4. Tax Return Form Filed by Business (e.g., Form 1120, Form 1120S, etc.):",{"$nulls":6},"*Select from dropdown menu. "]
[]
[null,"Financial Data Provided in \"Financial Inputs\" Tab:"]
[]
[null,"5. Most Recent Year of Partial-Year Financial Data Provided (e.g., 2020):",{"$nulls":6},"*Enter in YYYY format."]
[null,"6. Most Recent Month of 2020 Financial Data Provided (e.g., June):",{"$nulls":6},"*Select from dropdown menu. "]
[null,"7. Years of Historical Monthly Financial Data Provided (Minimum 1 Year):",{"$nulls":6},"*Select from dropdown menu. "]
[]
[null,"Individual Providing Response:"]
[]
[null,"8. Name of Individual Providing Response:"]
[null,"9. Role or Title of Individual Providing Response:"]
[null,"10. Certification Signature of Individual Provided:"]
[null,"Certification: I certify under penalty of law that this information is true, correct, and complete to the best of my knowledge and belief. I have personally examined and am familiar with the information contained in this submittal, including any and all documents accompanying this certification statement. Based on my inquiry of those individuals responsible for obtaining the information, the information contained in this submittal is to the best of my knowledge and belief, true, accurate, and complete. I further understand that I may be subject to prosecution under federal and/or state law should I provide any information that is not true, correct, and complete to the best of my knowledge. I am authorized and empowered to act on behalf of the claimant."]

{"sheet":"Financial Inputs","index":6,"n_rows":81,"n_cols":14,"rows_kept":81}
[null,"ATP TOOL FOR PARTIAL-YEAR DATA FOR BUSINESSES"]
[]
[null,"Financial Data Inputs"]
[]
[null,"Year-to-Date Monthly Financial Data in Dollars for:",{"$f":"IF(ISBLANK('General Inputs'!$C$14),\"--\",'General Inputs'!$C$14)","v":"--"}]
[]
[null,"Year",{"$f":"$C5","v":"--"},"--","--","--","--","--","--","--","--","--","--","--"]
[null,"Month",1,2,3,4,5,6,7,8,9,10,11,12]
[null,"a. Total Revenues Less Returns and Allowances"]
[null,"b. Cost of Goods Sold"]
[null,"c. Depreciation, Depletion, and Amortization"]
[null,"d. Net Income Before Taxes"]
[null,"e. Total Current Assets"]
[null,"f. Total Current Liabilities"]
[null,"g. Total Liabilities"]
[null,"h. Total Liabilities and Stockholders' Equity"]
[]
[null,"Historical Monthly Financial Data in Dollars for:",{"$f":"IF(ISBLANK('General Inputs'!$C$14),\"--\",'General Inputs'!$C$14-1)","v":"--"}]
[]
[null,"Year",{"$f":"$C18","v":"--"},{"$f":"$C18","v":"--"},"--","--","--","--","--","--","--","--","--","--"]
[null,"Month",1,2,3,4,5,6,7,8,9,10,11,12]
[null,{"$f":"B9","v":"a. Total Revenues Less Returns and Allowances"}]
[null,{"$f":"B10","v":"b. Cost of Goods Sold"}]
[null,"c. Depreciation, Depletion, and Amortization"]
[null,"d. Net Income Before Taxes"]
[null,"e. Total Current Assets"]
[null,"f. Total Current Liabilities"]
[null,"g. Total Liabilities"]
[null,"h. Total Liabilities and Stockholders' Equity"]
[]
[null,"Historical Monthly Financial Data in Dollars for:",{"$f":"IF(ISBLANK('General Inputs'!$C$14),\"--\",'General Inputs'!$C$14-2)","v":"--"}]
[]
[null,"Year",{"$f":"$C31","v":"--"},{"$f":"$C31","v":"--"},"--","--","--","--","--","--","--","--","--","--"]
[null,"Month",1,2,3,4,5,6,7,8,9,10,11,12]
[null,{"$f":"B22","v":"a. Total Revenues Less Returns and Allowances"}]
[null,"b. Cost of Goods Sold"]
[null,"c. Depreciation, Depletion, and Amortization"]
[null,"d. Net Income Before Taxes"]
[null,"e. Total Current Assets"]
[null,"f. Total Current Liabilities"]
[null,"g. Total Liabilities"]
[null,"h. Total Liabilities and Stockholders' Equity"]
[]
[null,"Historical Monthly Financial Data in Dollars for:",{"$f":"IF(ISBLANK('General Inputs'!$C$14),\"--\",'General Inputs'!$C$14-3)","v":"--"}]
[]
[null,"Year",{"$f":"$C44","v":"--"},{"$f":"$C44","v":"--"},"--","--","--","--","--","--","--","--","--","--"]
[null,"Month",1,2,3,4,5,6,7,8,9,10,11,12]
[null,{"$f":"B35","v":"a. Total Revenues Less Returns and Allowances"}]
[null,"b. Cost of Goods Sold"]
[null,"c. Depreciation, Depletion, and Amortization"]
[null,"d. Net Income Before Taxes"]
[null,"e. Total Current Assets"]
[null,"f. Total Current Liabilities"]
[null,"g. Total Liabilities"]
[null,"h. Total Liabilities and Stockholders' Equity"]
[]
[null,"Historical Monthly Financial Data in Dollars for:",{"$f":"IF(ISBLANK('General Inputs'!$C$14),\"--\",'General Inputs'!$C$14-4)","v":"--"}]
[]
[null,"Year",{"$f":"$C57","v":"--"},{"$f":"$C57","v":"--"},"--","--","--","--","--","--","--","--","--","--"]
[null,"Month",1,2,3,4,5,6,7,8,9,10,11,12]
[null,{"$f":"B48","v":"a. Total Revenues Less Returns and Allowances"}]
[null,"b. Cost of Goods Sold"]
[null,"c. Depreciation, Depletion, and Amortization"]
[null,"d. Net Income Before Taxes"]
[null,"e. Total Current Assets"]
[null,"f. Total Current Liabilities"]
[null,"g. Total Liabilities"]
[null,"h. Total Liabilities and Stockholders' Equity"]
[]
[null,"Historical Monthly Financial Data in Dollars for:",{"$f":"IF(ISBLANK('General Inputs'!$C$14),\"--\",'General Inputs'!$C$14-5)","v":"--"}]
[]
[null,"Year",{"$f":"$C70","v":"--"},{"$f":"$C70","v":"--"},{"$f":"$C70","v":"--"},{"$f":"$C70","v":"--"},{"$f":"$C70","v":"--"},{"$f":"$C70","v":"--"},"--","--","--","--","--","--"]
[null,"Month",1,2,3,4,5,6,7,8,9,10,11,12]
[null,{"$f":"B61","v":"a. Total Revenues Less Returns and Allowances"}]
[null,"b. Cost of Goods Sold"]
[null,"c. Depreciation, Depletion, and Amortization"]
[null,"d. Net Income Before Taxes"]
[null,"e. Total Current Assets"]
[null,"f. Total Current Liabilities"]
[null,"g. Total Liabilities"]
[null,"h. Total Liabilities and Stockholders' Equity"]

{"sheet":"Financial Inputs Clean","index":7,"n_rows":81,"n_cols":14,"rows_kept":81,"hidden":true}
[null,"ATP TOOL FOR PARTIAL-YEAR DATA FOR BUSINESSES"]
[]
[null,"Financial Data Inputs - Clean Formatted Version for Tool Analysis"]
[]
[null,"Year-to-Date Monthly Financial Data in Dollars for:",{"$f":"IF(ISBLANK('General Inputs'!$C$14),\"--\",'General Inputs'!$C$14)","v":"--"}]
[]
[null,"Year",{"$f":"$C5","v":"--"},"--","--","--","--","--","--","--","--","--","--","--"]
[null,"Month",1,2,3,4,5,6,7,8,9,10,11,12]
[null,"a. Total Revenues Less Returns and Allowances",{"$f":"IF(ISBLANK('Financial Inputs'!C9),\"\",'Financial Inputs'!C9)","v":""},{"$f":"IF(ISBLANK('Financial Inputs'!D9),\"\",'Financial Inputs'!D9)","v":""},{"$f":"IF(ISBLANK('Financial Inputs'!E9),\"\",'Financial Inputs'!E9)","v":""},{"$f":"IF(ISBLANK('Financial Inputs'!F9),\"\",'Financial Inputs'!F9)","v":""},{"$f":"IF(ISBLANK('Financial Inputs'!G9),\"\",'Financial Inputs'!G9)","v":""},{"$f":"IF(ISBLANK('Financial Inputs'!H9),\"\",'Financial Inputs'!H9)","v":""},{"$f":"IF(ISBLANK('Financial Inputs'!I9),\"\",'Financial Inputs'!I9)","v":""},{"$f":"IF(ISBLANK('Financial Inputs'!J9),\"\",'Financial Inputs'!J9)","v":""},{"$f":"IF(ISBLANK('Financial Inputs'!K9),\"\",'Financial Inputs'!K9)","v":""},{"$f":"IF(ISBLANK('Financial Inputs'!L9),\"\",'Financial Inputs'!L9)","v":""},{"$f":"IF(ISBLANK('Financial Inputs'!M9),\"\",'Financial Inputs'!M9)","v":""},{"$f":"IF(ISBLANK('Financial Inputs'!N9),\"\",'Financial Inputs'!N9)","v":""}]
[null,"b. Cost of Goods Sold",{"$f":"IF(ISBLANK('Financial Inputs'!C10),\"\",'Financial Inputs'!C10)","v":""},{"$f":"IF(ISBLANK('Financial Inputs'!D10),\"\",'Financial Inputs'!D10)","v":""},{"$f":"IF(ISBLANK('Financial Inputs'!E10),\"\",'Financial Inputs'!E10)","v":""},{"$f":"IF(ISBLANK('Financial Inputs'!F10),\"\",'Financial Inputs'!F10)","v":""},{"$f":"IF(ISBLANK('Financial Inputs'!G10),\"\",'Financial Inputs'!G10)","v":""},{"$f":"IF(ISBLANK('Financial Inputs'!H10),\"\",'Financial Inputs'!H10)","v":""},{"$f":"IF(ISBLANK('Financial Inputs'!I10),\"\",'Financial Inputs'!I10)","v":""},{"$f":"IF(ISBLANK('Financial Inputs'!J10),\"\",'Financial Inputs'!J10)","v":""},{"$f":"IF(ISBLANK('Financial Inputs'!K10),\"\",'Financial Inputs'!K10)","v":""},{"$f":"IF(ISBLANK('Financial Inputs'!L10),\"\",'Financial Inputs'!L10)","v":""},{"$f":"IF(ISBLANK('Financial Inputs'!M10),\"\",'Financial Inputs'!M10)","v":""},{"$f":"IF(ISBLANK('Financial Inputs'!N10),\"\",'Financial Inputs'!N10)","v":""}]
[null,"c. Depreciation, Depletion, and Amortization",{"$f":"IF(ISBLANK('Financial Inputs'!C11),\"\",'Financial Inputs'!C11)","v":""},{"$f":"IF(ISBLANK('Financial Inputs'!D11),\"\",'Financial Inputs'!D11)","v":""},{"$f":"IF(ISBLANK('Financial Inputs'!E11),\"\",'Financial Inputs'!E11)","v":""},{"$f":"IF(ISBLANK('Financial Inputs'!F11),\"\",'Financial Inputs'!F11)","v":""},{"$f":"IF(ISBLANK('Financial Inputs'!G11),\"\",'Financial Inputs'!G11)","v":""},{"$f":"IF(ISBLANK('Financial Inputs'!H11),\"\",'Financial Inputs'!H11)","v":""},{"$f":"IF(ISBLANK('Financial Inputs'!I11),\"\",'Financial Inputs'!I11)","v":""},{"$f":"IF(ISBLANK('Financial Inputs'!J11),\"\",'Financial Inputs'!J11)","v":""},{"$f":"IF(ISBLANK('Financial Inputs'!K11),\"\",'Financial Inputs'!K11)","v":""},{"$f":"IF(ISBLANK('Financial Inputs'!L11),\"\",'Financial Inputs'!L11)","v":""},{"$f":"IF(ISBLANK('Financial Inputs'!M11),\"\",'Financial Inputs'!M11)","v":""},{"$f":"IF(ISBLANK('Financial Inputs'!N11),\"\",'Financial Inputs'!N11)","v":""}]
[null,"d. Net Income Before Taxes",{"$f":"IF(ISBLANK('Financial Inputs'!C12),\"\",'Financial Inputs'!C12)","v":""},{"$f":"IF(ISBLANK('Financial Inputs'!D12),\"\",'Financial Inputs'!D12)","v":""},{"$f":"IF(ISBLANK('Financial Inputs'!E12),\"\",'Financial Inputs'!E12)","v":""},{"$f":"IF(ISBLANK('Financial Inputs'!F12),\"\",'Financial Inputs'!F12)","v":""},{"$f":"IF(ISBLANK('Financial Inputs'!G12),\"\",'Financial Inputs'!G12)","v":""},{"$f":"IF(ISBLANK('Financial Inputs'!H12),\"\",'Financial Inputs'!H12)","v":""},{"$f":"IF(ISBLANK('Financial Inputs'!I12),\"\",'Financial Inputs'!I12)","v":""},{"$f":"IF(ISBLANK('Financial Inputs'!J12),\"\",'Financial Inputs'!J12)","v":""},{"$f":"IF(ISBLANK('Financial Inputs'!K12),\"\",'Financial Inputs'!K12)","v":""},{"$f":"IF(ISBLANK('Financial Inputs'!L12),\"\",'Financial Inputs'!L12)","v":""},{"$f":"IF(ISBLANK('Financial Inputs'!M12),\"\",'Financial Inputs'!M12)","v":""},{"$f":"IF(ISBLANK('Financial Inputs'!N12),\"\",'Financial Inputs'!N12)","v":""}]
[null,"e. Total Current Assets",{"$f":"IF(ISBLANK('Financial Inputs'!C13),\"\",'Financial Inputs'!C13)","v":""},{"$f":"IF(ISBLANK('Financial Inputs'!D13),\"\",'Financial Inputs'!D13)","v":""},{"$f":"IF(ISBLANK('Financial Inputs'!E13),\"\",'Financial Inputs'!E13)","v":""},{"$f":"IF(ISBLANK('Financial Inputs'!F13),\"\",'Financial Inputs'!F13)","v":""},{"$f":"IF(ISBLANK('Financial Inputs'!G13),\"\",'Financial Inputs'!G13)","v":""},{"$f":"IF(ISBLANK('Financial Inputs'!H13),\"\",'Financial Inputs'!H13)","v":""},{"$f":"IF(ISBLANK('Financial Inputs'!I13),\"\",'Financial Inputs'!I13)","v":""},{"$f":"IF(ISBLANK('Financial Inputs'!J13),\"\",'Financial Inputs'!J13)","v":""},{"$f":"IF(ISBLANK('Financial Inputs'!K13),\"\",'Financial Inputs'!K13)","v":""},{"$f":"IF(ISBLANK('Financial Inputs'!L13),\"\",'Financial Inputs'!L13)","v":""},{"$f":"IF(ISBLANK('Financial Inputs'!M13),\"\",'Financial Inputs'!M13)","v":""},{"$f":"IF(ISBLANK('Financial Inputs'!N13),\"\",'Financial Inputs'!N13)","v":""}]
[null,"f. Total Current Liabilities",{"$f":"IF(ISBLANK('Financial Inputs'!C14),\"\",'Financial Inputs'!C14)","v":""},{"$f":"IF(ISBLANK('Financial Inputs'!D14),\"\",'Financial Inputs'!D14)","v":""},{"$f":"IF(ISBLANK('Financial Inputs'!E14),\"\",'Financial Inputs'!E14)","v":""},{"$f":"IF(ISBLANK('Financial Inputs'!F14),\"\",'Financial Inputs'!F14)","v":""},{"$f":"IF(ISBLANK('Financial Inputs'!G14),\"\",'Financial Inputs'!G14)","v":""},{"$f":"IF(ISBLANK('Financial Inputs'!H14),\"\",'Financial Inputs'!H14)","v":""},{"$f":"IF(ISBLANK('Financial Inputs'!I14),\"\",'Financial Inputs'!I14)","v":""},{"$f":"IF(ISBLANK('Financial Inputs'!J14),\"\",'Financial Inputs'!J14)","v":""},{"$f":"IF(ISBLANK('Financial Inputs'!K14),\"\",'Financial Inputs'!K14)","v":""},{"$f":"IF(ISBLANK('Financial Inputs'!L14),\"\",'Financial Inputs'!L14)","v":""},{"$f":"IF(ISBLANK('Financial Inputs'!M14),\"\",'Financial Inputs'!M14)","v":""},{"$f":"IF(ISBLANK('Financial Inputs'!N14),\"\",'Financial Inputs'!N14)","v":""}]
[null,"g. Total Liabilities",{"$f":"IF(ISBLANK('Financial Inputs'!C15),\"\",'Financial Inputs'!C15)","v":""},{"$f":"IF(ISBLANK('Financial Inputs'!D15),\"\",'Financial Inputs'!D15)","v":""},{"$f":"IF(ISBLANK('Financial Inputs'!E15),\"\",'Financial Inputs'!E15)","v":""},{"$f":"IF(ISBLANK('Financial Inputs'!F15),\"\",'Financial Inputs'!F15)","v":""},{"$f":"IF(ISBLANK('Financial Inputs'!G15),\"\",'Financial Inputs'!G15)","v":""},{"$f":"IF(ISBLANK('Financial Inputs'!H15),\"\",'Financial Inputs'!H15)","v":""},{"$f":"IF(ISBLANK('Financial Inputs'!I15),\"\",'Financial Inputs'!I15)","v":""},{"$f":"IF(ISBLANK('Financial Inputs'!J15),\"\",'Financial Inputs'!J15)","v":""},{"$f":"IF(ISBLANK('Financial Inputs'!K15),\"\",'Financial Inputs'!K15)","v":""},{"$f":"IF(ISBLANK('Financial Inputs'!L15),\"\",'Financial Inputs'!L15)","v":""},{"$f":"IF(ISBLANK('Financial Inputs'!M15),\"\",'Financial Inputs'!M15)","v":""},{"$f":"IF(ISBLANK('Financial Inputs'!N15),\"\",'Financial Inputs'!N15)","v":""}]
[null,"h. Total Liabilities and Stockholders' Equity",{"$f":"IF(ISBLANK('Financial Inputs'!C16),\"\",'Financial Inputs'!C16)","v":""},{"$f":"IF(ISBLANK('Financial Inputs'!D16),\"\",'Financial Inputs'!D16)","v":""},{"$f":"IF(ISBLANK('Financial Inputs'!E16),\"\",'Financial Inputs'!E16)","v":""},{"$f":"IF(ISBLANK('Financial Inputs'!F16),\"\",'Financial Inputs'!F16)","v":""},{"$f":"IF(ISBLANK('Financial Inputs'!G16),\"\",'Financial Inputs'!G16)","v":""},{"$f":"IF(ISBLANK('Financial Inputs'!H16),\"\",'Financial Inputs'!H16)","v":""},{"$f":"IF(ISBLANK('Financial Inputs'!I16),\"\",'Financial Inputs'!I16)","v":""},{"$f":"IF(ISBLANK('Financial Inputs'!J16),\"\",'Financial Inputs'!J16)","v":""},{"$f":"IF(ISBLANK('Financial Inputs'!K16),\"\",'Financial Inputs'!K16)","v":""},{"$f":"IF(ISBLANK('Financial Inputs'!L16),\"\",'Financial Inputs'!L16)","v":""},{"$f":"IF(ISBLANK('Financial Inputs'!M16),\"\",'Financial Inputs'!M16)","v":""},{"$f":"IF(ISBLANK('Financial Inputs'!N16),\"\",'Financial Inputs'!N16)","v":""}]
[]
[null,"Historical Monthly Financial Data in Dollars for:",{"$f":"IF(ISBLANK('General Inputs'!$C$14),\"--\",'General Inputs'!$C$14-1)","v":"--"}]
[]
[null,"Year",{"$f":"$C18","v":"--"},{"$f":"$C18","v":"--"},"--","--","--","--","--","--","--","--","--","--"]
[null,"Month",1,2,3,4,5,6,7,8,9,10,11,12]
[null,{"$f":"B9","v":"a. Total Revenues Less Returns and Allowances"},{"$f":"IF(ISBLANK('Financial Inputs'!C22),\"\",'Financial Inputs'!C22)","v":""},{"$f":"IF(ISBLANK('Financial Inputs'!D22),\"\",'Financial Inputs'!D22)","v":""},{"$f":"IF(ISBLANK('Financial Inputs'!E22),\"\",'Financial Inputs'!E22)","v":""},{"$f":"IF(ISBLANK('Financial Inputs'!F22),\"\",'Financial Inputs'!F22)","v":""},{"$f":"IF(ISBLANK('Financial Inputs'!G22),\"\",'Financial Inputs'!G22)","v":""},{"$f":"IF(ISBLANK('Financial Inputs'!H22),\"\",'Financial Inputs'!H22)","v":""},{"$f":"IF(ISBLANK('Financial Inputs'!I22),\"\",'Financial Inputs'!I22)","v":""},{"$f":"IF(ISBLANK('Financial Inputs'!J22),\"\",'Financial Inputs'!J22)","v":""},{"$f":"IF(ISBLANK('Financial Inputs'!K22),\"\",'Financial Inputs'!K22)","v":""},{"$f":"IF(ISBLANK('Financial Inputs'!L22),\"\",'Financial Inputs'!L22)","v":""},{"$f":"IF(ISBLANK('Financial Inputs'!M22),\"\",'Financial Inputs'!M22)","v":""},{"$f":"IF(ISBLANK('Financial Inputs'!N22),\"\",'Financial Inputs'!N22)","v":""}]
[null,{"$f":"B10","v":"b. Cost of Goods Sold"},{"$f":"IF(ISBLANK('Financial Inputs'!C23),\"\",'Financial Inputs'!C23)","v":""},{"$f":"IF(ISBLANK('Financial Inputs'!D23),\"\",'Financial Inputs'!D23)","v":""},{"$f":"IF(ISBLANK('Financial Inputs'!E23),\"\",'Financial Inputs'!E23)","v":""},{"$f":"IF(ISBLANK('Financial Inputs'!F23),\"\",'Financial Inputs'!F23)","v":""},{"$f":"IF(ISBLANK('Financial Inputs'!G23),\"\",'Financial Inputs'!G23)","v":""},{"$f":"IF(ISBLANK('Financial Inputs'!H23),\"\",'Financial Inputs'!H23)","v":""},{"$f":"IF(ISBLANK('Financial Inputs'!I23),\"\",'Financial Inputs'!I23)","v":""},{"$f":"IF(ISBLANK('Financial Inputs'!J23),\"\",'Financial Inputs'!J23)","v":""},{"$f":"IF(ISBLANK('Financial Inputs'!K23),\"\",'Financial Inputs'!K23)","v":""},{"$f":"IF(ISBLANK('Financial Inputs'!L23),\"\",'Financial Inputs'!L23)","v":""},{"$f":"IF(ISBLANK('Financial Inputs'!M23),\"\",'Financial Inputs'!M23)","v":""},{"$f":"IF(ISBLANK('Financial Inputs'!N23),\"\",'Financial Inputs'!N23)","v":""}]
[null,"c. Depreciation, Depletion, and Amortization",{"$f":"IF(ISBLANK('Financial Inputs'!C24),\"\",'Financial Inputs'!C24)","v":""},{"$f":"IF(ISBLANK('Financial Inputs'!D24),\"\",'Financial Inputs'!D24)","v":""},{"$f":"IF(ISBLANK('Financial Inputs'!E24),\"\",'Financial Inputs'!E24)","v":""},{"$f":"IF(ISBLANK('Financial Inputs'!F24),\"\",'Financial Inputs'!F24)","v":""},{"$f":"IF(ISBLANK('Financial Inputs'!G24),\"\",'Financial Inputs'!G24)","v":""},{"$f":"IF(ISBLANK('Financial Inputs'!H24),\"\",'Financial Inputs'!H24)","v":""},{"$f":"IF(ISBLANK('Financial Inputs'!I24),\"\",'Financial Inputs'!I24)","v":""},{"$f":"IF(ISBLANK('Financial Inputs'!J24),\"\",'Financial Inputs'!J24)","v":""},{"$f":"IF(ISBLANK('Financial Inputs'!K24),\"\",'Financial Inputs'!K24)","v":""},{"$f":"IF(ISBLANK('Financial Inputs'!L24),\"\",'Financial Inputs'!L24)","v":""},{"$f":"IF(ISBLANK('Financial Inputs'!M24),\"\",'Financial Inputs'!M24)","v":""},{"$f":"IF(ISBLANK('Financial Inputs'!N24),\"\",'Financial Inputs'!N24)","v":""}]
[null,"d. Net Income Before Taxes",{"$f":"IF(ISBLANK('Financial Inputs'!C25),\"\",'Financial Inputs'!C25)","v":""},{"$f":"IF(ISBLANK('Financial Inputs'!D25),\"\",'Financial Inputs'!D25)","v":""},{"$f":"IF(ISBLANK('Financial Inputs'!E25),\"\",'Financial Inputs'!E25)","v":""},{"$f":"IF(ISBLANK('Financial Inputs'!F25),\"\",'Financial Inputs'!F25)","v":""},{"$f":"IF(ISBLANK('Financial Inputs'!G25),\"\",'Financial Inputs'!G25)","v":""},{"$f":"IF(ISBLANK('Financial Inputs'!H25),\"\",'Financial Inputs'!H25)","v":""},{"$f":"IF(ISBLANK('Financial Inputs'!I25),\"\",'Financial Inputs'!I25)","v":""},{"$f":"IF(ISBLANK('Financial Inputs'!J25),\"\",'Financial Inputs'!J25)","v":""},{"$f":"IF(ISBLANK('Financial Inputs'!K25),\"\",'Financial Inputs'!K25)","v":""},{"$f":"IF(ISBLANK('Financial Inputs'!L25),\"\",'Financial Inputs'!L25)","v":""},{"$f":"IF(ISBLANK('Financial Inputs'!M25),\"\",'Financial Inputs'!M25)","v":""},{"$f":"IF(ISBLANK('Financial Inputs'!N25),\"\",'Financial Inputs'!N25)","v":""}]
[null,"e. Total Current Assets",{"$f":"IF(ISBLANK('Financial Inputs'!C26),\"\",'Financial Inputs'!C26)","v":""},{"$f":"IF(ISBLANK('Financial Inputs'!D26),\"\",'Financial Inputs'!D26)","v":""},{"$f":"IF(ISBLANK('Financial Inputs'!E26),\"\",'Financial Inputs'!E26)","v":""},{"$f":"IF(ISBLANK('Financial Inputs'!F26),\"\",'Financial Inputs'!F26)","v":""},{"$f":"IF(ISBLANK('Financial Inputs'!G26),\"\",'Financial Inputs'!G26)","v":""},{"$f":"IF(ISBLANK('Financial Inputs'!H26),\"\",'Financial Inputs'!H26)","v":""},{"$f":"IF(ISBLANK('Financial Inputs'!I26),\"\",'Financial Inputs'!I26)","v":""},{"$f":"IF(ISBLANK('Financial Inputs'!J26),\"\",'Financial Inputs'!J26)","v":""},{"$f":"IF(ISBLANK('Financial Inputs'!K26),\"\",'Financial Inputs'!K26)","v":""},{"$f":"IF(ISBLANK('Financial Inputs'!L26),\"\",'Financial Inputs'!L26)","v":""},{"$f":"IF(ISBLANK('Financial Inputs'!M26),\"\",'Financial Inputs'!M26)","v":""},{"$f":"IF(ISBLANK('Financial Inputs'!N26),\"\",'Financial Inputs'!N26)","v":""}]
[null,"f. Total Current Liabilities",{"$f":"IF(ISBLANK('Financial Inputs'!C27),\"\",'Financial Inputs'!C27)","v":""},{"$f":"IF(ISBLANK('Financial Inputs'!D27),\"\",'Financial Inputs'!D27)","v":""},{"$f":"IF(ISBLANK('Financial Inputs'!E27),\"\",'Financial Inputs'!E27)","v":""},{"$f":"IF(ISBLANK('Financial Inputs'!F27),\"\",'Financial Inputs'!F27)","v":""},{"$f":"IF(ISBLANK('Financial Inputs'!G27),\"\",'Financial Inputs'!G27)","v":""},{"$f":"IF(ISBLANK('Financial Inputs'!H27),\"\",'Financial Inputs'!H27)","v":""},{"$f":"IF(ISBLANK('Financial Inputs'!I27),\"\",'Financial Inputs'!I27)","v":""},{"$f":"IF(ISBLANK('Financial Inputs'!J27),\"\",'Financial Inputs'!J27)","v":""},{"$f":"IF(ISBLANK('Financial Inputs'!K27),\"\",'Financial Inputs'!K27)","v":""},{"$f":"IF(ISBLANK('Financial Inputs'!L27),\"\",'Financial Inputs'!L27)","v":""},{"$f":"IF(ISBLANK('Financial Inputs'!M27),\"\",'Financial Inputs'!M27)","v":""},{"$f":"IF(ISBLANK('Financial Inputs'!N27),\"\",'Financial Inputs'!N27)","v":""}]
[null,"g. Total Liabilities",{"$f":"IF(ISBLANK('Financial Inputs'!C28),\"\",'Financial Inputs'!C28)","v":""},{"$f":"IF(ISBLANK('Financial Inputs'!D28),\"\",'Financial Inputs'!D28)","v":""},{"$f":"IF(ISBLANK('Financial Inputs'!E28),\"\",'Financial Inputs'!E28)","v":""},{"$f":"IF(ISBLANK('Financial Inputs'!F28),\"\",'Financial Inputs'!F28)","v":""},{"$f":"IF(ISBLANK('Financial Inputs'!G28),\"\",'Financial Inputs'!G28)","v":""},{"$f":"IF(ISBLANK('Financial Inputs'!H28),\"\",'Financial Inputs'!H28)","v":""},{"$f":"IF(ISBLANK('Financial Inputs'!I28),\"\",'Financial Inputs'!I28)","v":""},{"$f":"IF(ISBLANK('Financial Inputs'!J28),\"\",'Financial Inputs'!J28)","v":""},{"$f":"IF(ISBLANK('Financial Inputs'!K28),\"\",'Financial Inputs'!K28)","v":""},{"$f":"IF(ISBLANK('Financial Inputs'!L28),\"\",'Financial Inputs'!L28)","v":""},{"$f":"IF(ISBLANK('Financial Inputs'!M28),\"\",'Financial Inputs'!M28)","v":""},{"$f":"IF(ISBLANK('Financial Inputs'!N28),\"\",'Financial Inputs'!N28)","v":""}]
[null,"h. Total Liabilities and Stockholders' Equity",{"$f":"IF(ISBLANK('Financial Inputs'!C29),\"\",'Financial Inputs'!C29)","v":""},{"$f":"IF(ISBLANK('Financial Inputs'!D29),\"\",'Financial Inputs'!D29)","v":""},{"$f":"IF(ISBLANK('Financial Inputs'!E29),\"\",'Financial Inputs'!E29)","v":""},{"$f":"IF(ISBLANK('Financial Inputs'!F29),\"\",'Financial Inputs'!F29)","v":""},{"$f":"IF(ISBLANK('Financial Inputs'!G29),\"\",'Financial Inputs'!G29)","v":""},{"$f":"IF(ISBLANK('Financial Inputs'!H29),\"\",'Financial Inputs'!H29)","v":""},{"$f":"IF(ISBLANK('Financial Inputs'!I29),\"\",'Financial Inputs'!I29)","v":""},{"$f":"IF(ISBLANK('Financial Inputs'!J29),\"\",'Financial Inputs'!J29)","v":""},{"$f":"IF(ISBLANK('Financial Inputs'!K29),\"\",'Financial Inputs'!K29)","v":""},{"$f":"IF(ISBLANK('Financial Inputs'!L29),\"\",'Financial Inputs'!L29)","v":""},{"$f":"IF(ISBLANK('Financial Inputs'!M29),\"\",'Financial Inputs'!M29)","v":""},{"$f":"IF(ISBLANK('Financial Inputs'!N29),\"\",'Financial Inputs'!N29)","v":""}]
[]
[null,"Historical Monthly Financial Data in Dollars for:",{"$f":"IF(ISBLANK('General Inputs'!$C$14),\"--\",'General Inputs'!$C$14-2)","v":"--"}]
[]
[null,"Year",{"$f":"$C31","v":"--"},{"$f":"$C31","v":"--"},"--","--","--","--","--","--","--","--","--","--"]
[null,"Month",1,2,3,4,5,6,7,8,9,10,11,12]
[null,{"$f":"B22","v":"a. Total Revenues Less Returns and Allowances"},{"$f":"IF(ISBLANK('Financial Inputs'!C35),\"\",'Financial Inputs'!C35)","v":""},{"$f":"IF(ISBLANK('Financial Inputs'!D35),\"\",'Financial Inputs'!D35)","v":""},{"$f":"IF(ISBLANK('Financial Inputs'!E35),\"\",'Financial Inputs'!E35)","v":""},{"$f":"IF(ISBLANK('Financial Inputs'!F35),\"\",'Financial Inputs'!F35)","v":""},{"$f":"IF(ISBLANK('Financial Inputs'!G35),\"\",'Financial Inputs'!G35)","v":""},{"$f":"IF(ISBLANK('Financial Inputs'!H35),\"\",'Financial Inputs'!H35)","v":""},{"$f":"IF(ISBLANK('Financial Inputs'!I35),\"\",'Financial Inputs'!I35)","v":""},{"$f":"IF(ISBLANK('Financial Inputs'!J35),\"\",'Financial Inputs'!J35)","v":""},{"$f":"IF(ISBLANK('Financial Inputs'!K35),\"\",'Financial Inputs'!K35)","v":""},{"$f":"IF(ISBLANK('Financial Inputs'!L35),\"\",'Financial Inputs'!L35)","v":""},{"$f":"IF(ISBLANK('Financial Inputs'!M35),\"\",'Financial Inputs'!M35)","v":""},{"$f":"IF(ISBLANK('Financial Inputs'!N35),\"\",'Financial Inputs'!N35)","v":""}]
[null,"b. Cost of Goods Sold",{"$f":"IF(ISBLANK('Financial Inputs'!C36),\"\",'Financial Inputs'!C36)","v":""},{"$f":"IF(ISBLANK('Financial Inputs'!D36),\"\",'Financial Inputs'!D36)","v":""},{"$f":"IF(ISBLANK('Financial Inputs'!E36),\"\",'Financial Inputs'!E36)","v":""},{"$f":"IF(ISBLANK('Financial Inputs'!F36),\"\",'Financial Inputs'!F36)","v":""},{"$f":"IF(ISBLANK('Financial Inputs'!G36),\"\",'Financial Inputs'!G36)","v":""},{"$f":"IF(ISBLANK('Financial Inputs'!H36),\"\",'Financial Inputs'!H36)","v":""},{"$f":"IF(ISBLANK('Financial Inputs'!I36),\"\",'Financial Inputs'!I36)","v":""},{"$f":"IF(ISBLANK('Financial Inputs'!J36),\"\",'Financial Inputs'!J36)","v":""},{"$f":"IF(ISBLANK('Financial Inputs'!K36),\"\",'Financial Inputs'!K36)","v":""},{"$f":"IF(ISBLANK('Financial Inputs'!L36),\"\",'Financial Inputs'!L36)","v":""},{"$f":"IF(ISBLANK('Financial Inputs'!M36),\"\",'Financial Inputs'!M36)","v":""},{"$f":"IF(ISBLANK('Financial Inputs'!N36),\"\",'Financial Inputs'!N36)","v":""}]
[null,"c. Depreciation, Depletion, and Amortization",{"$f":"IF(ISBLANK('Financial Inputs'!C37),\"\",'Financial Inputs'!C37)","v":""},{"$f":"IF(ISBLANK('Financial Inputs'!D37),\"\",'Financial Inputs'!D37)","v":""},{"$f":"IF(ISBLANK('Financial Inputs'!E37),\"\",'Financial Inputs'!E37)","v":""},{"$f":"IF(ISBLANK('Financial Inputs'!F37),\"\",'Financial Inputs'!F37)","v":""},{"$f":"IF(ISBLANK('Financial Inputs'!G37),\"\",'Financial Inputs'!G37)","v":""},{"$f":"IF(ISBLANK('Financial Inputs'!H37),\"\",'Financial Inputs'!H37)","v":""},{"$f":"IF(ISBLANK('Financial Inputs'!I37),\"\",'Financial Inputs'!I37)","v":""},{"$f":"IF(ISBLANK('Financial Inputs'!J37),\"\",'Financial Inputs'!J37)","v":""},{"$f":"IF(ISBLANK('Financial Inputs'!K37),\"\",'Financial Inputs'!K37)","v":""},{"$f":"IF(ISBLANK('Financial Inputs'!L37),\"\",'Financial Inputs'!L37)","v":""},{"$f":"IF(ISBLANK('Financial Inputs'!M37),\"\",'Financial Inputs'!M37)","v":""},{"$f":"IF(ISBLANK('Financial Inputs'!N37),\"\",'Financial Inputs'!N37)","v":""}]
[null,"d. Net Income Before Taxes",{"$f":"IF(ISBLANK('Financial Inputs'!C38),\"\",'Financial Inputs'!C38)","v":""},{"$f":"IF(ISBLANK('Financial Inputs'!D38),\"\",'Financial Inputs'!D38)","v":""},{"$f":"IF(ISBLANK('Financial Inputs'!E38),\"\",'Financial Inputs'!E38)","v":""},{"$f":"IF(ISBLANK('Financial Inputs'!F38),\"\",'Financial Inputs'!F38)","v":""},{"$f":"IF(ISBLANK('Financial Inputs'!G38),\"\",'Financial Inputs'!G38)","v":""},{"$f":"IF(ISBLANK('Financial Inputs'!H38),\"\",'Financial Inputs'!H38)","v":""},{"$f":"IF(ISBLANK('Financial Inputs'!I38),\"\",'Financial Inputs'!I38)","v":""},{"$f":"IF(ISBLANK('Financial Inputs'!J38),\"\",'Financial Inputs'!J38)","v":""},{"$f":"IF(ISBLANK('Financial Inputs'!K38),\"\",'Financial Inputs'!K38)","v":""},{"$f":"IF(ISBLANK('Financial Inputs'!L38),\"\",'Financial Inputs'!L38)","v":""},{"$f":"IF(ISBLANK('Financial Inputs'!M38),\"\",'Financial Inputs'!M38)","v":""},{"$f":"IF(ISBLANK('Financial Inputs'!N38),\"\",'Financial Inputs'!N38)","v":""}]
[null,"e. Total Current Assets",{"$f":"IF(ISBLANK('Financial Inputs'!C39),\"\",'Financial Inputs'!C39)","v":""},{"$f":"IF(ISBLANK('Financial Inputs'!D39),\"\",'Financial Inputs'!D39)","v":""},{"$f":"IF(ISBLANK('Financial Inputs'!E39),\"\",'Financial Inputs'!E39)","v":""},{"$f":"IF(ISBLANK('Financial Inputs'!F39),\"\",'Financial Inputs'!F39)","v":""},{"$f":"IF(ISBLANK('Financial Inputs'!G39),\"\",'Financial Inputs'!G39)","v":""},{"$f":"IF(ISBLANK('Financial Inputs'!H39),\"\",'Financial Inputs'!H39)","v":""},{"$f":"IF(ISBLANK('Financial Inputs'!I39),\"\",'Financial Inputs'!I39)","v":""},{"$f":"IF(ISBLANK('Financial Inputs'!J39),\"\",'Financial Inputs'!J39)","v":""},{"$f":"IF(ISBLANK('Financial Inputs'!K39),\"\",'Financial Inputs'!K39)","v":""},{"$f":"IF(ISBLANK('Financial Inputs'!L39),\"\",'Financial Inputs'!L39)","v":""},{"$f":"IF(ISBLANK('Financial Inputs'!M39),\"\",'Financial Inputs'!M39)","v":""},{"$f":"IF(ISBLANK('Financial Inputs'!N39),\"\",'Financial Inputs'!N39)","v":""}]
[null,"f. Total Current Liabilities",{"$f":"IF(ISBLANK('Financial Inputs'!C40),\"\",'Financial Inputs'!C40)","v":""},{"$f":"IF(ISBLANK('Financial Inputs'!D40),\"\",'Financial Inputs'!D40)","v":""},{"$f":"IF(ISBLANK('Financial Inputs'!E40),\"\",'Financial Inputs'!E40)","v":""},{"$f":"IF(ISBLANK('Financial Inputs'!F40),\"\",'Financial Inputs'!F40)","v":""},{"$f":"IF(ISBLANK('Financial Inputs'!G40),\"\",'Financial Inputs'!G40)","v":""},{"$f":"IF(ISBLANK('Financial Inputs'!H40),\"\",'Financial Inputs'!H40)","v":""},{"$f":"IF(ISBLANK('Financial Inputs'!I40),\"\",'Financial Inputs'!I40)","v":""},{"$f":"IF(ISBLANK('Financial Inputs'!J40),\"\",'Financial Inputs'!J40)","v":""},{"$f":"IF(ISBLANK('Financial Inputs'!K40),\"\",'Financial Inputs'!K40)","v":""},{"$f":"IF(ISBLANK('Financial Inputs'!L40),\"\",'Financial Inputs'!L40)","v":""},{"$f":"IF(ISBLANK('Financial Inputs'!M40),\"\",'Financial Inputs'!M40)","v":""},{"$f":"IF(ISBLANK('Financial Inputs'!N40),\"\",'Financial Inputs'!N40)","v":""}]
[null,"g. Total Liabilities",{"$f":"IF(ISBLANK('Financial Inputs'!C41),\"\",'Financial Inputs'!C41)","v":""},{"$f":"IF(ISBLANK('Financial Inputs'!D41),\"\",'Financial Inputs'!D41)","v":""},{"$f":"IF(ISBLANK('Financial Inputs'!E41),\"\",'Financial Inputs'!E41)","v":""},{"$f":"IF(ISBLANK('Financial Inputs'!F41),\"\",'Financial Inputs'!F41)","v":""},{"$f":"IF(ISBLANK('Financial Inputs'!G41),\"\",'Financial Inputs'!G41)","v":""},{"$f":"IF(ISBLANK('Financial Inputs'!H41),\"\",'Financial Inputs'!H41)","v":""},{"$f":"IF(ISBLANK('Financial Inputs'!I41),\"\",'Financial Inputs'!I41)","v":""},{"$f":"IF(ISBLANK('Financial Inputs'!J41),\"\",'Financial Inputs'!J41)","v":""},{"$f":"IF(ISBLANK('Financial Inputs'!K41),\"\",'Financial Inputs'!K41)","v":""},{"$f":"IF(ISBLANK('Financial Inputs'!L41),\"\",'Financial Inputs'!L41)","v":""},{"$f":"IF(ISBLANK('Financial Inputs'!M41),\"\",'Financial Inputs'!M41)","v":""},{"$f":"IF(ISBLANK('Financial Inputs'!N41),\"\",'Financial Inputs'!N41)","v":""}]
[null,"h. Total Liabilities and Stockholders' Equity",{"$f":"IF(ISBLANK('Financial Inputs'!C42),\"\",'Financial Inputs'!C42)","v":""},{"$f":"IF(ISBLANK('Financial Inputs'!D42),\"\",'Financial Inputs'!D42)","v":""},{"$f":"IF(ISBLANK('Financial Inputs'!E42),\"\",'Financial Inputs'!E42)","v":""},{"$f":"IF(ISBLANK('Financial Inputs'!F42),\"\",'Financial Inputs'!F42)","v":""},{"$f":"IF(ISBLANK('Financial Inputs'!G42),\"\",'Financial Inputs'!G42)","v":""},{"$f":"IF(ISBLANK('Financial Inputs'!H42),\"\",'Financial Inputs'!H42)","v":""},{"$f":"IF(ISBLANK('Financial Inputs'!I42),\"\",'Financial Inputs'!I42)","v":""},{"$f":"IF(ISBLANK('Financial Inputs'!J42),\"\",'Financial Inputs'!J42)","v":""},{"$f":"IF(ISBLANK('Financial Inputs'!K42),\"\",'Financial Inputs'!K42)","v":""},{"$f":"IF(ISBLANK('Financial Inputs'!L42),\"\",'Financial Inputs'!L42)","v":""},{"$f":"IF(ISBLANK('Financial Inputs'!M42),\"\",'Financial Inputs'!M42)","v":""},{"$f":"IF(ISBLANK('Financial Inputs'!N42),\"\",'Financial Inputs'!N42)","v":""}]
[]
[null,"Historical Monthly Financial Data in Dollars for:",{"$f":"IF(ISBLANK('General Inputs'!$C$14),\"--\",'General Inputs'!$C$14-3)","v":"--"}]
[]
[null,"Year",{"$f":"$C44","v":"--"},{"$f":"$C44","v":"--"},"--","--","--","--","--","--","--","--","--","--"]
[null,"Month",1,2,3,4,5,6,7,8,9,10,11,12]
[null,{"$f":"B35","v":"a. Total Revenues Less Returns and Allowances"},{"$f":"IF(ISBLANK('Financial Inputs'!C48),\"\",'Financial Inputs'!C48)","v":""},{"$f":"IF(ISBLANK('Financial Inputs'!D48),\"\",'Financial Inputs'!D48)","v":""},{"$f":"IF(ISBLANK('Financial Inputs'!E48),\"\",'Financial Inputs'!E48)","v":""},{"$f":"IF(ISBLANK('Financial Inputs'!F48),\"\",'Financial Inputs'!F48)","v":""},{"$f":"IF(ISBLANK('Financial Inputs'!G48),\"\",'Financial Inputs'!G48)","v":""},{"$f":"IF(ISBLANK('Financial Inputs'!H48),\"\",'Financial Inputs'!H48)","v":""},{"$f":"IF(ISBLANK('Financial Inputs'!I48),\"\",'Financial Inputs'!I48)","v":""},{"$f":"IF(ISBLANK('Financial Inputs'!J48),\"\",'Financial Inputs'!J48)","v":""},{"$f":"IF(ISBLANK('Financial Inputs'!K48),\"\",'Financial Inputs'!K48)","v":""},{"$f":"IF(ISBLANK('Financial Inputs'!L48),\"\",'Financial Inputs'!L48)","v":""},{"$f":"IF(ISBLANK('Financial Inputs'!M48),\"\",'Financial Inputs'!M48)","v":""},{"$f":"IF(ISBLANK('Financial Inputs'!N48),\"\",'Financial Inputs'!N48)","v":""}]
[null,"b. Cost of Goods Sold",{"$f":"IF(ISBLANK('Financial Inputs'!C49),\"\",'Financial Inputs'!C49)","v":""},{"$f":"IF(ISBLANK('Financial Inputs'!D49),\"\",'Financial Inputs'!D49)","v":""},{"$f":"IF(ISBLANK('Financial Inputs'!E49),\"\",'Financial Inputs'!E49)","v":""},{"$f":"IF(ISBLANK('Financial Inputs'!F49),\"\",'Financial Inputs'!F49)","v":""},{"$f":"IF(ISBLANK('Financial Inputs'!G49),\"\",'Financial Inputs'!G49)","v":""},{"$f":"IF(ISBLANK('Financial Inputs'!H49),\"\",'Financial Inputs'!H49)","v":""},{"$f":"IF(ISBLANK('Financial Inputs'!I49),\"\",'Financial Inputs'!I49)","v":""},{"$f":"IF(ISBLANK('Financial Inputs'!J49),\"\",'Financial Inputs'!J49)","v":""},{"$f":"IF(ISBLANK('Financial Inputs'!K49),\"\",'Financial Inputs'!K49)","v":""},{"$f":"IF(ISBLANK('Financial Inputs'!L49),\"\",'Financial Inputs'!L49)","v":""},{"$f":"IF(ISBLANK('Financial Inputs'!M49),\"\",'Financial Inputs'!M49)","v":""},{"$f":"IF(ISBLANK('Financial Inputs'!N49),\"\",'Financial Inputs'!N49)","v":""}]
[null,"c. Depreciation, Depletion, and Amortization",{"$f":"IF(ISBLANK('Financial Inputs'!C50),\"\",'Financial Inputs'!C50)","v":""},{"$f":"IF(ISBLANK('Financial Inputs'!D50),\"\",'Financial Inputs'!D50)","v":""},{"$f":"IF(ISBLANK('Financial Inputs'!E50),\"\",'Financial Inputs'!E50)","v":""},{"$f":"IF(ISBLANK('Financial Inputs'!F50),\"\",'Financial Inputs'!F50)","v":""},{"$f":"IF(ISBLANK('Financial Inputs'!G50),\"\",'Financial Inputs'!G50)","v":""},{"$f":"IF(ISBLANK('Financial Inputs'!H50),\"\",'Financial Inputs'!H50)","v":""},{"$f":"IF(ISBLANK('Financial Inputs'!I50),\"\",'Financial Inputs'!I50)","v":""},{"$f":"IF(ISBLANK('Financial Inputs'!J50),\"\",'Financial Inputs'!J50)","v":""},{"$f":"IF(ISBLANK('Financial Inputs'!K50),\"\",'Financial Inputs'!K50)","v":""},{"$f":"IF(ISBLANK('Financial Inputs'!L50),\"\",'Financial Inputs'!L50)","v":""},{"$f":"IF(ISBLANK('Financial Inputs'!M50),\"\",'Financial Inputs'!M50)","v":""},{"$f":"IF(ISBLANK('Financial Inputs'!N50),\"\",'Financial Inputs'!N50)","v":""}]
[null,"d. Net Income Before Taxes",{"$f":"IF(ISBLANK('Financial Inputs'!C51),\"\",'Financial Inputs'!C51)","v":""},{"$f":"IF(ISBLANK('Financial Inputs'!D51),\"\",'Financial Inputs'!D51)","v":""},{"$f":"IF(ISBLANK('Financial Inputs'!E51),\"\",'Financial Inputs'!E51)","v":""},{"$f":"IF(ISBLANK('Financial Inputs'!F51),\"\",'Financial Inputs'!F51)","v":""},{"$f":"IF(ISBLANK('Financial Inputs'!G51),\"\",'Financial Inputs'!G51)","v":""},{"$f":"IF(ISBLANK('Financial Inputs'!H51),\"\",'Financial Inputs'!H51)","v":""},{"$f":"IF(ISBLANK('Financial Inputs'!I51),\"\",'Financial Inputs'!I51)","v":""},{"$f":"IF(ISBLANK('Financial Inputs'!J51),\"\",'Financial Inputs'!J51)","v":""},{"$f":"IF(ISBLANK('Financial Inputs'!K51),\"\",'Financial Inputs'!K51)","v":""},{"$f":"IF(ISBLANK('Financial Inputs'!L51),\"\",'Financial Inputs'!L51)","v":""},{"$f":"IF(ISBLANK('Financial Inputs'!M51),\"\",'Financial Inputs'!M51)","v":""},{"$f":"IF(ISBLANK('Financial Inputs'!N51),\"\",'Financial Inputs'!N51)","v":""}]
[null,"e. Total Current Assets",{"$f":"IF(ISBLANK('Financial Inputs'!C52),\"\",'Financial Inputs'!C52)","v":""},{"$f":"IF(ISBLANK('Financial Inputs'!D52),\"\",'Financial Inputs'!D52)","v":""},{"$f":"IF(ISBLANK('Financial Inputs'!E52),\"\",'Financial Inputs'!E52)","v":""},{"$f":"IF(ISBLANK('Financial Inputs'!F52),\"\",'Financial Inputs'!F52)","v":""},{"$f":"IF(ISBLANK('Financial Inputs'!G52),\"\",'Financial Inputs'!G52)","v":""},{"$f":"IF(ISBLANK('Financial Inputs'!H52),\"\",'Financial Inputs'!H52)","v":""},{"$f":"IF(ISBLANK('Financial Inputs'!I52),\"\",'Financial Inputs'!I52)","v":""},{"$f":"IF(ISBLANK('Financial Inputs'!J52),\"\",'Financial Inputs'!J52)","v":""},{"$f":"IF(ISBLANK('Financial Inputs'!K52),\"\",'Financial Inputs'!K52)","v":""},{"$f":"IF(ISBLANK('Financial Inputs'!L52),\"\",'Financial Inputs'!L52)","v":""},{"$f":"IF(ISBLANK('Financial Inputs'!M52),\"\",'Financial Inputs'!M52)","v":""},{"$f":"IF(ISBLANK('Financial Inputs'!N52),\"\",'Financial Inputs'!N52)","v":""}]
[null,"f. Total Current Liabilities",{"$f":"IF(ISBLANK('Financial Inputs'!C53),\"\",'Financial Inputs'!C53)","v":""},{"$f":"IF(ISBLANK('Financial Inputs'!D53),\"\",'Financial Inputs'!D53)","v":""},{"$f":"IF(ISBLANK('Financial Inputs'!E53),\"\",'Financial Inputs'!E53)","v":""},{"$f":"IF(ISBLANK('Financial Inputs'!F53),\"\",'Financial Inputs'!F53)","v":""},{"$f":"IF(ISBLANK('Financial Inputs'!G53),\"\",'Financial Inputs'!G53)","v":""},{"$f":"IF(ISBLANK('Financial Inputs'!H53),\"\",'Financial Inputs'!H53)","v":""},{"$f":"IF(ISBLANK('Financial Inputs'!I53),\"\",'Financial Inputs'!I53)","v":""},{"$f":"IF(ISBLANK('Financial Inputs'!J53),\"\",'Financial Inputs'!J53)","v":""},{"$f":"IF(ISBLANK('Financial Inputs'!K53),\"\",'Financial Inputs'!K53)","v":""},{"$f":"IF(ISBLANK('Financial Inputs'!L53),\"\",'Financial Inputs'!L53)","v":""},{"$f":"IF(ISBLANK('Financial Inputs'!M53),\"\",'Financial Inputs'!M53)","v":""},{"$f":"IF(ISBLANK('Financial Inputs'!N53),\"\",'Financial Inputs'!N53)","v":""}]
[null,"g. Total Liabilities",{"$f":"IF(ISBLANK('Financial Inputs'!C54),\"\",'Financial Inputs'!C54)","v":""},{"$f":"IF(ISBLANK('Financial Inputs'!D54),\"\",'Financial Inputs'!D54)","v":""},{"$f":"IF(ISBLANK('Financial Inputs'!E54),\"\",'Financial Inputs'!E54)","v":""},{"$f":"IF(ISBLANK('Financial Inputs'!F54),\"\",'Financial Inputs'!F54)","v":""},{"$f":"IF(ISBLANK('Financial Inputs'!G54),\"\",'Financial Inputs'!G54)","v":""},{"$f":"IF(ISBLANK('Financial Inputs'!H54),\"\",'Financial Inputs'!H54)","v":""},{"$f":"IF(ISBLANK('Financial Inputs'!I54),\"\",'Financial Inputs'!I54)","v":""},{"$f":"IF(ISBLANK('Financial Inputs'!J54),\"\",'Financial Inputs'!J54)","v":""},{"$f":"IF(ISBLANK('Financial Inputs'!K54),\"\",'Financial Inputs'!K54)","v":""},{"$f":"IF(ISBLANK('Financial Inputs'!L54),\"\",'Financial Inputs'!L54)","v":""},{"$f":"IF(ISBLANK('Financial Inputs'!M54),\"\",'Financial Inputs'!M54)","v":""},{"$f":"IF(ISBLANK('Financial Inputs'!N54),\"\",'Financial Inputs'!N54)","v":""}]
[null,"h. Total Liabilities and Stockholders' Equity",{"$f":"IF(ISBLANK('Financial Inputs'!C55),\"\",'Financial Inputs'!C55)","v":""},{"$f":"IF(ISBLANK('Financial Inputs'!D55),\"\",'Financial Inputs'!D55)","v":""},{"$f":"IF(ISBLANK('Financial Inputs'!E55),\"\",'Financial Inputs'!E55)","v":""},{"$f":"IF(ISBLANK('Financial Inputs'!F55),\"\",'Financial Inputs'!F55)","v":""},{"$f":"IF(ISBLANK('Financial Inputs'!G55),\"\",'Financial Inputs'!G55)","v":""},{"$f":"IF(ISBLANK('Financial Inputs'!H55),\"\",'Financial Inputs'!H55)","v":""},{"$f":"IF(ISBLANK('Financial Inputs'!I55),\"\",'Financial Inputs'!I55)","v":""},{"$f":"IF(ISBLANK('Financial Inputs'!J55),\"\",'Financial Inputs'!J55)","v":""},{"$f":"IF(ISBLANK('Financial Inputs'!K55),\"\",'Financial Inputs'!K55)","v":""},{"$f":"IF(ISBLANK('Financial Inputs'!L55),\"\",'Financial Inputs'!L55)","v":""},{"$f":"IF(ISBLANK('Financial Inputs'!M55),\"\",'Financial Inputs'!M55)","v":""},{"$f":"IF(ISBLANK('Financial Inputs'!N55),\"\",'Financial Inputs'!N55)","v":""}]
[]
[null,"Historical Monthly Financial Data in Dollars for:",{"$f":"IF(ISBLANK('General Inputs'!$C$14),\"--\",'General Inputs'!$C$14-4)","v":"--"}]
[]
[null,"Year",{"$f":"$C57","v":"--"},{"$f":"$C57","v":"--"},"--","--","--","--","--","--","--","--","--","--"]
[null,"Month",1,2,3,4,5,6,7,8,9,10,11,12]
[null,{"$f":"B48","v":"a. Total Revenues Less Returns and Allowances"},{"$f":"IF(ISBLANK('Financial Inputs'!C61),\"\",'Financial Inputs'!C61)","v":""},{"$f":"IF(ISBLANK('Financial Inputs'!D61),\"\",'Financial Inputs'!D61)","v":""},{"$f":"IF(ISBLANK('Financial Inputs'!E61),\"\",'Financial Inputs'!E61)","v":""},{"$f":"IF(ISBLANK('Financial Inputs'!F61),\"\",'Financial Inputs'!F61)","v":""},{"$f":"IF(ISBLANK('Financial Inputs'!G61),\"\",'Financial Inputs'!G61)","v":""},{"$f":"IF(ISBLANK('Financial Inputs'!H61),\"\",'Financial Inputs'!H61)","v":""},{"$f":"IF(ISBLANK('Financial Inputs'!I61),\"\",'Financial Inputs'!I61)","v":""},{"$f":"IF(ISBLANK('Financial Inputs'!J61),\"\",'Financial Inputs'!J61)","v":""},{"$f":"IF(ISBLANK('Financial Inputs'!K61),\"\",'Financial Inputs'!K61)","v":""},{"$f":"IF(ISBLANK('Financial Inputs'!L61),\"\",'Financial Inputs'!L61)","v":""},{"$f":"IF(ISBLANK('Financial Inputs'!M61),\"\",'Financial Inputs'!M61)","v":""},{"$f":"IF(ISBLANK('Financial Inputs'!N61),\"\",'Financial Inputs'!N61)","v":""}]
[null,"b. Cost of Goods Sold",{"$f":"IF(ISBLANK('Financial Inputs'!C62),\"\",'Financial Inputs'!C62)","v":""},{"$f":"IF(ISBLANK('Financial Inputs'!D62),\"\",'Financial Inputs'!D62)","v":""},{"$f":"IF(ISBLANK('Financial Inputs'!E62),\"\",'Financial Inputs'!E62)","v":""},{"$f":"IF(ISBLANK('Financial Inputs'!F62),\"\",'Financial Inputs'!F62)","v":""},{"$f":"IF(ISBLANK('Financial Inputs'!G62),\"\",'Financial Inputs'!G62)","v":""},{"$f":"IF(ISBLANK('Financial Inputs'!H62),\"\",'Financial Inputs'!H62)","v":""},{"$f":"IF(ISBLANK('Financial Inputs'!I62),\"\",'Financial Inputs'!I62)","v":""},{"$f":"IF(ISBLANK('Financial Inputs'!J62),\"\",'Financial Inputs'!J62)","v":""},{"$f":"IF(ISBLANK('Financial Inputs'!K62),\"\",'Financial Inputs'!K62)","v":""},{"$f":"IF(ISBLANK('Financial Inputs'!L62),\"\",'Financial Inputs'!L62)","v":""},{"$f":"IF(ISBLANK('Financial Inputs'!M62),\"\",'Financial Inputs'!M62)","v":""},{"$f":"IF(ISBLANK('Financial Inputs'!N62),\"\",'Financial Inputs'!N62)","v":""}]
[null,"c. Depreciation, Depletion, and Amortization",{"$f":"IF(ISBLANK('Financial Inputs'!C63),\"\",'Financial Inputs'!C63)","v":""},{"$f":"IF(ISBLANK('Financial Inputs'!D63),\"\",'Financial Inputs'!D63)","v":""},{"$f":"IF(ISBLANK('Financial Inputs'!E63),\"\",'Financial Inputs'!E63)","v":""},{"$f":"IF(ISBLANK('Financial Inputs'!F63),\"\",'Financial Inputs'!F63)","v":""},{"$f":"IF(ISBLANK('Financial Inputs'!G63),\"\",'Financial Inputs'!G63)","v":""},{"$f":"IF(ISBLANK('Financial Inputs'!H63),\"\",'Financial Inputs'!H63)","v":""},{"$f":"IF(ISBLANK('Financial Inputs'!I63),\"\",'Financial Inputs'!I63)","v":""},{"$f":"IF(ISBLANK('Financial Inputs'!J63),\"\",'Financial Inputs'!J63)","v":""},{"$f":"IF(ISBLANK('Financial Inputs'!K63),\"\",'Financial Inputs'!K63)","v":""},{"$f":"IF(ISBLANK('Financial Inputs'!L63),\"\",'Financial Inputs'!L63)","v":""},{"$f":"IF(ISBLANK('Financial Inputs'!M63),\"\",'Financial Inputs'!M63)","v":""},{"$f":"IF(ISBLANK('Financial Inputs'!N63),\"\",'Financial Inputs'!N63)","v":""}]
[null,"d. Net Income Before Taxes",{"$f":"IF(ISBLANK('Financial Inputs'!C64),\"\",'Financial Inputs'!C64)","v":""},{"$f":"IF(ISBLANK('Financial Inputs'!D64),\"\",'Financial Inputs'!D64)","v":""},{"$f":"IF(ISBLANK('Financial Inputs'!E64),\"\",'Financial Inputs'!E64)","v":""},{"$f":"IF(ISBLANK('Financial Inputs'!F64),\"\",'Financial Inputs'!F64)","v":""},{"$f":"IF(ISBLANK('Financial Inputs'!G64),\"\",'Financial Inputs'!G64)","v":""},{"$f":"IF(ISBLANK('Financial Inputs'!H64),\"\",'Financial Inputs'!H64)","v":""},{"$f":"IF(ISBLANK('Financial Inputs'!I64),\"\",'Financial Inputs'!I64)","v":""},{"$f":"IF(ISBLANK('Financial Inputs'!J64),\"\",'Financial Inputs'!J64)","v":""},{"$f":"IF(ISBLANK('Financial Inputs'!K64),\"\",'Financial Inputs'!K64)","v":""},{"$f":"IF(ISBLANK('Financial Inputs'!L64),\"\",'Financial Inputs'!L64)","v":""},{"$f":"IF(ISBLANK('Financial Inputs'!M64),\"\",'Financial Inputs'!M64)","v":""},{"$f":"IF(ISBLANK('Financial Inputs'!N64),\"\",'Financial Inputs'!N64)","v":""}]
[null,"e. Total Current Assets",{"$f":"IF(ISBLANK('Financial Inputs'!C65),\"\",'Financial Inputs'!C65)","v":""},{"$f":"IF(ISBLANK('Financial Inputs'!D65),\"\",'Financial Inputs'!D65)","v":""},{"$f":"IF(ISBLANK('Financial Inputs'!E65),\"\",'Financial Inputs'!E65)","v":""},{"$f":"IF(ISBLANK('Financial Inputs'!F65),\"\",'Financial Inputs'!F65)","v":""},{"$f":"IF(ISBLANK('Financial Inputs'!G65),\"\",'Financial Inputs'!G65)","v":""},{"$f":"IF(ISBLANK('Financial Inputs'!H65),\"\",'Financial Inputs'!H65)","v":""},{"$f":"IF(ISBLANK('Financial Inputs'!I65),\"\",'Financial Inputs'!I65)","v":""},{"$f":"IF(ISBLANK('Financial Inputs'!J65),\"\",'Financial Inputs'!J65)","v":""},{"$f":"IF(ISBLANK('Financial Inputs'!K65),\"\",'Financial Inputs'!K65)","v":""},{"$f":"IF(ISBLANK('Financial Inputs'!L65),\"\",'Financial Inputs'!L65)","v":""},{"$f":"IF(ISBLANK('Financial Inputs'!M65),\"\",'Financial Inputs'!M65)","v":""},{"$f":"IF(ISBLANK('Financial Inputs'!N65),\"\",'Financial Inputs'!N65)","v":""}]
[null,"f. Total Current Liabilities",{"$f":"IF(ISBLANK('Financial Inputs'!C66),\"\",'Financial Inputs'!C66)","v":""},{"$f":"IF(ISBLANK('Financial Inputs'!D66),\"\",'Financial Inputs'!D66)","v":""},{"$f":"IF(ISBLANK('Financial Inputs'!E66),\"\",'Financial Inputs'!E66)","v":""},{"$f":"IF(ISBLANK('Financial Inputs'!F66),\"\",'Financial Inputs'!F66)","v":""},{"$f":"IF(ISBLANK('Financial Inputs'!G66),\"\",'Financial Inputs'!G66)","v":""},{"$f":"IF(ISBLANK('Financial Inputs'!H66),\"\",'Financial Inputs'!H66)","v":""},{"$f":"IF(ISBLANK('Financial Inputs'!I66),\"\",'Financial Inputs'!I66)","v":""},{"$f":"IF(ISBLANK('Financial Inputs'!J66),\"\",'Financial Inputs'!J66)","v":""},{"$f":"IF(ISBLANK('Financial Inputs'!K66),\"\",'Financial Inputs'!K66)","v":""},{"$f":"IF(ISBLANK('Financial Inputs'!L66),\"\",'Financial Inputs'!L66)","v":""},{"$f":"IF(ISBLANK('Financial Inputs'!M66),\"\",'Financial Inputs'!M66)","v":""},{"$f":"IF(ISBLANK('Financial Inputs'!N66),\"\",'Financial Inputs'!N66)","v":""}]
[null,"g. Total Liabilities",{"$f":"IF(ISBLANK('Financial Inputs'!C67),\"\",'Financial Inputs'!C67)","v":""},{"$f":"IF(ISBLANK('Financial Inputs'!D67),\"\",'Financial Inputs'!D67)","v":""},{"$f":"IF(ISBLANK('Financial Inputs'!E67),\"\",'Financial Inputs'!E67)","v":""},{"$f":"IF(ISBLANK('Financial Inputs'!F67),\"\",'Financial Inputs'!F67)","v":""},{"$f":"IF(ISBLANK('Financial Inputs'!G67),\"\",'Financial Inputs'!G67)","v":""},{"$f":"IF(ISBLANK('Financial Inputs'!H67),\"\",'Financial Inputs'!H67)","v":""},{"$f":"IF(ISBLANK('Financial Inputs'!I67),\"\",'Financial Inputs'!I67)","v":""},{"$f":"IF(ISBLANK('Financial Inputs'!J67),\"\",'Financial Inputs'!J67)","v":""},{"$f":"IF(ISBLANK('Financial Inputs'!K67),\"\",'Financial Inputs'!K67)","v":""},{"$f":"IF(ISBLANK('Financial Inputs'!L67),\"\",'Financial Inputs'!L67)","v":""},{"$f":"IF(ISBLANK('Financial Inputs'!M67),\"\",'Financial Inputs'!M67)","v":""},{"$f":"IF(ISBLANK('Financial Inputs'!N67),\"\",'Financial Inputs'!N67)","v":""}]
[null,"h. Total Liabilities and Stockholders' Equity",{"$f":"IF(ISBLANK('Financial Inputs'!C68),\"\",'Financial Inputs'!C68)","v":""},{"$f":"IF(ISBLANK('Financial Inputs'!D68),\"\",'Financial Inputs'!D68)","v":""},{"$f":"IF(ISBLANK('Financial Inputs'!E68),\"\",'Financial Inputs'!E68)","v":""},{"$f":"IF(ISBLANK('Financial Inputs'!F68),\"\",'Financial Inputs'!F68)","v":""},{"$f":"IF(ISBLANK('Financial Inputs'!G68),\"\",'Financial Inputs'!G68)","v":""},{"$f":"IF(ISBLANK('Financial Inputs'!H68),\"\",'Financial Inputs'!H68)","v":""},{"$f":"IF(ISBLANK('Financial Inputs'!I68),\"\",'Financial Inputs'!I68)","v":""},{"$f":"IF(ISBLANK('Financial Inputs'!J68),\"\",'Financial Inputs'!J68)","v":""},{"$f":"IF(ISBLANK('Financial Inputs'!K68),\"\",'Financial Inputs'!K68)","v":""},{"$f":"IF(ISBLANK('Financial Inputs'!L68),\"\",'Financial Inputs'!L68)","v":""},{"$f":"IF(ISBLANK('Financial Inputs'!M68),\"\",'Financial Inputs'!M68)","v":""},{"$f":"IF(ISBLANK('Financial Inputs'!N68),\"\",'Financial Inputs'!N68)","v":""}]
[]
[null,"Historical Monthly Financial Data in Dollars for:",{"$f":"IF(ISBLANK('General Inputs'!$C$14),\"--\",'General Inputs'!$C$14-5)","v":"--"}]
[]
[null,"Year",{"$f":"$C70","v":"--"},{"$f":"$C70","v":"--"},{"$f":"$C70","v":"--"},{"$f":"$C70","v":"--"},{"$f":"$C70","v":"--"},{"$f":"$C70","v":"--"},"--","--","--","--","--","--"]
[null,"Month",1,2,3,4,5,6,7,8,9,10,11,12]
[null,{"$f":"B61","v":"a. Total Revenues Less Returns and Allowances"},{"$f":"IF(ISBLANK('Financial Inputs'!C74),\"\",'Financial Inputs'!C74)","v":""},{"$f":"IF(ISBLANK('Financial Inputs'!D74),\"\",'Financial Inputs'!D74)","v":""},{"$f":"IF(ISBLANK('Financial Inputs'!E74),\"\",'Financial Inputs'!E74)","v":""},{"$f":"IF(ISBLANK('Financial Inputs'!F74),\"\",'Financial Inputs'!F74)","v":""},{"$f":"IF(ISBLANK('Financial Inputs'!G74),\"\",'Financial Inputs'!G74)","v":""},{"$f":"IF(ISBLANK('Financial Inputs'!H74),\"\",'Financial Inputs'!H74)","v":""},{"$f":"IF(ISBLANK('Financial Inputs'!I74),\"\",'Financial Inputs'!I74)","v":""},{"$f":"IF(ISBLANK('Financial Inputs'!J74),\"\",'Financial Inputs'!J74)","v":""},{"$f":"IF(ISBLANK('Financial Inputs'!K74),\"\",'Financial Inputs'!K74)","v":""},{"$f":"IF(ISBLANK('Financial Inputs'!L74),\"\",'Financial Inputs'!L74)","v":""},{"$f":"IF(ISBLANK('Financial Inputs'!M74),\"\",'Financial Inputs'!M74)","v":""},{"$f":"IF(ISBLANK('Financial Inputs'!N74),\"\",'Financial Inputs'!N74)","v":""}]
[null,"b. Cost of Goods Sold",{"$f":"IF(ISBLANK('Financial Inputs'!C75),\"\",'Financial Inputs'!C75)","v":""},{"$f":"IF(ISBLANK('Financial Inputs'!D75),\"\",'Financial Inputs'!D75)","v":""},{"$f":"IF(ISBLANK('Financial Inputs'!E75),\"\",'Financial Inputs'!E75)","v":""},{"$f":"IF(ISBLANK('Financial Inputs'!F75),\"\",'Financial Inputs'!F75)","v":""},{"$f":"IF(ISBLANK('Financial Inputs'!G75),\"\",'Financial Inputs'!G75)","v":""},{"$f":"IF(ISBLANK('Financial Inputs'!H75),\"\",'Financial Inputs'!H75)","v":""},{"$f":"IF(ISBLANK('Financial Inputs'!I75),\"\",'Financial Inputs'!I75)","v":""},{"$f":"IF(ISBLANK('Financial Inputs'!J75),\"\",'Financial Inputs'!J75)","v":""},{"$f":"IF(ISBLANK('Financial Inputs'!K75),\"\",'Financial Inputs'!K75)","v":""},{"$f":"IF(ISBLANK('Financial Inputs'!L75),\"\",'Financial Inputs'!L75)","v":""},{"$f":"IF(ISBLANK('Financial Inputs'!M75),\"\",'Financial Inputs'!M75)","v":""},{"$f":"IF(ISBLANK('Financial Inputs'!N75),\"\",'Financial Inputs'!N75)","v":""}]
[null,"c. Depreciation, Depletion, and Amortization",{"$f":"IF(ISBLANK('Financial Inputs'!C76),\"\",'Financial Inputs'!C76)","v":""},{"$f":"IF(ISBLANK('Financial Inputs'!D76),\"\",'Financial Inputs'!D76)","v":""},{"$f":"IF(ISBLANK('Financial Inputs'!E76),\"\",'Financial Inputs'!E76)","v":""},{"$f":"IF(ISBLANK('Financial Inputs'!F76),\"\",'Financial Inputs'!F76)","v":""},{"$f":"IF(ISBLANK('Financial Inputs'!G76),\"\",'Financial Inputs'!G76)","v":""},{"$f":"IF(ISBLANK('Financial Inputs'!H76),\"\",'Financial Inputs'!H76)","v":""},{"$f":"IF(ISBLANK('Financial Inputs'!I76),\"\",'Financial Inputs'!I76)","v":""},{"$f":"IF(ISBLANK('Financial Inputs'!J76),\"\",'Financial Inputs'!J76)","v":""},{"$f":"IF(ISBLANK('Financial Inputs'!K76),\"\",'Financial Inputs'!K76)","v":""},{"$f":"IF(ISBLANK('Financial Inputs'!L76),\"\",'Financial Inputs'!L76)","v":""},{"$f":"IF(ISBLANK('Financial Inputs'!M76),\"\",'Financial Inputs'!M76)","v":""},{"$f":"IF(ISBLANK('Financial Inputs'!N76),\"\",'Financial Inputs'!N76)","v":""}]
[null,"d. Net Income Before Taxes",{"$f":"IF(ISBLANK('Financial Inputs'!C77),\"\",'Financial Inputs'!C77)","v":""},{"$f":"IF(ISBLANK('Financial Inputs'!D77),\"\",'Financial Inputs'!D77)","v":""},{"$f":"IF(ISBLANK('Financial Inputs'!E77),\"\",'Financial Inputs'!E77)","v":""},{"$f":"IF(ISBLANK('Financial Inputs'!F77),\"\",'Financial Inputs'!F77)","v":""},{"$f":"IF(ISBLANK('Financial Inputs'!G77),\"\",'Financial Inputs'!G77)","v":""},{"$f":"IF(ISBLANK('Financial Inputs'!H77),\"\",'Financial Inputs'!H77)","v":""},{"$f":"IF(ISBLANK('Financial Inputs'!I77),\"\",'Financial Inputs'!I77)","v":""},{"$f":"IF(ISBLANK('Financial Inputs'!J77),\"\",'Financial Inputs'!J77)","v":""},{"$f":"IF(ISBLANK('Financial Inputs'!K77),\"\",'Financial Inputs'!K77)","v":""},{"$f":"IF(ISBLANK('Financial Inputs'!L77),\"\",'Financial Inputs'!L77)","v":""},{"$f":"IF(ISBLANK('Financial Inputs'!M77),\"\",'Financial Inputs'!M77)","v":""},{"$f":"IF(ISBLANK('Financial Inputs'!N77),\"\",'Financial Inputs'!N77)","v":""}]
[null,"e. Total Current Assets",{"$f":"IF(ISBLANK('Financial Inputs'!C78),\"\",'Financial Inputs'!C78)","v":""},{"$f":"IF(ISBLANK('Financial Inputs'!D78),\"\",'Financial Inputs'!D78)","v":""},{"$f":"IF(ISBLANK('Financial Inputs'!E78),\"\",'Financial Inputs'!E78)","v":""},{"$f":"IF(ISBLANK('Financial Inputs'!F78),\"\",'Financial Inputs'!F78)","v":""},{"$f":"IF(ISBLANK('Financial Inputs'!G78),\"\",'Financial Inputs'!G78)","v":""},{"$f":"IF(ISBLANK('Financial Inputs'!H78),\"\",'Financial Inputs'!H78)","v":""},{"$f":"IF(ISBLANK('Financial Inputs'!I78),\"\",'Financial Inputs'!I78)","v":""},{"$f":"IF(ISBLANK('Financial Inputs'!J78),\"\",'Financial Inputs'!J78)","v":""},{"$f":"IF(ISBLANK('Financial Inputs'!K78),\"\",'Financial Inputs'!K78)","v":""},{"$f":"IF(ISBLANK('Financial Inputs'!L78),\"\",'Financial Inputs'!L78)","v":""},{"$f":"IF(ISBLANK('Financial Inputs'!M78),\"\",'Financial Inputs'!M78)","v":""},{"$f":"IF(ISBLANK('Financial Inputs'!N78),\"\",'Financial Inputs'!N78)","v":""}]
[null,"f. Total Current Liabilities",{"$f":"IF(ISBLANK('Financial Inputs'!C79),\"\",'Financial Inputs'!C79)","v":""},{"$f":"IF(ISBLANK('Financial Inputs'!D79),\"\",'Financial Inputs'!D79)","v":""},{"$f":"IF(ISBLANK('Financial Inputs'!E79),\"\",'Financial Inputs'!E79)","v":""},{"$f":"IF(ISBLANK('Financial Inputs'!F79),\"\",'Financial Inputs'!F79)","v":""},{"$f":"IF(ISBLANK('Financial Inputs'!G79),\"\",'Financial Inputs'!G79)","v":""},{"$f":"IF(ISBLANK('Financial Inputs'!H79),\"\",'Financial Inputs'!H79)","v":""},{"$f":"IF(ISBLANK('Financial Inputs'!I79),\"\",'Financial Inputs'!I79)","v":""},{"$f":"IF(ISBLANK('Financial Inputs'!J79),\"\",'Financial Inputs'!J79)","v":""},{"$f":"IF(ISBLANK('Financial Inputs'!K79),\"\",'Financial Inputs'!K79)","v":""},{"$f":"IF(ISBLANK('Financial Inputs'!L79),\"\",'Financial Inputs'!L79)","v":""},{"$f":"IF(ISBLANK('Financial Inputs'!M79),\"\",'Financial Inputs'!M79)","v":""},{"$f":"IF(ISBLANK('Financial Inputs'!N79),\"\",'Financial Inputs'!N79)","v":""}]
[null,"g. Total Liabilities",{"$f":"IF(ISBLANK('Financial Inputs'!C80),\"\",'Financial Inputs'!C80)","v":""},{"$f":"IF(ISBLANK('Financial Inputs'!D80),\"\",'Financial Inputs'!D80)","v":""},{"$f":"IF(ISBLANK('Financial Inputs'!E80),\"\",'Financial Inputs'!E80)","v":""},{"$f":"IF(ISBLANK('Financial Inputs'!F80),\"\",'Financial Inputs'!F80)","v":""},{"$f":"IF(ISBLANK('Financial Inputs'!G80),\"\",'Financial Inputs'!G80)","v":""},{"$f":"IF(ISBLANK('Financial Inputs'!H80),\"\",'Financial Inputs'!H80)","v":""},{"$f":"IF(ISBLANK('Financial Inputs'!I80),\"\",'Financial Inputs'!I80)","v":""},{"$f":"IF(ISBLANK('Financial Inputs'!J80),\"\",'Financial Inputs'!J80)","v":""},{"$f":"IF(ISBLANK('Financial Inputs'!K80),\"\",'Financial Inputs'!K80)","v":""},{"$f":"IF(ISBLANK('Financial Inputs'!L80),\"\",'Financial Inputs'!L80)","v":""},{"$f":"IF(ISBLANK('Financial Inputs'!M80),\"\",'Financial Inputs'!M80)","v":""},{"$f":"IF(ISBLANK('Financial Inputs'!N80),\"\",'Financial Inputs'!N80)","v":""}]
[null,"h. Total Liabilities and Stockholders' Equity",{"$f":"IF(ISBLANK('Financial Inputs'!C81),\"\",'Financial Inputs'!C81)","v":""},{"$f":"IF(ISBLANK('Financial Inputs'!D81),\"\",'Financial Inputs'!D81)","v":""},{"$f":"IF(ISBLANK('Financial Inputs'!E81),\"\",'Financial Inputs'!E81)","v":""},{"$f":"IF(ISBLANK('Financial Inputs'!F81),\"\",'Financial Inputs'!F81)","v":""},{"$f":"IF(ISBLANK('Financial Inputs'!G81),\"\",'Financial Inputs'!G81)","v":""},{"$f":"IF(ISBLANK('Financial Inputs'!H81),\"\",'Financial Inputs'!H81)","v":""},{"$f":"IF(ISBLANK('Financial Inputs'!I81),\"\",'Financial Inputs'!I81)","v":""},{"$f":"IF(ISBLANK('Financial Inputs'!J81),\"\",'Financial Inputs'!J81)","v":""},{"$f":"IF(ISBLANK('Financial Inputs'!K81),\"\",'Financial Inputs'!K81)","v":""},{"$f":"IF(ISBLANK('Financial Inputs'!L81),\"\",'Financial Inputs'!L81)","v":""},{"$f":"IF(ISBLANK('Financial Inputs'!M81),\"\",'Financial Inputs'!M81)","v":""},{"$f":"IF(ISBLANK('Financial Inputs'!N81),\"\",'Financial Inputs'!N81)","v":""}]

{"sheet":"OUTPUTS -->","index":8,"n_rows":3,"n_cols":2,"rows_kept":3}
[null,"ATP TOOL FOR PARTIAL-YEAR DATA FOR BUSINESSES"]
[]
[null,"[This tab is intentioanlly blank; it is merely a placeholder to indicate the following group of \"OUTPUTS\" tabs in this workbook.]"]

{"sheet":"Financial Profile Monthly","index":9,"n_rows":37,"n_cols":74,"rows_kept":37}
[null,"ATP TOOL FOR PARTIAL-YEAR DATA FOR BUSINESSES"]
[]
[null,"Financial Profile: Monthly Financial Statements"]
[]
[null,null,{"$f":"'Financial Inputs'!$C$70","v":"--"},{"$f":"'Financial Inputs'!$C$70","v":"--"},{"$f":"'Financial Inputs'!$C$70","v":"--"},{"$f":"'Financial Inputs'!$C$70","v":"--"},{"$f":"'Financial Inputs'!$C$70","v":"--"},{"$f":"'Financial Inputs'!$C$70","v":"--"},{"$f":"'Financial Inputs'!$C$70","v":"--"},{"$f":"'Financial Inputs'!$C$70","v":"--"},{"$f":"'Financial Inputs'!$C$70","v":"--"},{"$f":"'Financial Inputs'!$C$70","v":"--"},{"$f":"'Financial Inputs'!$C$70","v":"--"},{"$f":"'Financial Inputs'!$C$70","v":"--"},{"$f":"'Financial Inputs'!$C$57","v":"--"},{"$f":"'Financial Inputs'!$C$57","v":"--"},{"$f":"'Financial Inputs'!$C$57","v":"--"},{"$f":"'Financial Inputs'!$C$57","v":"--"},{"$f":"'Financial Inputs'!$C$57","v":"--"},{"$f":"'Financial Inputs'!$C$57","v":"--"},{"$f":"'Financial Inputs'!$C$57","v":"--"},{"$f":"'Financial Inputs'!$C$57","v":"--"},{"$f":"'Financial Inputs'!$C$57","v":"--"},{"$f":"'Financial Inputs'!$C$57","v":"--"},{"$f":"'Financial Inputs'!$C$57","v":"--"},{"$f":"'Financial Inputs'!$C$57","v":"--"},{"$f":"'Financial Inputs'!$C$44","v":"--"},{"$f":"'Financial Inputs'!$C$44","v":"--"},{"$f":"'Financial Inputs'!$C$44","v":"--"},{"$f":"'Financial Inputs'!$C$44","v":"--"},{"$f":"'Financial Inputs'!$C$44","v":"--"},{"$f":"'Financial Inputs'!$C$44","v":"--"},{"$f":"'Financial Inputs'!$C$44","v":"--"},{"$f":"'Financial Inputs'!$C$44","v":"--"},{"$f":"'Financial Inputs'!$C$44","v":"--"},{"$f":"'Financial Inputs'!$C$44","v":"--"},{"$f":"'Financial Inputs'!$C$44","v":"--"},{"$f":"'Financial Inputs'!$C$44","v":"--"},{"$f":"'Financial Inputs'!$C$31","v":"--"},{"$f":"'Financial Inputs'!$C$31","v":"--"},{"$f":"'Financial Inputs'!$C$31","v":"--"},{"$f":"'Financial Inputs'!$C$31","v":"--"},{"$f":"'Financial Inputs'!$C$31","v":"--"},{"$f":"'Financial Inputs'!$C$31","v":"--"},{"$f":"'Financial Inputs'!$C$31","v":"--"},{"$f":"'Financial Inputs'!$C$31","v":"--"},{"$f":"'Financial Inputs'!$C$31","v":"--"},{"$f":"'Financial Inputs'!$C$31","v":"--"},{"$f":"'Financial Inputs'!$C$31","v":"--"},{"$f":"'Financial Inputs'!$C$31","v":"--"},{"$f":"'Financial Inputs'!$C$18","v":"--"},{"$f":"'Financial Inputs'!$C$18","v":"--"},{"$f":"'Financial Inputs'!$C$18","v":"--"},{"$f":"'Financial Inputs'!$C$18","v":"--"},{"$f":"'Financial Inputs'!$C$18","v":"--"},{"$f":"'Financial Inputs'!$C$18","v":"--"},{"$f":"'Financial Inputs'!$C$18","v":"--"},{"$f":"'Financial Inputs'!$C$18","v":"--"},{"$f":"'Financial Inputs'!$C$18","v":"--"},{"$f":"'Financial Inputs'!$C$18","v":"--"},{"$f":"'Financial Inputs'!$C$18","v":"--"},{"$f":"'Financial Inputs'!$C$18","v":"--"},{"$f":"'Financial Inputs'!$C$5","v":"--"},{"$f":"'Financial Inputs'!$C$5","v":"--"},{"$f":"'Financial Inputs'!$C$5","v":"--"},{"$f":"'Financial Inputs'!$C$5","v":"--"},{"$f":"'Financial Inputs'!$C$5","v":"--"},{"$f":"'Financial Inputs'!$C$5","v":"--"},{"$f":"'Financial Inputs'!$C$5","v":"--"},{"$f":"'Financial Inputs'!$C$5","v":"--"},{"$f":"'Financial Inputs'!$C$5","v":"--"},{"$f":"'Financial Inputs'!$C$5","v":"--"},{"$f":"'Financial Inputs'!$C$5","v":"--"},{"$f":"'Financial Inputs'!$C$5","v":"--"}]
[null,"Monthly results in dollars as of",1,2,3,4,5,6,7,8,9,10,11,12,1,2,3,4,5,6,7,8,9,10,11,12,1,2,3,4,5,6,7,8,9,10,11,12,1,2,3,4,5,6,7,8,9,10,11,12,1,2,3,4,5,6,7,8,9,10,11,12,1,2,3,4,5,6,7,8,9,10,11,12]
[]
[null,"Balance Sheet"]
[]
[null,"Assets"]
[null,"Total Current Assets",{"$f":"'Financial Inputs Clean'!C78","v":""},{"$f":"'Financial Inputs Clean'!D78","v":""},{"$f":"'Financial Inputs Clean'!E78","v":""},{"$f":"'Financial Inputs Clean'!F78","v":""},{"$f":"'Financial Inputs Clean'!G78","v":""},{"$f":"'Financial Inputs Clean'!H78","v":""},{"$f":"'Financial Inputs Clean'!I78","v":""},{"$f":"'Financial Inputs Clean'!J78","v":""},{"$f":"'Financial Inputs Clean'!K78","v":""},{"$f":"'Financial Inputs Clean'!L78","v":""},{"$f":"'Financial Inputs Clean'!M78","v":""},{"$f":"'Financial Inputs Clean'!N78","v":""},{"$f":"'Financial Inputs Clean'!C65","v":""},{"$f":"'Financial Inputs Clean'!D65","v":""},{"$f":"'Financial Inputs Clean'!E65","v":""},{"$f":"'Financial Inputs Clean'!F65","v":""},{"$f":"'Financial Inputs Clean'!G65","v":""},{"$f":"'Financial Inputs Clean'!H65","v":""},{"$f":"'Financial Inputs Clean'!I65","v":""},{"$f":"'Financial Inputs Clean'!J65","v":""},{"$f":"'Financial Inputs Clean'!K65","v":""},{"$f":"'Financial Inputs Clean'!L65","v":""},{"$f":"'Financial Inputs Clean'!M65","v":""},{"$f":"'Financial Inputs Clean'!N65","v":""},{"$f":"'Financial Inputs Clean'!C52","v":""},{"$f":"'Financial Inputs Clean'!D52","v":""},{"$f":"'Financial Inputs Clean'!E52","v":""},{"$f":"'Financial Inputs Clean'!F52","v":""},{"$f":"'Financial Inputs Clean'!G52","v":""},{"$f":"'Financial Inputs Clean'!H52","v":""},{"$f":"'Financial Inputs Clean'!I52","v":""},{"$f":"'Financial Inputs Clean'!J52","v":""},{"$f":"'Financial Inputs Clean'!K52","v":""},{"$f":"'Financial Inputs Clean'!L52","v":""},{"$f":"'Financial Inputs Clean'!M52","v":""},{"$f":"'Financial Inputs Clean'!N52","v":""},{"$f":"'Financial Inputs Clean'!C39","v":""},{"$f":"'Financial Inputs Clean'!D39","v":""},{"$f":"'Financial Inputs Clean'!E39","v":""},{"$f":"'Financial Inputs Clean'!F39","v":""},{"$f":"'Financial Inputs Clean'!G39","v":""},{"$f":"'Financial Inputs Clean'!H39","v":""},{"$f":"'Financial Inputs Clean'!I39","v":""},{"$f":"'Financial Inputs Clean'!J39","v":""},{"$f":"'Financial Inputs Clean'!K39","v":""},{"$f":"'Financial Inputs Clean'!L39","v":""},{"$f":"'Financial Inputs Clean'!M39","v":""},{"$f":"'Financial Inputs Clean'!N39","v":""},{"$f":"'Financial Inputs Clean'!C26","v":""},{"$f":"'Financial Inputs Clean'!D26","v":""},{"$f":"'Financial Inputs Clean'!E26","v":""},{"$f":"'Financial Inputs Clean'!F26","v":""},{"$f":"'Financial Inputs Clean'!G26","v":""},{"$f":"'Financial Inputs Clean'!H26","v":""},{"$f":"'Financial Inputs Clean'!I26","v":""},{"$f":"'Financial Inputs Clean'!J26","v":""},{"$f":"'Financial Inputs Clean'!K26","v":""},{"$f":"'Financial Inputs Clean'!L26","v":""},{"$f":"'Financial Inputs Clean'!M26","v":""},{"$f":"'Financial Inputs Clean'!N26","v":""},{"$f":"'Financial Inputs Clean'!C13","v":""},{"$f":"'Financial Inputs Clean'!D13","v":""},{"$f":"'Financial Inputs Clean'!E13","v":""},{"$f":"'Financial Inputs Clean'!F13","v":""},{"$f":"'Financial Inputs Clean'!G13","v":""},{"$f":"'Financial Inputs Clean'!H13","v":""},{"$f":"'Financial Inputs Clean'!I13","v":""},{"$f":"'Financial Inputs Clean'!J13","v":""},{"$f":"'Financial Inputs Clean'!K13","v":""},{"$f":"'Financial Inputs Clean'!L13","v":""},{"$f":"'Financial Inputs Clean'!M13","v":""},{"$f":"'Financial Inputs Clean'!N13","v":""}]
[null,"Total Other Assets",{"$f":"IFERROR(C13-C11,\"\")","v":""},{"$f":"IFERROR(D13-D11,\"\")","v":""},"","","","","","","","","","","","","","","","","","","","","","","","","","","","","","","","","","","","","","","","","","","","","","","","","","","","","","","","","","",{"$f":"IFERROR(BK13-BK11,\"\")","v":""},{"$f":"IFERROR(BL13-BL11,\"\")","v":""},"","","","","","","","","",""]
[null,"Total Assets",{"$f":"C20","v":""},{"$f":"D20","v":""},"","","","","","","","","","",{"$f":"O20","v":""},{"$f":"P20","v":""},"","","","","","","","","","","",{"$f":"AB20","v":""},"","","","","","","","","","","","","","","","","","","","","","","","","","","","","","","","","","",{"$f":"BK20","v":""},"","","","","","","","","","",""]
[]
[null,"Liabilities and Stockholders' Equity"]
[null,"Total Current Liabilities",{"$f":"'Financial Inputs Clean'!C79","v":""},{"$f":"'Financial Inputs Clean'!D79","v":""},{"$f":"'Financial Inputs Clean'!E79","v":""},{"$f":"'Financial Inputs Clean'!F79","v":""},{"$f":"'Financial Inputs Clean'!G79","v":""},{"$f":"'Financial Inputs Clean'!H79","v":""},{"$f":"'Financial Inputs Clean'!I79","v":""},{"$f":"'Financial Inputs Clean'!J79","v":""},{"$f":"'Financial Inputs Clean'!K79","v":""},{"$f":"'Financial Inputs Clean'!L79","v":""},{"$f":"'Financial Inputs Clean'!M79","v":""},{"$f":"'Financial Inputs Clean'!N79","v":""},{"$f":"'Financial Inputs Clean'!C66","v":""},{"$f":"'Financial Inputs Clean'!D66","v":""},{"$f":"'Financial Inputs Clean'!E66","v":""},{"$f":"'Financial Inputs Clean'!F66","v":""},{"$f":"'Financial Inputs Clean'!G66","v":""},{"$f":"'Financial Inputs Clean'!H66","v":""},{"$f":"'Financial Inputs Clean'!I66","v":""},{"$f":"'Financial Inputs Clean'!J66","v":""},{"$f":"'Financial Inputs Clean'!K66","v":""},{"$f":"'Financial Inputs Clean'!L66","v":""},{"$f":"'Financial Inputs Clean'!M66","v":""},{"$f":"'Financial Inputs Clean'!N66","v":""},{"$f":"'Financial Inputs Clean'!C53","v":""},{"$f":"'Financial Inputs Clean'!D53","v":""},{"$f":"'Financial Inputs Clean'!E53","v":""},{"$f":"'Financial Inputs Clean'!F53","v":""},{"$f":"'Financial Inputs Clean'!G53","v":""},{"$f":"'Financial Inputs Clean'!H53","v":""},{"$f":"'Financial Inputs Clean'!I53","v":""},{"$f":"'Financial Inputs Clean'!J53","v":""},{"$f":"'Financial Inputs Clean'!K53","v":""},{"$f":"'Financial Inputs Clean'!L53","v":""},{"$f":"'Financial Inputs Clean'!M53","v":""},{"$f":"'Financial Inputs Clean'!N53","v":""},{"$f":"'Financial Inputs Clean'!C40","v":""},{"$f":"'Financial Inputs Clean'!D40","v":""},{"$f":"'Financial Inputs Clean'!E40","v":""},{"$f":"'Financial Inputs Clean'!F40","v":""},{"$f":"'Financial Inputs Clean'!G40","v":""},{"$f":"'Financial Inputs Clean'!H40","v":""},{"$f":"'Financial Inputs Clean'!I40","v":""},{"$f":"'Financial Inputs Clean'!J40","v":""},{"$f":"'Financial Inputs Clean'!K40","v":""},{"$f":"'Financial Inputs Clean'!L40","v":""},{"$f":"'Financial Inputs Clean'!M40","v":""},{"$f":"'Financial Inputs Clean'!N40","v":""},{"$f":"'Financial Inputs Clean'!C27","v":""},{"$f":"'Financial Inputs Clean'!D27","v":""},{"$f":"'Financial Inputs Clean'!E27","v":""},{"$f":"'Financial Inputs Clean'!F27","v":""},{"$f":"'Financial Inputs Clean'!G27","v":""},{"$f":"'Financial Inputs Clean'!H27","v":""},{"$f":"'Financial Inputs Clean'!I27","v":""},{"$f":"'Financial Inputs Clean'!J27","v":""},{"$f":"'Financial Inputs Clean'!K27","v":""},{"$f":"'Financial Inputs Clean'!L27","v":""},{"$f":"'Financial Inputs Clean'!M27","v":""},{"$f":"'Financial Inputs Clean'!N27","v":""},{"$f":"'Financial Inputs Clean'!C14","v":""},{"$f":"'Financial Inputs Clean'!D14","v":""},{"$f":"'Financial Inputs Clean'!E14","v":""},{"$f":"'Financial Inputs Clean'!F14","v":""},{"$f":"'Financial Inputs Clean'!G14","v":""},{"$f":"'Financial Inputs Clean'!H14","v":""},{"$f":"'Financial Inputs Clean'!I14","v":""},{"$f":"'Financial Inputs Clean'!J14","v":""},{"$f":"'Financial Inputs Clean'!K14","v":""},{"$f":"'Financial Inputs Clean'!L14","v":""},{"$f":"'Financial Inputs Clean'!M14","v":""},{"$f":"'Financial Inputs Clean'!N14","v":""}]
[null,"Total Non-Current Liabilities",{"$f":"IFERROR(C18-C16,\"\")","v":""},{"$f":"IFERROR(D18-D16,\"\")","v":""},"","","","","","","","","","","","","","","","","","","","","","","","","","","","","","","","","","","","","","","","","","","","","","","","","","","","","","","","","","",{"$f":"IFERROR(BK18-BK16,\"\")","v":""},{"$f":"IFERROR(BL18-BL16,\"\")","v":""},"","","","","","","","","",""]
[null,"Total Liabilities",{"$f":"'Financial Inputs Clean'!C80","v":""},{"$f":"'Financial Inputs Clean'!D80","v":""},{"$f":"'Financial Inputs Clean'!E80","v":""},{"$f":"'Financial Inputs Clean'!F80","v":""},{"$f":"'Financial Inputs Clean'!G80","v":""},{"$f":"'Financial Inputs Clean'!H80","v":""},{"$f":"'Financial Inputs Clean'!I80","v":""},{"$f":"'Financial Inputs Clean'!J80","v":""},{"$f":"'Financial Inputs Clean'!K80","v":""},{"$f":"'Financial Inputs Clean'!L80","v":""},{"$f":"'Financial Inputs Clean'!M80","v":""},{"$f":"'Financial Inputs Clean'!N80","v":""},{"$f":"'Financial Inputs Clean'!C67","v":""},{"$f":"'Financial Inputs Clean'!D67","v":""},{"$f":"'Financial Inputs Clean'!E67","v":""},{"$f":"'Financial Inputs Clean'!F67","v":""},{"$f":"'Financial Inputs Clean'!G67","v":""},{"$f":"'Financial Inputs Clean'!H67","v":""},{"$f":"'Financial Inputs Clean'!I67","v":""},{"$f":"'Financial Inputs Clean'!J67","v":""},{"$f":"'Financial Inputs Clean'!K67","v":""},{"$f":"'Financial Inputs Clean'!L67","v":""},{"$f":"'Financial Inputs Clean'!M67","v":""},{"$f":"'Financial Inputs Clean'!N67","v":""},{"$f":"'Financial Inputs Clean'!C54","v":""},{"$f":"'Financial Inputs Clean'!D54","v":""},{"$f":"'Financial Inputs Clean'!E54","v":""},{"$f":"'Financial Inputs Clean'!F54","v":""},{"$f":"'Financial Inputs Clean'!G54","v":""},{"$f":"'Financial Inputs Clean'!H54","v":""},{"$f":"'Financial Inputs Clean'!I54","v":""},{"$f":"'Financial Inputs Clean'!J54","v":""},{"$f":"'Financial Inputs Clean'!K54","v":""},{"$f":"'Financial Inputs Clean'!L54","v":""},{"$f":"'Financial Inputs Clean'!M54","v":""},{"$f":"'Financial Inputs Clean'!N54","v":""},{"$f":"'Financial Inputs Clean'!C41","v":""},{"$f":"'Financial Inputs Clean'!D41","v":""},{"$f":"'Financial Inputs Clean'!E41","v":""},{"$f":"'Financial Inputs Clean'!F41","v":""},{"$f":"'Financial Inputs Clean'!G41","v":""},{"$f":"'Financial Inputs Clean'!H41","v":""},{"$f":"'Financial Inputs Clean'!I41","v":""},{"$f":"'Financial Inputs Clean'!J41","v":""},{"$f":"'Financial Inputs Clean'!K41","v":""},{"$f":"'Financial Inputs Clean'!L41","v":""},{"$f":"'Financial Inputs Clean'!M41","v":""},{"$f":"'Financial Inputs Clean'!N41","v":""},{"$f":"'Financial Inputs Clean'!C28","v":""},{"$f":"'Financial Inputs Clean'!D28","v":""},{"$f":"'Financial Inputs Clean'!E28","v":""},{"$f":"'Financial Inputs Clean'!F28","v":""},{"$f":"'Financial Inputs Clean'!G28","v":""},{"$f":"'Financial Inputs Clean'!H28","v":""},{"$f":"'Financial Inputs Clean'!I28","v":""},{"$f":"'Financial Inputs Clean'!J28","v":""},{"$f":"'Financial Inputs Clean'!K28","v":""},{"$f":"'Financial Inputs Clean'!L28","v":""},{"$f":"'Financial Inputs Clean'!M28","v":""},{"$f":"'Financial Inputs Clean'!N28","v":""},{"$f":"'Financial Inputs Clean'!C15","v":""},{"$f":"'Financial Inputs Clean'!D15","v":""},{"$f":"'Financial Inputs Clean'!E15","v":""},{"$f":"'Financial Inputs Clean'!F15","v":""},{"$f":"'Financial Inputs Clean'!G15","v":""},{"$f":"'Financial Inputs Clean'!H15","v":""},{"$f":"'Financial Inputs Clean'!I15","v":""},{"$f":"'Financial Inputs Clean'!J15","v":""},{"$f":"'Financial Inputs Clean'!K15","v":""},{"$f":"'Financial Inputs Clean'!L15","v":""},{"$f":"'Financial Inputs Clean'!M15","v":""},{"$f":"'Financial Inputs Clean'!N15","v":""}]
[null,"Total Stockholders' Equity",{"$f":"IFERROR(C20-C18,\"\")","v":""},{"$f":"IFERROR(D20-D18,\"\")","v":""},"","","","","","","","","","","","","","","","","","","","","","","","","","","","","","","","","","","","","","","","","","","","","","","","","","","","","","","","","","",{"$f":"IFERROR(BK20-BK18,\"\")","v":""},{"$f":"IFERROR(BL20-BL18,\"\")","v":""},"","","","","","","","","",""]
[null,"Total Liabilities and Stockholders' Equity",{"$f":"'Financial Inputs Clean'!C81","v":""},{"$f":"'Financial Inputs Clean'!D81","v":""},{"$f":"'Financial Inputs Clean'!E81","v":""},{"$f":"'Financial Inputs Clean'!F81","v":""},{"$f":"'Financial Inputs Clean'!G81","v":""},{"$f":"'Financial Inputs Clean'!H81","v":""},{"$f":"'Financial Inputs Clean'!I81","v":""},{"$f":"'Financial Inputs Clean'!J81","v":""},{"$f":"'Financial Inputs Clean'!K81","v":""},{"$f":"'Financial Inputs Clean'!L81","v":""},{"$f":"'Financial Inputs Clean'!M81","v":""},{"$f":"'Financial Inputs Clean'!N81","v":""},{"$f":"'Financial Inputs Clean'!C68","v":""},{"$f":"'Financial Inputs Clean'!D68","v":""},{"$f":"'Financial Inputs Clean'!E68","v":""},{"$f":"'Financial Inputs Clean'!F68","v":""},{"$f":"'Financial Inputs Clean'!G68","v":""},{"$f":"'Financial Inputs Clean'!H68","v":""},{"$f":"'Financial Inputs Clean'!I68","v":""},{"$f":"'Financial Inputs Clean'!J68","v":""},{"$f":"'Financial Inputs Clean'!K68","v":""},{"$f":"'Financial Inputs Clean'!L68","v":""},{"$f":"'Financial Inputs Clean'!M68","v":""},{"$f":"'Financial Inputs Clean'!N68","v":""},{"$f":"'Financial Inputs Clean'!C55","v":""},{"$f":"'Financial Inputs Clean'!D55","v":""},{"$f":"'Financial Inputs Clean'!E55","v":""},{"$f":"'Financial Inputs Clean'!F55","v":""},{"$f":"'Financial Inputs Clean'!G55","v":""},{"$f":"'Financial Inputs Clean'!H55","v":""},{"$f":"'Financial Inputs Clean'!I55","v":""},{"$f":"'Financial Inputs Clean'!J55","v":""},{"$f":"'Financial Inputs Clean'!K55","v":""},{"$f":"'Financial Inputs Clean'!L55","v":""},{"$f":"'Financial Inputs Clean'!M55","v":""},{"$f":"'Financial Inputs Clean'!N55","v":""},{"$f":"'Financial Inputs Clean'!C42","v":""},{"$f":"'Financial Inputs Clean'!D42","v":""},{"$f":"'Financial Inputs Clean'!E42","v":""},{"$f":"'Financial Inputs Clean'!F42","v":""},{"$f":"'Financial Inputs Clean'!G42","v":""},{"$f":"'Financial Inputs Clean'!H42","v":""},{"$f":"'Financial Inputs Clean'!I42","v":""},{"$f":"'Financial Inputs Clean'!J42","v":""},{"$f":"'Financial Inputs Clean'!K42","v":""},{"$f":"'Financial Inputs Clean'!L42","v":""},{"$f":"'Financial Inputs Clean'!M42","v":""},{"$f":"'Financial Inputs Clean'!N42","v":""},{"$f":"'Financial Inputs Clean'!C29","v":""},{"$f":"'Financial Inputs Clean'!D29","v":""},{"$f":"'Financial Inputs Clean'!E29","v":""},{"$f":"'Financial Inputs Clean'!F29","v":""},{"$f":"'Financial Inputs Clean'!G29","v":""},{"$f":"'Financial Inputs Clean'!H29","v":""},{"$f":"'Financial Inputs Clean'!I29","v":""},{"$f":"'Financial Inputs Clean'!J29","v":""},{"$f":"'Financial Inputs Clean'!K29","v":""},{"$f":"'Financial Inputs Clean'!L29","v":""},{"$f":"'Financial Inputs Clean'!M29","v":""},{"$f":"'Financial Inputs Clean'!N29","v":""},{"$f":"'Financial Inputs Clean'!C16","v":""},{"$f":"'Financial Inputs Clean'!D16","v":""},{"$f":"'Financial Inputs Clean'!E16","v":""},{"$f":"'Financial Inputs Clean'!F16","v":""},{"$f":"'Financial Inputs Clean'!G16","v":""},{"$f":"'Financial Inputs Clean'!H16","v":""},{"$f":"'Financial Inputs Clean'!I16","v":""},{"$f":"'Financial Inputs Clean'!J16","v":""},{"$f":"'Financial Inputs Clean'!K16","v":""},{"$f":"'Financial Inputs Clean'!L16","v":""},{"$f":"'Financial Inputs Clean'!M16","v":""},{"$f":"'Financial Inputs Clean'!N16","v":""}]
[]
[null,"Income Statement"]
[]
[null,"Total Revenues Less Returns and Allowances",{"$f":"'Financial Inputs Clean'!C74","v":""},{"$f":"'Financial Inputs Clean'!D74","v":""},{"$f":"'Financial Inputs Clean'!E74","v":""},{"$f":"'Financial Inputs Clean'!F74","v":""},{"$f":"'Financial Inputs Clean'!G74","v":""},{"$f":"'Financial Inputs Clean'!H74","v":""},{"$f":"'Financial Inputs Clean'!I74","v":""},{"$f":"'Financial Inputs Clean'!J74","v":""},{"$f":"'Financial Inputs Clean'!K74","v":""},{"$f":"'Financial Inputs Clean'!L74","v":""},{"$f":"'Financial Inputs Clean'!M74","v":""},{"$f":"'Financial Inputs Clean'!N74","v":""},{"$f":"'Financial Inputs Clean'!C61","v":""},{"$f":"'Financial Inputs Clean'!D61","v":""},{"$f":"'Financial Inputs Clean'!E61","v":""},{"$f":"'Financial Inputs Clean'!F61","v":""},{"$f":"'Financial Inputs Clean'!G61","v":""},{"$f":"'Financial Inputs Clean'!H61","v":""},{"$f":"'Financial Inputs Clean'!I61","v":""},{"$f":"'Financial Inputs Clean'!J61","v":""},{"$f":"'Financial Inputs Clean'!K61","v":""},{"$f":"'Financial Inputs Clean'!L61","v":""},{"$f":"'Financial Inputs Clean'!M61","v":""},{"$f":"'Financial Inputs Clean'!N61","v":""},{"$f":"'Financial Inputs Clean'!C48","v":""},{"$f":"'Financial Inputs Clean'!D48","v":""},{"$f":"'Financial Inputs Clean'!E48","v":""},{"$f":"'Financial Inputs Clean'!F48","v":""},{"$f":"'Financial Inputs Clean'!G48","v":""},{"$f":"'Financial Inputs Clean'!H48","v":""},{"$f":"'Financial Inputs Clean'!I48","v":""},{"$f":"'Financial Inputs Clean'!J48","v":""},{"$f":"'Financial Inputs Clean'!K48","v":""},{"$f":"'Financial Inputs Clean'!L48","v":""},{"$f":"'Financial Inputs Clean'!M48","v":""},{"$f":"'Financial Inputs Clean'!N48","v":""},{"$f":"'Financial Inputs Clean'!C35","v":""},{"$f":"'Financial Inputs Clean'!D35","v":""},{"$f":"'Financial Inputs Clean'!E35","v":""},{"$f":"'Financial Inputs Clean'!F35","v":""},{"$f":"'Financial Inputs Clean'!G35","v":""},{"$f":"'Financial Inputs Clean'!H35","v":""},{"$f":"'Financial Inputs Clean'!I35","v":""},{"$f":"'Financial Inputs Clean'!J35","v":""},{"$f":"'Financial Inputs Clean'!K35","v":""},{"$f":"'Financial Inputs Clean'!L35","v":""},{"$f":"'Financial Inputs Clean'!M35","v":""},{"$f":"'Financial Inputs Clean'!N35","v":""},{"$f":"'Financial Inputs Clean'!C22","v":""},{"$f":"'Financial Inputs Clean'!D22","v":""},{"$f":"'Financial Inputs Clean'!E22","v":""},{"$f":"'Financial Inputs Clean'!F22","v":""},{"$f":"'Financial Inputs Clean'!G22","v":""},{"$f":"'Financial Inputs Clean'!H22","v":""},{"$f":"'Financial Inputs Clean'!I22","v":""},{"$f":"'Financial Inputs Clean'!J22","v":""},{"$f":"'Financial Inputs Clean'!K22","v":""},{"$f":"'Financial Inputs Clean'!L22","v":""},{"$f":"'Financial Inputs Clean'!M22","v":""},{"$f":"'Financial Inputs Clean'!N22","v":""},{"$f":"'Financial Inputs Clean'!C9","v":""},{"$f":"'Financial Inputs Clean'!D9","v":""},{"$f":"'Financial Inputs Clean'!E9","v":""},{"$f":"'Financial Inputs Clean'!F9","v":""},{"$f":"'Financial Inputs Clean'!G9","v":""},{"$f":"'Financial Inputs Clean'!H9","v":""},{"$f":"'Financial Inputs Clean'!I9","v":""},{"$f":"'Financial Inputs Clean'!J9","v":""},{"$f":"'Financial Inputs Clean'!K9","v":""},{"$f":"'Financial Inputs Clean'!L9","v":""},{"$f":"'Financial Inputs Clean'!M9","v":""},{"$f":"'Financial Inputs Clean'!N9","v":""}]
[null,"Cost of Goods Sold",{"$f":"'Financial Inputs Clean'!C75","v":""},{"$f":"'Financial Inputs Clean'!D75","v":""},{"$f":"'Financial Inputs Clean'!E75","v":""},{"$f":"'Financial Inputs Clean'!F75","v":""},{"$f":"'Financial Inputs Clean'!G75","v":""},{"$f":"'Financial Inputs Clean'!H75","v":""},{"$f":"'Financial Inputs Clean'!I75","v":""},{"$f":"'Financial Inputs Clean'!J75","v":""},{"$f":"'Financial Inputs Clean'!K75","v":""},{"$f":"'Financial Inputs Clean'!L75","v":""},{"$f":"'Financial Inputs Clean'!M75","v":""},{"$f":"'Financial Inputs Clean'!N75","v":""},{"$f":"'Financial Inputs Clean'!C62","v":""},{"$f":"'Financial Inputs Clean'!D62","v":""},{"$f":"'Financial Inputs Clean'!E62","v":""},{"$f":"'Financial Inputs Clean'!F62","v":""},{"$f":"'Financial Inputs Clean'!G62","v":""},{"$f":"'Financial Inputs Clean'!H62","v":""},{"$f":"'Financial Inputs Clean'!I62","v":""},{"$f":"'Financial Inputs Clean'!J62","v":""},{"$f":"'Financial Inputs Clean'!K62","v":""},{"$f":"'Financial Inputs Clean'!L62","v":""},{"$f":"'Financial Inputs Clean'!M62","v":""},{"$f":"'Financial Inputs Clean'!N62","v":""},{"$f":"'Financial Inputs Clean'!C49","v":""},{"$f":"'Financial Inputs Clean'!D49","v":""},{"$f":"'Financial Inputs Clean'!E49","v":""},{"$f":"'Financial Inputs Clean'!F49","v":""},{"$f":"'Financial Inputs Clean'!G49","v":""},{"$f":"'Financial Inputs Clean'!H49","v":""},{"$f":"'Financial Inputs Clean'!I49","v":""},{"$f":"'Financial Inputs Clean'!J49","v":""},{"$f":"'Financial Inputs Clean'!K49","v":""},{"$f":"'Financial Inputs Clean'!L49","v":""},{"$f":"'Financial Inputs Clean'!M49","v":""},{"$f":"'Financial Inputs Clean'!N49","v":""},{"$f":"'Financial Inputs Clean'!C36","v":""},{"$f":"'Financial Inputs Clean'!D36","v":""},{"$f":"'Financial Inputs Clean'!E36","v":""},{"$f":"'Financial Inputs Clean'!F36","v":""},{"$f":"'Financial Inputs Clean'!G36","v":""},{"$f":"'Financial Inputs Clean'!H36","v":""},{"$f":"'Financial Inputs Clean'!I36","v":""},{"$f":"'Financial Inputs Clean'!J36","v":""},{"$f":"'Financial Inputs Clean'!K36","v":""},{"$f":"'Financial Inputs Clean'!L36","v":""},{"$f":"'Financial Inputs Clean'!M36","v":""},{"$f":"'Financial Inputs Clean'!N36","v":""},{"$f":"'Financial Inputs Clean'!C23","v":""},{"$f":"'Financial Inputs Clean'!D23","v":""},{"$f":"'Financial Inputs Clean'!E23","v":""},{"$f":"'Financial Inputs Clean'!F23","v":""},{"$f":"'Financial Inputs Clean'!G23","v":""},{"$f":"'Financial Inputs Clean'!H23","v":""},{"$f":"'Financial Inputs Clean'!I23","v":""},{"$f":"'Financial Inputs Clean'!J23","v":""},{"$f":"'Financial Inputs Clean'!K23","v":""},{"$f":"'Financial Inputs Clean'!L23","v":""},{"$f":"'Financial Inputs Clean'!M23","v":""},{"$f":"'Financial Inputs Clean'!N23","v":""},{"$f":"'Financial Inputs Clean'!C10","v":""},{"$f":"'Financial Inputs Clean'!D10","v":""},{"$f":"'Financial Inputs Clean'!E10","v":""},{"$f":"'Financial Inputs Clean'!F10","v":""},{"$f":"'Financial Inputs Clean'!G10","v":""},{"$f":"'Financial Inputs Clean'!H10","v":""},{"$f":"'Financial Inputs Clean'!I10","v":""},{"$f":"'Financial Inputs Clean'!J10","v":""},{"$f":"'Financial Inputs Clean'!K10","v":""},{"$f":"'Financial Inputs Clean'!L10","v":""},{"$f":"'Financial Inputs Clean'!M10","v":""},{"$f":"'Financial Inputs Clean'!N10","v":""}]
[null,"Gross Profit",{"$f":"IFERROR(C24-C25,\"\")","v":""},{"$f":"IFERROR(D24-D25,\"\")","v":""},"","","","","","","","","","","","","","","","","","","","","","","","","","","","","","","","","","","","","","","","","","","","","","","","","","","","","","","","","","",{"$f":"IFERROR(BK24-BK25,\"\")","v":""},{"$f":"IFERROR(BL24-BL25,\"\")","v":""},"","","","","","","","","",""]
[null,"Other Expenses and Income"]
[null,"Depreciation, Depletion, and Amortization",{"$f":"'Financial Inputs Clean'!C76","v":""},{"$f":"'Financial Inputs Clean'!D76","v":""},{"$f":"'Financial Inputs Clean'!E76","v":""},{"$f":"'Financial Inputs Clean'!F76","v":""},{"$f":"'Financial Inputs Clean'!G76","v":""},{"$f":"'Financial Inputs Clean'!H76","v":""},{"$f":"'Financial Inputs Clean'!I76","v":""},{"$f":"'Financial Inputs Clean'!J76","v":""},{"$f":"'Financial Inputs Clean'!K76","v":""},{"$f":"'Financial Inputs Clean'!L76","v":""},{"$f":"'Financial Inputs Clean'!M76","v":""},{"$f":"'Financial Inputs Clean'!N76","v":""},{"$f":"'Financial Inputs Clean'!C63","v":""},{"$f":"'Financial Inputs Clean'!D63","v":""},{"$f":"'Financial Inputs Clean'!E63","v":""},{"$f":"'Financial Inputs Clean'!F63","v":""},{"$f":"'Financial Inputs Clean'!G63","v":""},{"$f":"'Financial Inputs Clean'!H63","v":""},{"$f":"'Financial Inputs Clean'!I63","v":""},{"$f":"'Financial Inputs Clean'!J63","v":""},{"$f":"'Financial Inputs Clean'!K63","v":""},{"$f":"'Financial Inputs Clean'!L63","v":""},{"$f":"'Financial Inputs Clean'!M63","v":""},{"$f":"'Financial Inputs Clean'!N63","v":""},{"$f":"'Financial Inputs Clean'!C50","v":""},{"$f":"'Financial Inputs Clean'!D50","v":""},{"$f":"'Financial Inputs Clean'!E50","v":""},{"$f":"'Financial Inputs Clean'!F50","v":""},{"$f":"'Financial Inputs Clean'!G50","v":""},{"$f":"'Financial Inputs Clean'!H50","v":""},{"$f":"'Financial Inputs Clean'!I50","v":""},{"$f":"'Financial Inputs Clean'!J50","v":""},{"$f":"'Financial Inputs Clean'!K50","v":""},{"$f":"'Financial Inputs Clean'!L50","v":""},{"$f":"'Financial Inputs Clean'!M50","v":""},{"$f":"'Financial Inputs Clean'!N50","v":""},{"$f":"'Financial Inputs Clean'!C37","v":""},{"$f":"'Financial Inputs Clean'!D37","v":""},{"$f":"'Financial Inputs Clean'!E37","v":""},{"$f":"'Financial Inputs Clean'!F37","v":""},{"$f":"'Financial Inputs Clean'!G37","v":""},{"$f":"'Financial Inputs Clean'!H37","v":""},{"$f":"'Financial Inputs Clean'!I37","v":""},{"$f":"'Financial Inputs Clean'!J37","v":""},{"$f":"'Financial Inputs Clean'!K37","v":""},{"$f":"'Financial Inputs Clean'!L37","v":""},{"$f":"'Financial Inputs Clean'!M37","v":""},{"$f":"'Financial Inputs Clean'!N37","v":""},{"$f":"'Financial Inputs Clean'!C24","v":""},{"$f":"'Financial Inputs Clean'!D24","v":""},{"$f":"'Financial Inputs Clean'!E24","v":""},{"$f":"'Financial Inputs Clean'!F24","v":""},{"$f":"'Financial Inputs Clean'!G24","v":""},{"$f":"'Financial Inputs Clean'!H24","v":""},{"$f":"'Financial Inputs Clean'!I24","v":""},{"$f":"'Financial Inputs Clean'!J24","v":""},{"$f":"'Financial Inputs Clean'!K24","v":""},{"$f":"'Financial Inputs Clean'!L24","v":""},{"$f":"'Financial Inputs Clean'!M24","v":""},{"$f":"'Financial Inputs Clean'!N24","v":""},{"$f":"'Financial Inputs Clean'!C11","v":""},{"$f":"'Financial Inputs Clean'!D11","v":""},{"$f":"'Financial Inputs Clean'!E11","v":""},{"$f":"'Financial Inputs Clean'!F11","v":""},{"$f":"'Financial Inputs Clean'!G11","v":""},{"$f":"'Financial Inputs Clean'!H11","v":""},{"$f":"'Financial Inputs Clean'!I11","v":""},{"$f":"'Financial Inputs Clean'!J11","v":""},{"$f":"'Financial Inputs Clean'!K11","v":""},{"$f":"'Financial Inputs Clean'!L11","v":""},{"$f":"'Financial Inputs Clean'!M11","v":""},{"$f":"'Financial Inputs Clean'!N11","v":""}]
[null,"Other Expenses (Income)",{"$f":"IFERROR(C30-C28,\"\")","v":""},{"$f":"IFERROR(D30-D28,\"\")","v":""},"","","","","","","","","","","","","","","","","","","","","","","","","","","","","","","","","","","","","","","","","","","","","","","","","","","","","","","","","","","","","","","",{"$f":"IFERROR(BP30-BP28,\"\")","v":""},"","","","","",""]
[null,"Total Expenses (Income)",{"$f":"IFERROR(C26-C31,\"\")","v":""},"","","","","","","","","","","","","","","","","","","","","","","","","","","","","","","",{"$f":"IFERROR(AI26-AI31,\"\")","v":""},"","","","","","","","","","","","","","","","","","","","","","","","","","","","","","","",{"$f":"IFERROR(BO26-BO31,\"\")","v":""},"","","","","","",""]
[null,"Net Income Before Taxes",{"$f":"'Financial Inputs Clean'!C77","v":""},{"$f":"'Financial Inputs Clean'!D77","v":""},{"$f":"'Financial Inputs Clean'!E77","v":""},{"$f":"'Financial Inputs Clean'!F77","v":""},{"$f":"'Financial Inputs Clean'!G77","v":""},{"$f":"'Financial Inputs Clean'!H77","v":""},{"$f":"'Financial Inputs Clean'!I77","v":""},{"$f":"'Financial Inputs Clean'!J77","v":""},{"$f":"'Financial Inputs Clean'!K77","v":""},{"$f":"'Financial Inputs Clean'!L77","v":""},{"$f":"'Financial Inputs Clean'!M77","v":""},{"$f":"'Financial Inputs Clean'!N77","v":""},{"$f":"'Financial Inputs Clean'!C64","v":""},{"$f":"'Financial Inputs Clean'!D64","v":""},{"$f":"'Financial Inputs Clean'!E64","v":""},{"$f":"'Financial Inputs Clean'!F64","v":""},{"$f":"'Financial Inputs Clean'!G64","v":""},{"$f":"'Financial Inputs Clean'!H64","v":""},{"$f":"'Financial Inputs Clean'!I64","v":""},{"$f":"'Financial Inputs Clean'!J64","v":""},{"$f":"'Financial Inputs Clean'!K64","v":""},{"$f":"'Financial Inputs Clean'!L64","v":""},{"$f":"'Financial Inputs Clean'!M64","v":""},{"$f":"'Financial Inputs Clean'!N64","v":""},{"$f":"'Financial Inputs Clean'!C51","v":""},{"$f":"'Financial Inputs Clean'!D51","v":""},{"$f":"'Financial Inputs Clean'!E51","v":""},{"$f":"'Financial Inputs Clean'!F51","v":""},{"$f":"'Financial Inputs Clean'!G51","v":""},{"$f":"'Financial Inputs Clean'!H51","v":""},{"$f":"'Financial Inputs Clean'!I51","v":""},{"$f":"'Financial Inputs Clean'!J51","v":""},{"$f":"'Financial Inputs Clean'!K51","v":""},{"$f":"'Financial Inputs Clean'!L51","v":""},{"$f":"'Financial Inputs Clean'!M51","v":""},{"$f":"'Financial Inputs Clean'!N51","v":""},{"$f":"'Financial Inputs Clean'!C38","v":""},{"$f":"'Financial Inputs Clean'!D38","v":""},{"$f":"'Financial Inputs Clean'!E38","v":""},{"$f":"'Financial Inputs Clean'!F38","v":""},{"$f":"'Financial Inputs Clean'!G38","v":""},{"$f":"'Financial Inputs Clean'!H38","v":""},{"$f":"'Financial Inputs Clean'!I38","v":""},{"$f":"'Financial Inputs Clean'!J38","v":""},{"$f":"'Financial Inputs Clean'!K38","v":""},{"$f":"'Financial Inputs Clean'!L38","v":""},{"$f":"'Financial Inputs Clean'!M38","v":""},{"$f":"'Financial Inputs Clean'!N38","v":""},{"$f":"'Financial Inputs Clean'!C25","v":""},{"$f":"'Financial Inputs Clean'!D25","v":""},{"$f":"'Financial Inputs Clean'!E25","v":""},{"$f":"'Financial Inputs Clean'!F25","v":""},{"$f":"'Financial Inputs Clean'!G25","v":""},{"$f":"'Financial Inputs Clean'!H25","v":""},{"$f":"'Financial Inputs Clean'!I25","v":""},{"$f":"'Financial Inputs Clean'!J25","v":""},{"$f":"'Financial Inputs Clean'!K25","v":""},{"$f":"'Financial Inputs Clean'!L25","v":""},{"$f":"'Financial Inputs Clean'!M25","v":""},{"$f":"'Financial Inputs Clean'!N25","v":""},{"$f":"'Financial Inputs Clean'!C12","v":""},{"$f":"'Financial Inputs Clean'!D12","v":""},{"$f":"'Financial Inputs Clean'!E12","v":""},{"$f":"'Financial Inputs Clean'!F12","v":""},{"$f":"'Financial Inputs Clean'!G12","v":""},{"$f":"'Financial Inputs Clean'!H12","v":""},{"$f":"'Financial Inputs Clean'!I12","v":""},{"$f":"'Financial Inputs Clean'!J12","v":""},{"$f":"'Financial Inputs Clean'!K12","v":""},{"$f":"'Financial Inputs Clean'!L12","v":""},{"$f":"'Financial Inputs Clean'!M12","v":""},{"$f":"'Financial Inputs Clean'!N12","v":""}]
[]
[null,"Summary of Estimated Cash Flow"]
[]
[null,"Net Income Before Taxes ",{"$f":"C31","v":""},{"$f":"D31","v":""},"","","","","","","","","","",{"$f":"O31","v":""},{"$f":"P31","v":""},"","","","","","","","","","","",{"$f":"AB31","v":""},"","","","","","","","","","","",{"$f":"AN31","v":""},"","","","","","","","","","","","","","","","","","","","","","","","","","","","","","","","","",""]
[null,"Depreciation, Depletion, and Amortization ",{"$f":"C28","v":""},{"$f":"D28","v":""},"","","","","","","","","","",{"$f":"O28","v":""},{"$f":"P28","v":""},"","","","","","","","","","","",{"$f":"AB28","v":""},"","","","","","","","","","","",{"$f":"AN28","v":""},"","","","","","","","","","","","","","","","","","","","","","","","","","","","","","","","","",""]
[null,"Estimated Pre-Tax Cash Flow",{"$f":"IFERROR(C36+C35,\"\")","v":""},{"$f":"IFERROR(D36+D35,\"\")","v":""},"","","","","","","","","","","","","","","","","","","","","","","","","","","","","","","","","","","","","","","","","","","","","","","","","","","","","","","","","","",{"$f":"IFERROR(BK36+BK35,\"\")","v":""},{"$f":"IFERROR(BL36+BL35,\"\")","v":""},"","","","","","","","","",""]

{"sheet":"Financial Profile YTD","index":10,"n_rows":41,"n_cols":15,"rows_kept":41,"merged":[[4,9,4,10],[4,12,4,14],[5,9,5,10],[5,12,5,14]]}
[null,"ATP TOOL FOR PARTIAL-YEAR DATA FOR BUSINESSES"]
[]
[null,{"$f":"\"Financial Profile: Year-to-Date (YTD) Financial Statements through \"&'General Inputs'!C15","v":"Financial Profile: Year-to-Date (YTD) Financial Statements through "},{"$nulls":7},{"$f":"IF(ISBLANK('General Inputs'!$C$14),\"Current Year YTD Compared to Prior Year(s):\",'General Inputs'!$C$14&\" YTD Compared to Prior Year(s):\")","v":"Current Year YTD Compared to Prior Year(s):"}]
[]
[{"$nulls":9},{"$f":"IF(ISBLANK('General Inputs'!$C$14),\"Current Year YTD less\",'General Inputs'!$C$14&\" YTD less\")","v":"Current Year YTD less"},null,null,{"$f":"IF(ISBLANK('General Inputs'!$C$14),\"Current Year YTD less\",'General Inputs'!$C$14&\" YTD less\")","v":"Current Year YTD less"}]
[null,null,{"$f":"'Financial Inputs'!$C$70","v":"--"},{"$f":"'Financial Inputs'!$C$57","v":"--"},{"$f":"'Financial Inputs'!$C$44","v":"--"},{"$f":"'Financial Inputs'!$C$31","v":"--"},{"$f":"'Financial Inputs'!$C$18","v":"--"},{"$f":"'Financial Inputs'!$C$5","v":"--"},null,{"$f":"IF(ISBLANK('General Inputs'!$C$14),\"Prior Year YTD\",'General Inputs'!$C$14-1&\" YTD\")","v":"Prior Year YTD"},null,null,{"$f":"IF(ISBLANK('General Inputs'!$C$14),\"Average of Historical YTD Data\",IF(OR(ISBLANK('General Inputs'!$C$16),'General Inputs'!$C$16='Background Data'!$L$8),\"Historical Average YTD\",\n\"Average of \"&VLOOKUP('General Inputs'!$C$16,'Background Data'!$L$8:$M$12,2,FALSE)&\" YTD\"))","v":"Average of Historical YTD Data"}]
[null,"Year-to-date results in dollars through",{"$f":"IF(ISBLANK('General Inputs'!$C$15),\"--\",'General Inputs'!$C$15)","v":"--"},{"$f":"IF(ISBLANK('General Inputs'!$C$15),\"--\",'General Inputs'!$C$15)","v":"--"},{"$f":"IF(ISBLANK('General Inputs'!$C$15),\"--\",'General Inputs'!$C$15)","v":"--"},{"$f":"IF(ISBLANK('General Inputs'!$C$15),\"--\",'General Inputs'!$C$15)","v":"--"},{"$f":"IF(ISBLANK('General Inputs'!$C$15),\"--\",'General Inputs'!$C$15)","v":"--"},{"$f":"IF(ISBLANK('General Inputs'!$C$15),\"--\",'General Inputs'!$C$15)","v":"--"},null,"$ Change","% Change",null,"Average","$ Change","% Change"]
[]
[null,"Balance Sheet"]
[]
[null,"Assets"]
[null,"Total Current Assets",{"$f":"IFERROR(INDEX('Financial Profile Monthly'!$C$7:$BV$38,MATCH($B12,'Financial Profile Monthly'!$B$7:$B$38,0),\nMATCH(1,('Financial Profile Monthly'!$C$5:$BV$5=C$6)*('Financial Profile Monthly'!$C$6:$BV$6=VLOOKUP(C$7,'Background Data'!$D$8:$E$19,2,FALSE)),0)),\"\")","v":""},{"$f":"IFERROR(INDEX('Financial Profile Monthly'!$C$7:$BV$38,MATCH($B12,'Financial Profile Monthly'!$B$7:$B$38,0),\nMATCH(1,('Financial Profile Monthly'!$C$5:$BV$5=D$6)*('Financial Profile Monthly'!$C$6:$BV$6=VLOOKUP(D$7,'Background Data'!$D$8:$E$19,2,FALSE)),0)),\"\")","v":""},{"$f":"IFERROR(INDEX('Financial Profile Monthly'!$C$7:$BV$38,MATCH($B12,'Financial Profile Monthly'!$B$7:$B$38,0),\nMATCH(1,('Financial Profile Monthly'!$C$5:$BV$5=E$6)*('Financial Profile Monthly'!$C$6:$BV$6=VLOOKUP(E$7,'Background Data'!$D$8:$E$19,2,FALSE)),0)),\"\")","v":""},{"$f":"IFERROR(INDEX('Financial Profile Monthly'!$C$7:$BV$38,MATCH($B12,'Financial Profile Monthly'!$B$7:$B$38,0),\nMATCH(1,('Financial Profile Monthly'!$C$5:$BV$5=F$6)*('Financial Profile Monthly'!$C$6:$BV$6=VLOOKUP(F$7,'Background Data'!$D$8:$E$19,2,FALSE)),0)),\"\")","v":""},{"$f":"IFERROR(INDEX('Financial Profile Monthly'!$C$7:$BV$38,MATCH($B12,'Financial Profile Monthly'!$B$7:$B$38,0),\nMATCH(1,('Financial Profile Monthly'!$C$5:$BV$5=G$6)*('Financial Profile Monthly'!$C$6:$BV$6=VLOOKUP(G$7,'Background Data'!$D$8:$E$19,2,FALSE)),0)),\"\")","v":""},{"$f":"IFERROR(INDEX('Financial Profile Monthly'!$C$7:$BV$38,MATCH($B12,'Financial Profile Monthly'!$B$7:$B$38,0),\nMATCH(1,('Financial Profile Monthly'!$C$5:$BV$5=H$6)*('Financial Profile Monthly'!$C$6:$BV$6=VLOOKUP(H$7,'Background Data'!$D$8:$E$19,2,FALSE)),0)),\"\")","v":""},null,{"$f":"IF(OR(ISBLANK('General Inputs'!$C$14),AND(ISBLANK($H12),ISBLANK(G12))),\"\",IFERROR($H12-G12,\"\"))","v":""},{"$f":"IF(ISBLANK('General Inputs'!$C$14),\"\",IF(AND(H12=0,G12=0),\"N/A*\",IFERROR(IF(MIN(H12,G12)<=0,IF((H12-G12)>0,\"P*\",\"N*\"),(H12/G12)-1),\"\")))","v":""},null,{"$f":"IFERROR(IF('General Inputs'!$C$16='Background Data'!$L$12,AVERAGE(C12:G12),\nIF('General Inputs'!$C$16='Background Data'!$L$11,AVERAGE(D12:G12),\nIF('General Inputs'!$C$16='Background Data'!$L$10,AVERAGE(E12:G12),\nIF('General Inputs'!$C$16='Background Data'!$L$9,AVERAGE(F12:G12),\"\")))),\"\")","v":""},{"$f":"IFERROR(H12-M12,\"\")","v":""},{"$f":"IF(AND(H12=0,M12=0),\"N/A*\",IFERROR(IF(MIN(H12,M12)<=0,IF((H12-M12)>0,\"P*\",\"N*\"),(H12/M12)-1),\"\"))","v":""}]
[null,"Total Other Assets",{"$f":"IFERROR(INDEX('Financial Profile Monthly'!$C$7:$BV$38,MATCH($B13,'Financial Profile Monthly'!$B$7:$B$38,0),\nMATCH(1,('Financial Profile Monthly'!$C$5:$BV$5=C$6)*('Financial Profile Monthly'!$C$6:$BV$6=VLOOKUP(C$7,'Background Data'!$D$8:$E$19,2,FALSE)),0)),\"\")","v":""},{"$f":"IFERROR(INDEX('Financial Profile Monthly'!$C$7:$BV$38,MATCH($B13,'Financial Profile Monthly'!$B$7:$B$38,0),\nMATCH(1,('Financial Profile Monthly'!$C$5:$BV$5=D$6)*('Financial Profile Monthly'!$C$6:$BV$6=VLOOKUP(D$7,'Background Data'!$D$8:$E$19,2,FALSE)),0)),\"\")","v":""},{"$f":"IFERROR(INDEX('Financial Profile Monthly'!$C$7:$BV$38,MATCH($B13,'Financial Profile Monthly'!$B$7:$B$38,0),\nMATCH(1,('Financial Profile Monthly'!$C$5:$BV$5=E$6)*('Financial Profile Monthly'!$C$6:$BV$6=VLOOKUP(E$7,'Background Data'!$D$8:$E$19,2,FALSE)),0)),\"\")","v":""},{"$f":"IFERROR(INDEX('Financial Profile Monthly'!$C$7:$BV$38,MATCH($B13,'Financial Profile Monthly'!$B$7:$B$38,0),\nMATCH(1,('Financial Profile Monthly'!$C$5:$BV$5=F$6)*('Financial Profile Monthly'!$C$6:$BV$6=VLOOKUP(F$7,'Background Data'!$D$8:$E$19,2,FALSE)),0)),\"\")","v":""},{"$f":"IFERROR(INDEX('Financial Profile Monthly'!$C$7:$BV$38,MATCH($B13,'Financial Profile Monthly'!$B$7:$B$38,0),\nMATCH(1,('Financial Profile Monthly'!$C$5:$BV$5=G$6)*('Financial Profile Monthly'!$C$6:$BV$6=VLOOKUP(G$7,'Background Data'!$D$8:$E$19,2,FALSE)),0)),\"\")","v":""},{"$f":"IFERROR(INDEX('Financial Profile Monthly'!$C$7:$BV$38,MATCH($B13,'Financial Profile Monthly'!$B$7:$B$38,0),\nMATCH(1,('Financial Profile Monthly'!$C$5:$BV$5=H$6)*('Financial Profile Monthly'!$C$6:$BV$6=VLOOKUP(H$7,'Background Data'!$D$8:$E$19,2,FALSE)),0)),\"\")","v":""},null,{"$f":"IF(OR(ISBLANK('General Inputs'!$C$14),AND(ISBLANK($H13),ISBLANK(G13))),\"\",IFERROR($H13-G13,\"\"))","v":""},{"$f":"IF(ISBLANK('General Inputs'!$C$14),\"\",IF(AND(H13=0,G13=0),\"N/A*\",IFERROR(IF(MIN(H13,G13)<=0,IF((H13-G13)>0,\"P*\",\"N*\"),(H13/G13)-1),\"\")))","v":""},null,{"$f":"IFERROR(IF('General Inputs'!$C$16='Background Data'!$L$12,AVERAGE(C13:G13),\nIF('General Inputs'!$C$16='Background Data'!$L$11,AVERAGE(D13:G13),\nIF('General Inputs'!$C$16='Background Data'!$L$10,AVERAGE(E13:G13),\nIF('General Inputs'!$C$16='Background Data'!$L$9,AVERAGE(F13:G13),\"\")))),\"\")","v":""},{"$f":"IFERROR(H13-M13,\"\")","v":""},{"$f":"IF(AND(H13=0,M13=0),\"N/A*\",IFERROR(IF(MIN(H13,M13)<=0,IF((H13-M13)>0,\"P*\",\"N*\"),(H13/M13)-1),\"\"))","v":""}]
[null,"Total Assets",{"$f":"IFERROR(INDEX('Financial Profile Monthly'!$C$7:$BV$38,MATCH($B14,'Financial Profile Monthly'!$B$7:$B$38,0),\nMATCH(1,('Financial Profile Monthly'!$C$5:$BV$5=C$6)*('Financial Profile Monthly'!$C$6:$BV$6=VLOOKUP(C$7,'Background Data'!$D$8:$E$19,2,FALSE)),0)),\"\")","v":""},{"$f":"IFERROR(INDEX('Financial Profile Monthly'!$C$7:$BV$38,MATCH($B14,'Financial Profile Monthly'!$B$7:$B$38,0),\nMATCH(1,('Financial Profile Monthly'!$C$5:$BV$5=D$6)*('Financial Profile Monthly'!$C$6:$BV$6=VLOOKUP(D$7,'Background Data'!$D$8:$E$19,2,FALSE)),0)),\"\")","v":""},{"$f":"IFERROR(INDEX('Financial Profile Monthly'!$C$7:$BV$38,MATCH($B14,'Financial Profile Monthly'!$B$7:$B$38,0),\nMATCH(1,('Financial Profile Monthly'!$C$5:$BV$5=E$6)*('Financial Profile Monthly'!$C$6:$BV$6=VLOOKUP(E$7,'Background Data'!$D$8:$E$19,2,FALSE)),0)),\"\")","v":""},{"$f":"IFERROR(INDEX('Financial Profile Monthly'!$C$7:$BV$38,MATCH($B14,'Financial Profile Monthly'!$B$7:$B$38,0),\nMATCH(1,('Financial Profile Monthly'!$C$5:$BV$5=F$6)*('Financial Profile Monthly'!$C$6:$BV$6=VLOOKUP(F$7,'Background Data'!$D$8:$E$19,2,FALSE)),0)),\"\")","v":""},{"$f":"IFERROR(INDEX('Financial Profile Monthly'!$C$7:$BV$38,MATCH($B14,'Financial Profile Monthly'!$B$7:$B$38,0),\nMATCH(1,('Financial Profile Monthly'!$C$5:$BV$5=G$6)*('Financial Profile Monthly'!$C$6:$BV$6=VLOOKUP(G$7,'Background Data'!$D$8:$E$19,2,FALSE)),0)),\"\")","v":""},{"$f":"IFERROR(INDEX('Financial Profile Monthly'!$C$7:$BV$38,MATCH($B14,'Financial Profile Monthly'!$B$7:$B$38,0),\nMATCH(1,('Financial Profile Monthly'!$C$5:$BV$5=H$6)*('Financial Profile Monthly'!$C$6:$BV$6=VLOOKUP(H$7,'Background Data'!$D$8:$E$19,2,FALSE)),0)),\"\")","v":""},null,{"$f":"IF(OR(ISBLANK('General Inputs'!$C$14),AND(ISBLANK($H14),ISBLANK(G14))),\"\",IFERROR($H14-G14,\"\"))","v":""},{"$f":"IF(ISBLANK('General Inputs'!$C$14),\"\",IF(AND(H14=0,G14=0),\"N/A*\",IFERROR(IF(MIN(H14,G14)<=0,IF((H14-G14)>0,\"P*\",\"N*\"),(H14/G14)-1),\"\")))","v":""},null,{"$f":"IFERROR(IF('General Inputs'!$C$16='Background Data'!$L$12,AVERAGE(C14:G14),\nIF('General Inputs'!$C$16='Background Data'!$L$11,AVERAGE(D14:G14),\nIF('General Inputs'!$C$16='Background Data'!$L$10,AVERAGE(E14:G14),\nIF('General Inputs'!$C$16='Background Data'!$L$9,AVERAGE(F14:G14),\"\")))),\"\")","v":""},"",""]
[]
[null,"Liabilities and Stockholders' Equity"]
[null,"Total Current Liabilities",{"$f":"IFERROR(INDEX('Financial Profile Monthly'!$C$7:$BV$38,MATCH($B17,'Financial Profile Monthly'!$B$7:$B$38,0),\nMATCH(1,('Financial Profile Monthly'!$C$5:$BV$5=C$6)*('Financial Profile Monthly'!$C$6:$BV$6=VLOOKUP(C$7,'Background Data'!$D$8:$E$19,2,FALSE)),0)),\"\")","v":""},{"$f":"IFERROR(INDEX('Financial Profile Monthly'!$C$7:$BV$38,MATCH($B17,'Financial Profile Monthly'!$B$7:$B$38,0),\nMATCH(1,('Financial Profile Monthly'!$C$5:$BV$5=D$6)*('Financial Profile Monthly'!$C$6:$BV$6=VLOOKUP(D$7,'Background Data'!$D$8:$E$19,2,FALSE)),0)),\"\")","v":""},{"$f":"IFERROR(INDEX('Financial Profile Monthly'!$C$7:$BV$38,MATCH($B17,'Financial Profile Monthly'!$B$7:$B$38,0),\nMATCH(1,('Financial Profile Monthly'!$C$5:$BV$5=E$6)*('Financial Profile Monthly'!$C$6:$BV$6=VLOOKUP(E$7,'Background Data'!$D$8:$E$19,2,FALSE)),0)),\"\")","v":""},{"$f":"IFERROR(INDEX('Financial Profile Monthly'!$C$7:$BV$38,MATCH($B17,'Financial Profile Monthly'!$B$7:$B$38,0),\nMATCH(1,('Financial Profile Monthly'!$C$5:$BV$5=F$6)*('Financial Profile Monthly'!$C$6:$BV$6=VLOOKUP(F$7,'Background Data'!$D$8:$E$19,2,FALSE)),0)),\"\")","v":""},{"$f":"IFERROR(INDEX('Financial Profile Monthly'!$C$7:$BV$38,MATCH($B17,'Financial Profile Monthly'!$B$7:$B$38,0),\nMATCH(1,('Financial Profile Monthly'!$C$5:$BV$5=G$6)*('Financial Profile Monthly'!$C$6:$BV$6=VLOOKUP(G$7,'Background Data'!$D$8:$E$19,2,FALSE)),0)),\"\")","v":""},{"$f":"IFERROR(INDEX('Financial Profile Monthly'!$C$7:$BV$38,MATCH($B17,'Financial Profile Monthly'!$B$7:$B$38,0),\nMATCH(1,('Financial Profile Monthly'!$C$5:$BV$5=H$6)*('Financial Profile Monthly'!$C$6:$BV$6=VLOOKUP(H$7,'Background Data'!$D$8:$E$19,2,FALSE)),0)),\"\")","v":""},null,{"$f":"IF(OR(ISBLANK('General Inputs'!$C$14),AND(ISBLANK($H17),ISBLANK(G17))),\"\",IFERROR($H17-G17,\"\"))","v":""},{"$f":"IF(ISBLANK('General Inputs'!$C$14),\"\",IF(AND(H17=0,G17=0),\"N/A*\",IFERROR(IF(MIN(H17,G17)<=0,IF((H17-G17)>0,\"P*\",\"N*\"),(H17/G17)-1),\"\")))","v":""},null,{"$f":"IFERROR(IF('General Inputs'!$C$16='Background Data'!$L$12,AVERAGE(C17:G17),\nIF('General Inputs'!$C$16='Background Data'!$L$11,AVERAGE(D17:G17),\nIF('General Inputs'!$C$16='Background Data'!$L$10,AVERAGE(E17:G17),\nIF('General Inputs'!$C$16='Background Data'!$L$9,AVERAGE(F17:G17),\"\")))),\"\")","v":""},{"$f":"IFERROR(H17-M17,\"\")","v":""},{"$f":"IF(AND(H17=0,M17=0),\"N/A*\",IFERROR(IF(MIN(H17,M17)<=0,IF((H17-M17)>0,\"P*\",\"N*\"),(H17/M17)-1),\"\"))","v":""}]
[null,"Total Non-Current Liabilities",{"$f":"IFERROR(INDEX('Financial Profile Monthly'!$C$7:$BV$38,MATCH($B18,'Financial Profile Monthly'!$B$7:$B$38,0),\nMATCH(1,('Financial Profile Monthly'!$C$5:$BV$5=C$6)*('Financial Profile Monthly'!$C$6:$BV$6=VLOOKUP(C$7,'Background Data'!$D$8:$E$19,2,FALSE)),0)),\"\")","v":""},{"$f":"IFERROR(INDEX('Financial Profile Monthly'!$C$7:$BV$38,MATCH($B18,'Financial Profile Monthly'!$B$7:$B$38,0),\nMATCH(1,('Financial Profile Monthly'!$C$5:$BV$5=D$6)*('Financial Profile Monthly'!$C$6:$BV$6=VLOOKUP(D$7,'Background Data'!$D$8:$E$19,2,FALSE)),0)),\"\")","v":""},{"$f":"IFERROR(INDEX('Financial Profile Monthly'!$C$7:$BV$38,MATCH($B18,'Financial Profile Monthly'!$B$7:$B$38,0),\nMATCH(1,('Financial Profile Monthly'!$C$5:$BV$5=E$6)*('Financial Profile Monthly'!$C$6:$BV$6=VLOOKUP(E$7,'Background Data'!$D$8:$E$19,2,FALSE)),0)),\"\")","v":""},{"$f":"IFERROR(INDEX('Financial Profile Monthly'!$C$7:$BV$38,MATCH($B18,'Financial Profile Monthly'!$B$7:$B$38,0),\nMATCH(1,('Financial Profile Monthly'!$C$5:$BV$5=F$6)*('Financial Profile Monthly'!$C$6:$BV$6=VLOOKUP(F$7,'Background Data'!$D$8:$E$19,2,FALSE)),0)),\"\")","v":""},{"$f":"IFERROR(INDEX('Financial Profile Monthly'!$C$7:$BV$38,MATCH($B18,'Financial Profile Monthly'!$B$7:$B$38,0),\nMATCH(1,('Financial Profile Monthly'!$C$5:$BV$5=G$6)*('Financial Profile Monthly'!$C$6:$BV$6=VLOOKUP(G$7,'Background Data'!$D$8:$E$19,2,FALSE)),0)),\"\")","v":""},{"$f":"IFERROR(INDEX('Financial Profile Monthly'!$C$7:$BV$38,MATCH($B18,'Financial Profile Monthly'!$B$7:$B$38,0),\nMATCH(1,('Financial Profile Monthly'!$C$5:$BV$5=H$6)*('Financial Profile Monthly'!$C$6:$BV$6=VLOOKUP(H$7,'Background Data'!$D$8:$E$19,2,FALSE)),0)),\"\")","v":""},null,{"$f":"IF(OR(ISBLANK('General Inputs'!$C$14),AND(ISBLANK($H18),ISBLANK(G18))),\"\",IFERROR($H18-G18,\"\"))","v":""},{"$f":"IF(ISBLANK('General Inputs'!$C$14),\"\",IF(AND(H18=0,G18=0),\"N/A*\",IFERROR(IF(MIN(H18,G18)<=0,IF((H18-G18)>0,\"P*\",\"N*\"),(H18/G18)-1),\"\")))","v":""},null,{"$f":"IFERROR(IF('General Inputs'!$C$16='Background Data'!$L$12,AVERAGE(C18:G18),\nIF('General Inputs'!$C$16='Background Data'!$L$11,AVERAGE(D18:G18),\nIF('General Inputs'!$C$16='Background Data'!$L$10,AVERAGE(E18:G18),\nIF('General Inputs'!$C$16='Background Data'!$L$9,AVERAGE(F18:G18),\"\")))),\"\")","v":""},"",""]
[null,"Total Liabilities",{"$f":"IFERROR(INDEX('Financial Profile Monthly'!$C$7:$BV$38,MATCH($B19,'Financial Profile Monthly'!$B$7:$B$38,0),\nMATCH(1,('Financial Profile Monthly'!$C$5:$BV$5=C$6)*('Financial Profile Monthly'!$C$6:$BV$6=VLOOKUP(C$7,'Background Data'!$D$8:$E$19,2,FALSE)),0)),\"\")","v":""},{"$f":"IFERROR(INDEX('Financial Profile Monthly'!$C$7:$BV$38,MATCH($B19,'Financial Profile Monthly'!$B$7:$B$38,0),\nMATCH(1,('Financial Profile Monthly'!$C$5:$BV$5=D$6)*('Financial Profile Monthly'!$C$6:$BV$6=VLOOKUP(D$7,'Background Data'!$D$8:$E$19,2,FALSE)),0)),\"\")","v":""},{"$f":"IFERROR(INDEX('Financial Profile Monthly'!$C$7:$BV$38,MATCH($B19,'Financial Profile Monthly'!$B$7:$B$38,0),\nMATCH(1,('Financial Profile Monthly'!$C$5:$BV$5=E$6)*('Financial Profile Monthly'!$C$6:$BV$6=VLOOKUP(E$7,'Background Data'!$D$8:$E$19,2,FALSE)),0)),\"\")","v":""},{"$f":"IFERROR(INDEX('Financial Profile Monthly'!$C$7:$BV$38,MATCH($B19,'Financial Profile Monthly'!$B$7:$B$38,0),\nMATCH(1,('Financial Profile Monthly'!$C$5:$BV$5=F$6)*('Financial Profile Monthly'!$C$6:$BV$6=VLOOKUP(F$7,'Background Data'!$D$8:$E$19,2,FALSE)),0)),\"\")","v":""},{"$f":"IFERROR(INDEX('Financial Profile Monthly'!$C$7:$BV$38,MATCH($B19,'Financial Profile Monthly'!$B$7:$B$38,0),\nMATCH(1,('Financial Profile Monthly'!$C$5:$BV$5=G$6)*('Financial Profile Monthly'!$C$6:$BV$6=VLOOKUP(G$7,'Background Data'!$D$8:$E$19,2,FALSE)),0)),\"\")","v":""},{"$f":"IFERROR(INDEX('Financial Profile Monthly'!$C$7:$BV$38,MATCH($B19,'Financial Profile Monthly'!$B$7:$B$38,0),\nMATCH(1,('Financial Profile Monthly'!$C$5:$BV$5=H$6)*('Financial Profile Monthly'!$C$6:$BV$6=VLOOKUP(H$7,'Background Data'!$D$8:$E$19,2,FALSE)),0)),\"\")","v":""},null,{"$f":"IF(OR(ISBLANK('General Inputs'!$C$14),AND(ISBLANK($H19),ISBLANK(G19))),\"\",IFERROR($H19-G19,\"\"))","v":""},{"$f":"IF(ISBLANK('General Inputs'!$C$14),\"\",IF(AND(H19=0,G19=0),\"N/A*\",IFERROR(IF(MIN(H19,G19)<=0,IF((H19-G19)>0,\"P*\",\"N*\"),(H19/G19)-1),\"\")))","v":""},null,{"$f":"IFERROR(IF('General Inputs'!$C$16='Background Data'!$L$12,AVERAGE(C19:G19),\nIF('General Inputs'!$C$16='Background Data'!$L$11,AVERAGE(D19:G19),\nIF('General Inputs'!$C$16='Background Data'!$L$10,AVERAGE(E19:G19),\nIF('General Inputs'!$C$16='Background Data'!$L$9,AVERAGE(F19:G19),\"\")))),\"\")","v":""},"",""]
[null,"Total Stockholders' Equity",{"$f":"IFERROR(INDEX('Financial Profile Monthly'!$C$7:$BV$38,MATCH($B20,'Financial Profile Monthly'!$B$7:$B$38,0),\nMATCH(1,('Financial Profile Monthly'!$C$5:$BV$5=C$6)*('Financial Profile Monthly'!$C$6:$BV$6=VLOOKUP(C$7,'Background Data'!$D$8:$E$19,2,FALSE)),0)),\"\")","v":""},{"$f":"IFERROR(INDEX('Financial Profile Monthly'!$C$7:$BV$38,MATCH($B20,'Financial Profile Monthly'!$B$7:$B$38,0),\nMATCH(1,('Financial Profile Monthly'!$C$5:$BV$5=D$6)*('Financial Profile Monthly'!$C$6:$BV$6=VLOOKUP(D$7,'Background Data'!$D$8:$E$19,2,FALSE)),0)),\"\")","v":""},{"$f":"IFERROR(INDEX('Financial Profile Monthly'!$C$7:$BV$38,MATCH($B20,'Financial Profile Monthly'!$B$7:$B$38,0),\nMATCH(1,('Financial Profile Monthly'!$C$5:$BV$5=E$6)*('Financial Profile Monthly'!$C$6:$BV$6=VLOOKUP(E$7,'Background Data'!$D$8:$E$19,2,FALSE)),0)),\"\")","v":""},{"$f":"IFERROR(INDEX('Financial Profile Monthly'!$C$7:$BV$38,MATCH($B20,'Financial Profile Monthly'!$B$7:$B$38,0),\nMATCH(1,('Financial Profile Monthly'!$C$5:$BV$5=F$6)*('Financial Profile Monthly'!$C$6:$BV$6=VLOOKUP(F$7,'Background Data'!$D$8:$E$19,2,FALSE)),0)),\"\")","v":""},{"$f":"IFERROR(INDEX('Financial Profile Monthly'!$C$7:$BV$38,MATCH($B20,'Financial Profile Monthly'!$B$7:$B$38,0),\nMATCH(1,('Financial Profile Monthly'!$C$5:$BV$5=G$6)*('Financial Profile Monthly'!$C$6:$BV$6=VLOOKUP(G$7,'Background Data'!$D$8:$E$19,2,FALSE)),0)),\"\")","v":""},{"$f":"IFERROR(INDEX('Financial Profile Monthly'!$C$7:$BV$38,MATCH($B20,'Financial Profile Monthly'!$B$7:$B$38,0),\nMATCH(1,('Financial Profile Monthly'!$C$5:$BV$5=H$6)*('Financial Profile Monthly'!$C$6:$BV$6=VLOOKUP(H$7,'Background Data'!$D$8:$E$19,2,FALSE)),0)),\"\")","v":""},null,{"$f":"IF(OR(ISBLANK('General Inputs'!$C$14),AND(ISBLANK($H20),ISBLANK(G20))),\"\",IFERROR($H20-G20,\"\"))","v":""},{"$f":"IF(ISBLANK('General Inputs'!$C$14),\"\",IF(AND(H20=0,G20=0),\"N/A*\",IFERROR(IF(MIN(H20,G20)<=0,IF((H20-G20)>0,\"P*\",\"N*\"),(H20/G20)-1),\"\")))","v":""},null,{"$f":"IFERROR(IF('General Inputs'!$C$16='Background Data'!$L$12,AVERAGE(C20:G20),\nIF('General Inputs'!$C$16='Background Data'!$L$11,AVERAGE(D20:G20),\nIF('General Inputs'!$C$16='Background Data'!$L$10,AVERAGE(E20:G20),\nIF('General Inputs'!$C$16='Background Data'!$L$9,AVERAGE(F20:G20),\"\")))),\"\")","v":""},"",""]
[null,"Total Liabilities and Stockholders' Equity",{"$f":"IFERROR(INDEX('Financial Profile Monthly'!$C$7:$BV$38,MATCH($B21,'Financial Profile Monthly'!$B$7:$B$38,0),\nMATCH(1,('Financial Profile Monthly'!$C$5:$BV$5=C$6)*('Financial Profile Monthly'!$C$6:$BV$6=VLOOKUP(C$7,'Background Data'!$D$8:$E$19,2,FALSE)),0)),\"\")","v":""},{"$f":"IFERROR(INDEX('Financial Profile Monthly'!$C$7:$BV$38,MATCH($B21,'Financial Profile Monthly'!$B$7:$B$38,0),\nMATCH(1,('Financial Profile Monthly'!$C$5:$BV$5=D$6)*('Financial Profile Monthly'!$C$6:$BV$6=VLOOKUP(D$7,'Background Data'!$D$8:$E$19,2,FALSE)),0)),\"\")","v":""},{"$f":"IFERROR(INDEX('Financial Profile Monthly'!$C$7:$BV$38,MATCH($B21,'Financial Profile Monthly'!$B$7:$B$38,0),\nMATCH(1,('Financial Profile Monthly'!$C$5:$BV$5=E$6)*('Financial Profile Monthly'!$C$6:$BV$6=VLOOKUP(E$7,'Background Data'!$D$8:$E$19,2,FALSE)),0)),\"\")","v":""},{"$f":"IFERROR(INDEX('Financial Profile Monthly'!$C$7:$BV$38,MATCH($B21,'Financial Profile Monthly'!$B$7:$B$38,0),\nMATCH(1,('Financial Profile Monthly'!$C$5:$BV$5=F$6)*('Financial Profile Monthly'!$C$6:$BV$6=VLOOKUP(F$7,'Background Data'!$D$8:$E$19,2,FALSE)),0)),\"\")","v":""},{"$f":"IFERROR(INDEX('Financial Profile Monthly'!$C$7:$BV$38,MATCH($B21,'Financial Profile Monthly'!$B$7:$B$38,0),\nMATCH(1,('Financial Profile Monthly'!$C$5:$BV$5=G$6)*('Financial Profile Monthly'!$C$6:$BV$6=VLOOKUP(G$7,'Background Data'!$D$8:$E$19,2,FALSE)),0)),\"\")","v":""},{"$f":"IFERROR(INDEX('Financial Profile Monthly'!$C$7:$BV$38,MATCH($B21,'Financial Profile Monthly'!$B$7:$B$38,0),\nMATCH(1,('Financial Profile Monthly'!$C$5:$BV$5=H$6)*('Financial Profile Monthly'!$C$6:$BV$6=VLOOKUP(H$7,'Background Data'!$D$8:$E$19,2,FALSE)),0)),\"\")","v":""},null,{"$f":"IF(OR(ISBLANK('General Inputs'!$C$14),AND(ISBLANK($H21),ISBLANK(G21))),\"\",IFERROR($H21-G21,\"\"))","v":""},{"$f":"IF(ISBLANK('General Inputs'!$C$14),\"\",IF(AND(H21=0,G21=0),\"N/A*\",IFERROR(IF(MIN(H21,G21)<=0,IF((H21-G21)>0,\"P*\",\"N*\"),(H21/G21)-1),\"\")))","v":""},null,{"$f":"IFERROR(IF('General Inputs'!$C$16='Background Data'!$L$12,AVERAGE(C21:G21),\nIF('General Inputs'!$C$16='Background Data'!$L$11,AVERAGE(D21:G21),\nIF('General Inputs'!$C$16='Background Data'!$L$10,AVERAGE(E21:G21),\nIF('General Inputs'!$C$16='Background Data'!$L$9,AVERAGE(F21:G21),\"\")))),\"\")","v":""},"",""]
[]
[null,"Income Statement"]
[]
[null,"Total Revenues Less Returns and Allowances",{"$f":"IFERROR(IF(SUMPRODUCT(--('Financial Profile Monthly'!$C$5:$BV$5=C$6),'Financial Profile Monthly'!$C24:$BV24)=0,\"\",\nSUMPRODUCT(--('Financial Profile Monthly'!$C$5:$BV$5=C$6),--('Financial Profile Monthly'!$C$6:$BV$6<=VLOOKUP(C$7,'Background Data'!$D$8:$E$19,2,FALSE)),'Financial Profile Monthly'!$C24:$BV24)),\"\")","v":""},{"$f":"IFERROR(IF(SUMPRODUCT(--('Financial Profile Monthly'!$C$5:$BV$5=D$6),'Financial Profile Monthly'!$C24:$BV24)=0,\"\",\nSUMPRODUCT(--('Financial Profile Monthly'!$C$5:$BV$5=D$6),--('Financial Profile Monthly'!$C$6:$BV$6<=VLOOKUP(D$7,'Background Data'!$D$8:$E$19,2,FALSE)),'Financial Profile Monthly'!$C24:$BV24)),\"\")","v":""},{"$f":"IFERROR(IF(SUMPRODUCT(--('Financial Profile Monthly'!$C$5:$BV$5=E$6),'Financial Profile Monthly'!$C24:$BV24)=0,\"\",\nSUMPRODUCT(--('Financial Profile Monthly'!$C$5:$BV$5=E$6),--('Financial Profile Monthly'!$C$6:$BV$6<=VLOOKUP(E$7,'Background Data'!$D$8:$E$19,2,FALSE)),'Financial Profile Monthly'!$C24:$BV24)),\"\")","v":""},{"$f":"IFERROR(IF(SUMPRODUCT(--('Financial Profile Monthly'!$C$5:$BV$5=F$6),'Financial Profile Monthly'!$C24:$BV24)=0,\"\",\nSUMPRODUCT(--('Financial Profile Monthly'!$C$5:$BV$5=F$6),--('Financial Profile Monthly'!$C$6:$BV$6<=VLOOKUP(F$7,'Background Data'!$D$8:$E$19,2,FALSE)),'Financial Profile Monthly'!$C24:$BV24)),\"\")","v":""},{"$f":"IFERROR(IF(SUMPRODUCT(--('Financial Profile Monthly'!$C$5:$BV$5=G$6),'Financial Profile Monthly'!$C24:$BV24)=0,\"\",\nSUMPRODUCT(--('Financial Profile Monthly'!$C$5:$BV$5=G$6),--('Financial Profile Monthly'!$C$6:$BV$6<=VLOOKUP(G$7,'Background Data'!$D$8:$E$19,2,FALSE)),'Financial Profile Monthly'!$C24:$BV24)),\"\")","v":""},{"$f":"IFERROR(IF(SUMPRODUCT(--('Financial Profile Monthly'!$C$5:$BV$5=H$6),'Financial Profile Monthly'!$C24:$BV24)=0,\"\",\nSUMPRODUCT(--('Financial Profile Monthly'!$C$5:$BV$5=H$6),--('Financial Profile Monthly'!$C$6:$BV$6<=VLOOKUP(H$7,'Background Data'!$D$8:$E$19,2,FALSE)),'Financial Profile Monthly'!$C24:$BV24)),\"\")","v":""},null,{"$f":"IF(OR(ISBLANK('General Inputs'!$C$14),AND(ISBLANK($H25),ISBLANK(G25))),\"\",IFERROR($H25-G25,\"\"))","v":""},{"$f":"IF(ISBLANK('General Inputs'!$C$14),\"\",IF(AND(H25=0,G25=0),\"N/A*\",IFERROR(IF(MIN(H25,G25)<=0,IF((H25-G25)>0,\"P*\",\"N*\"),(H25/G25)-1),\"\")))","v":""},null,{"$f":"IFERROR(IF('General Inputs'!$C$16='Background Data'!$L$12,AVERAGE(C25:G25),\nIF('General Inputs'!$C$16='Background Data'!$L$11,AVERAGE(D25:G25),\nIF('General Inputs'!$C$16='Background Data'!$L$10,AVERAGE(E25:G25),\nIF('General Inputs'!$C$16='Background Data'!$L$9,AVERAGE(F25:G25),\"\")))),\"\")","v":""},{"$f":"IFERROR(H25-M25,\"\")","v":""},{"$f":"IF(AND(H25=0,M25=0),\"N/A*\",IFERROR(IF(MIN(H25,M25)<=0,IF((H25-M25)>0,\"P*\",\"N*\"),(H25/M25)-1),\"\"))","v":""}]
[null,"Cost of Goods Sold",{"$f":"IFERROR(IF(SUMPRODUCT(--('Financial Profile Monthly'!$C$5:$BV$5=C$6),'Financial Profile Monthly'!$C25:$BV25)=0,\"\",\nSUMPRODUCT(--('Financial Profile Monthly'!$C$5:$BV$5=C$6),--('Financial Profile Monthly'!$C$6:$BV$6<=VLOOKUP(C$7,'Background Data'!$D$8:$E$19,2,FALSE)),'Financial Profile Monthly'!$C25:$BV25)),\"\")","v":""},{"$f":"IFERROR(IF(SUMPRODUCT(--('Financial Profile Monthly'!$C$5:$BV$5=D$6),'Financial Profile Monthly'!$C25:$BV25)=0,\"\",\nSUMPRODUCT(--('Financial Profile Monthly'!$C$5:$BV$5=D$6),--('Financial Profile Monthly'!$C$6:$BV$6<=VLOOKUP(D$7,'Background Data'!$D$8:$E$19,2,FALSE)),'Financial Profile Monthly'!$C25:$BV25)),\"\")","v":""},{"$f":"IFERROR(IF(SUMPRODUCT(--('Financial Profile Monthly'!$C$5:$BV$5=E$6),'Financial Profile Monthly'!$C25:$BV25)=0,\"\",\nSUMPRODUCT(--('Financial Profile Monthly'!$C$5:$BV$5=E$6),--('Financial Profile Monthly'!$C$6:$BV$6<=VLOOKUP(E$7,'Background Data'!$D$8:$E$19,2,FALSE)),'Financial Profile Monthly'!$C25:$BV25)),\"\")","v":""},{"$f":"IFERROR(IF(SUMPRODUCT(--('Financial Profile Monthly'!$C$5:$BV$5=F$6),'Financial Profile Monthly'!$C25:$BV25)=0,\"\",\nSUMPRODUCT(--('Financial Profile Monthly'!$C$5:$BV$5=F$6),--('Financial Profile Monthly'!$C$6:$BV$6<=VLOOKUP(F$7,'Background Data'!$D$8:$E$19,2,FALSE)),'Financial Profile Monthly'!$C25:$BV25)),\"\")","v":""},{"$f":"IFERROR(IF(SUMPRODUCT(--('Financial Profile Monthly'!$C$5:$BV$5=G$6),'Financial Profile Monthly'!$C25:$BV25)=0,\"\",\nSUMPRODUCT(--('Financial Profile Monthly'!$C$5:$BV$5=G$6),--('Financial Profile Monthly'!$C$6:$BV$6<=VLOOKUP(G$7,'Background Data'!$D$8:$E$19,2,FALSE)),'Financial Profile Monthly'!$C25:$BV25)),\"\")","v":""},{"$f":"IFERROR(IF(SUMPRODUCT(--('Financial Profile Monthly'!$C$5:$BV$5=H$6),'Financial Profile Monthly'!$C25:$BV25)=0,\"\",\nSUMPRODUCT(--('Financial Profile Monthly'!$C$5:$BV$5=H$6),--('Financial Profile Monthly'!$C$6:$BV$6<=VLOOKUP(H$7,'Background Data'!$D$8:$E$19,2,FALSE)),'Financial Profile Monthly'!$C25:$BV25)),\"\")","v":""},null,{"$f":"IF(OR(ISBLANK('General Inputs'!$C$14),AND(ISBLANK($H26),ISBLANK(G26))),\"\",IFERROR($H26-G26,\"\"))","v":""},{"$f":"IF(ISBLANK('General Inputs'!$C$14),\"\",IF(AND(H26=0,G26=0),\"N/A*\",IFERROR(IF(MIN(H26,G26)<=0,IF((H26-G26)>0,\"P*\",\"N*\"),(H26/G26)-1),\"\")))","v":""},null,{"$f":"IFERROR(IF('General Inputs'!$C$16='Background Data'!$L$12,AVERAGE(C26:G26),\nIF('General Inputs'!$C$16='Background Data'!$L$11,AVERAGE(D26:G26),\nIF('General Inputs'!$C$16='Background Data'!$L$10,AVERAGE(E26:G26),\nIF('General Inputs'!$C$16='Background Data'!$L$9,AVERAGE(F26:G26),\"\")))),\"\")","v":""},"",""]
[null,"Gross Profit",{"$f":"IFERROR(IF(SUMPRODUCT(--('Financial Profile Monthly'!$C$5:$BV$5=C$6),'Financial Profile Monthly'!$C26:$BV26)=0,\"\",\nSUMPRODUCT(--('Financial Profile Monthly'!$C$5:$BV$5=C$6),--('Financial Profile Monthly'!$C$6:$BV$6<=VLOOKUP(C$7,'Background Data'!$D$8:$E$19,2,FALSE)),'Financial Profile Monthly'!$C26:$BV26)),\"\")","v":""},{"$f":"IFERROR(IF(SUMPRODUCT(--('Financial Profile Monthly'!$C$5:$BV$5=D$6),'Financial Profile Monthly'!$C26:$BV26)=0,\"\",\nSUMPRODUCT(--('Financial Profile Monthly'!$C$5:$BV$5=D$6),--('Financial Profile Monthly'!$C$6:$BV$6<=VLOOKUP(D$7,'Background Data'!$D$8:$E$19,2,FALSE)),'Financial Profile Monthly'!$C26:$BV26)),\"\")","v":""},{"$f":"IFERROR(IF(SUMPRODUCT(--('Financial Profile Monthly'!$C$5:$BV$5=E$6),'Financial Profile Monthly'!$C26:$BV26)=0,\"\",\nSUMPRODUCT(--('Financial Profile Monthly'!$C$5:$BV$5=E$6),--('Financial Profile Monthly'!$C$6:$BV$6<=VLOOKUP(E$7,'Background Data'!$D$8:$E$19,2,FALSE)),'Financial Profile Monthly'!$C26:$BV26)),\"\")","v":""},{"$f":"IFERROR(IF(SUMPRODUCT(--('Financial Profile Monthly'!$C$5:$BV$5=F$6),'Financial Profile Monthly'!$C26:$BV26)=0,\"\",\nSUMPRODUCT(--('Financial Profile Monthly'!$C$5:$BV$5=F$6),--('Financial Profile Monthly'!$C$6:$BV$6<=VLOOKUP(F$7,'Background Data'!$D$8:$E$19,2,FALSE)),'Financial Profile Monthly'!$C26:$BV26)),\"\")","v":""},{"$f":"IFERROR(IF(SUMPRODUCT(--('Financial Profile Monthly'!$C$5:$BV$5=G$6),'Financial Profile Monthly'!$C26:$BV26)=0,\"\",\nSUMPRODUCT(--('Financial Profile Monthly'!$C$5:$BV$5=G$6),--('Financial Profile Monthly'!$C$6:$BV$6<=VLOOKUP(G$7,'Background Data'!$D$8:$E$19,2,FALSE)),'Financial Profile Monthly'!$C26:$BV26)),\"\")","v":""},{"$f":"IFERROR(IF(SUMPRODUCT(--('Financial Profile Monthly'!$C$5:$BV$5=H$6),'Financial Profile Monthly'!$C26:$BV26)=0,\"\",\nSUMPRODUCT(--('Financial Profile Monthly'!$C$5:$BV$5=H$6),--('Financial Profile Monthly'!$C$6:$BV$6<=VLOOKUP(H$7,'Background Data'!$D$8:$E$19,2,FALSE)),'Financial Profile Monthly'!$C26:$BV26)),\"\")","v":""},null,{"$f":"IF(OR(ISBLANK('General Inputs'!$C$14),AND(ISBLANK($H27),ISBLANK(G27))),\"\",IFERROR($H27-G27,\"\"))","v":""},{"$f":"IF(ISBLANK('General Inputs'!$C$14),\"\",IF(AND(H27=0,G27=0),\"N/A*\",IFERROR(IF(MIN(H27,G27)<=0,IF((H27-G27)>0,\"P*\",\"N*\"),(H27/G27)-1),\"\")))","v":""},null,{"$f":"IFERROR(IF('General Inputs'!$C$16='Background Data'!$L$12,AVERAGE(C27:G27),\nIF('General Inputs'!$C$16='Background Data'!$L$11,AVERAGE(D27:G27),\nIF('General Inputs'!$C$16='Background Data'!$L$10,AVERAGE(E27:G27),\nIF('General Inputs'!$C$16='Background Data'!$L$9,AVERAGE(F27:G27),\"\")))),\"\")","v":""},"",""]
[null,"Other Expenses and Income"]
[null,"Depreciation, Depletion, and Amortization",{"$f":"IFERROR(IF(SUMPRODUCT(--('Financial Profile Monthly'!$C$5:$BV$5=C$6),'Financial Profile Monthly'!$C28:$BV28)=0,\"\",\nSUMPRODUCT(--('Financial Profile Monthly'!$C$5:$BV$5=C$6),--('Financial Profile Monthly'!$C$6:$BV$6<=VLOOKUP(C$7,'Background Data'!$D$8:$E$19,2,FALSE)),'Financial Profile Monthly'!$C28:$BV28)),\"\")","v":""},{"$f":"IFERROR(IF(SUMPRODUCT(--('Financial Profile Monthly'!$C$5:$BV$5=D$6),'Financial Profile Monthly'!$C28:$BV28)=0,\"\",\nSUMPRODUCT(--('Financial Profile Monthly'!$C$5:$BV$5=D$6),--('Financial Profile Monthly'!$C$6:$BV$6<=VLOOKUP(D$7,'Background Data'!$D$8:$E$19,2,FALSE)),'Financial Profile Monthly'!$C28:$BV28)),\"\")","v":""},{"$f":"IFERROR(IF(SUMPRODUCT(--('Financial Profile Monthly'!$C$5:$BV$5=E$6),'Financial Profile Monthly'!$C28:$BV28)=0,\"\",\nSUMPRODUCT(--('Financial Profile Monthly'!$C$5:$BV$5=E$6),--('Financial Profile Monthly'!$C$6:$BV$6<=VLOOKUP(E$7,'Background Data'!$D$8:$E$19,2,FALSE)),'Financial Profile Monthly'!$C28:$BV28)),\"\")","v":""},{"$f":"IFERROR(IF(SUMPRODUCT(--('Financial Profile Monthly'!$C$5:$BV$5=F$6),'Financial Profile Monthly'!$C28:$BV28)=0,\"\",\nSUMPRODUCT(--('Financial Profile Monthly'!$C$5:$BV$5=F$6),--('Financial Profile Monthly'!$C$6:$BV$6<=VLOOKUP(F$7,'Background Data'!$D$8:$E$19,2,FALSE)),'Financial Profile Monthly'!$C28:$BV28)),\"\")","v":""},{"$f":"IFERROR(IF(SUMPRODUCT(--('Financial Profile Monthly'!$C$5:$BV$5=G$6),'Financial Profile Monthly'!$C28:$BV28)=0,\"\",\nSUMPRODUCT(--('Financial Profile Monthly'!$C$5:$BV$5=G$6),--('Financial Profile Monthly'!$C$6:$BV$6<=VLOOKUP(G$7,'Background Data'!$D$8:$E$19,2,FALSE)),'Financial Profile Monthly'!$C28:$BV28)),\"\")","v":""},{"$f":"IFERROR(IF(AND(ISBLANK('Financial Inputs'!$C$11),SUMPRODUCT(--('Financial Profile Monthly'!$C$5:$BV$5=H$6),'Financial Profile Monthly'!$C28:$BV28)=0),\"\",\nSUMPRODUCT(--('Financial Profile Monthly'!$C$5:$BV$5=H$6),--('Financial Profile Monthly'!$C$6:$BV$6<=VLOOKUP(H$7,'Background Data'!$D$8:$E$19,2,FALSE)),'Financial Profile Monthly'!$C28:$BV28)),\"\")","v":""},null,{"$f":"IF(OR(ISBLANK('General Inputs'!$C$14),AND(ISBLANK($H29),ISBLANK(G29))),\"\",IFERROR($H29-G29,\"\"))","v":""},{"$f":"IF(ISBLANK('General Inputs'!$C$14),\"\",IF(AND(H29=0,G29=0),\"N/A*\",IFERROR(IF(MIN(H29,G29)<=0,IF((H29-G29)>0,\"P*\",\"N*\"),(H29/G29)-1),\"\")))","v":""},null,{"$f":"IFERROR(IF('General Inputs'!$C$16='Background Data'!$L$12,AVERAGE(C29:G29),\nIF('General Inputs'!$C$16='Background Data'!$L$11,AVERAGE(D29:G29),\nIF('General Inputs'!$C$16='Background Data'!$L$10,AVERAGE(E29:G29),\nIF('General Inputs'!$C$16='Background Data'!$L$9,AVERAGE(F29:G29),\"\")))),\"\")","v":""},{"$f":"IFERROR(H29-M29,\"\")","v":""},{"$f":"IF(AND(H29=0,M29=0),\"N/A*\",IFERROR(IF(MIN(H29,M29)<=0,IF((H29-M29)>0,\"P*\",\"N*\"),(H29/M29)-1),\"\"))","v":""}]
[null,"Other Expenses (Income)",{"$f":"IFERROR(IF(SUMPRODUCT(--('Financial Profile Monthly'!$C$5:$BV$5=C$6),'Financial Profile Monthly'!$C29:$BV29)=0,\"\",\nSUMPRODUCT(--('Financial Profile Monthly'!$C$5:$BV$5=C$6),--('Financial Profile Monthly'!$C$6:$BV$6<=VLOOKUP(C$7,'Background Data'!$D$8:$E$19,2,FALSE)),'Financial Profile Monthly'!$C29:$BV29)),\"\")","v":""},{"$f":"IFERROR(IF(SUMPRODUCT(--('Financial Profile Monthly'!$C$5:$BV$5=D$6),'Financial Profile Monthly'!$C29:$BV29)=0,\"\",\nSUMPRODUCT(--('Financial Profile Monthly'!$C$5:$BV$5=D$6),--('Financial Profile Monthly'!$C$6:$BV$6<=VLOOKUP(D$7,'Background Data'!$D$8:$E$19,2,FALSE)),'Financial Profile Monthly'!$C29:$BV29)),\"\")","v":""},{"$f":"IFERROR(IF(SUMPRODUCT(--('Financial Profile Monthly'!$C$5:$BV$5=E$6),'Financial Profile Monthly'!$C29:$BV29)=0,\"\",\nSUMPRODUCT(--('Financial Profile Monthly'!$C$5:$BV$5=E$6),--('Financial Profile Monthly'!$C$6:$BV$6<=VLOOKUP(E$7,'Background Data'!$D$8:$E$19,2,FALSE)),'Financial Profile Monthly'!$C29:$BV29)),\"\")","v":""},{"$f":"IFERROR(IF(SUMPRODUCT(--('Financial Profile Monthly'!$C$5:$BV$5=F$6),'Financial Profile Monthly'!$C29:$BV29)=0,\"\",\nSUMPRODUCT(--('Financial Profile Monthly'!$C$5:$BV$5=F$6),--('Financial Profile Monthly'!$C$6:$BV$6<=VLOOKUP(F$7,'Background Data'!$D$8:$E$19,2,FALSE)),'Financial Profile Monthly'!$C29:$BV29)),\"\")","v":""},{"$f":"IFERROR(IF(SUMPRODUCT(--('Financial Profile Monthly'!$C$5:$BV$5=G$6),'Financial Profile Monthly'!$C29:$BV29)=0,\"\",\nSUMPRODUCT(--('Financial Profile Monthly'!$C$5:$BV$5=G$6),--('Financial Profile Monthly'!$C$6:$BV$6<=VLOOKUP(G$7,'Background Data'!$D$8:$E$19,2,FALSE)),'Financial Profile Monthly'!$C29:$BV29)),\"\")","v":""},{"$f":"IFERROR(IF(SUMPRODUCT(--('Financial Profile Monthly'!$C$5:$BV$5=H$6),'Financial Profile Monthly'!$C29:$BV29)=0,\"\",\nSUMPRODUCT(--('Financial Profile Monthly'!$C$5:$BV$5=H$6),--('Financial Profile Monthly'!$C$6:$BV$6<=VLOOKUP(H$7,'Background Data'!$D$8:$E$19,2,FALSE)),'Financial Profile Monthly'!$C29:$BV29)),\"\")","v":""},null,{"$f":"IF(OR(ISBLANK('General Inputs'!$C$14),AND(ISBLANK($H30),ISBLANK(G30))),\"\",IFERROR($H30-G30,\"\"))","v":""},{"$f":"IF(ISBLANK('General Inputs'!$C$14),\"\",IF(AND(H30=0,G30=0),\"N/A*\",IFERROR(IF(MIN(H30,G30)<=0,IF((H30-G30)>0,\"P*\",\"N*\"),(H30/G30)-1),\"\")))","v":""},null,{"$f":"IFERROR(IF('General Inputs'!$C$16='Background Data'!$L$12,AVERAGE(C30:G30),\nIF('General Inputs'!$C$16='Background Data'!$L$11,AVERAGE(D30:G30),\nIF('General Inputs'!$C$16='Background Data'!$L$10,AVERAGE(E30:G30),\nIF('General Inputs'!$C$16='Background Data'!$L$9,AVERAGE(F30:G30),\"\")))),\"\")","v":""},"",""]
[null,"Total Expenses (Income)",{"$f":"IFERROR(IF(SUMPRODUCT(--('Financial Profile Monthly'!$C$5:$BV$5=C$6),'Financial Profile Monthly'!$C30:$BV30)=0,\"\",\nSUMPRODUCT(--('Financial Profile Monthly'!$C$5:$BV$5=C$6),--('Financial Profile Monthly'!$C$6:$BV$6<=VLOOKUP(C$7,'Background Data'!$D$8:$E$19,2,FALSE)),'Financial Profile Monthly'!$C30:$BV30)),\"\")","v":""},{"$f":"IFERROR(IF(SUMPRODUCT(--('Financial Profile Monthly'!$C$5:$BV$5=D$6),'Financial Profile Monthly'!$C30:$BV30)=0,\"\",\nSUMPRODUCT(--('Financial Profile Monthly'!$C$5:$BV$5=D$6),--('Financial Profile Monthly'!$C$6:$BV$6<=VLOOKUP(D$7,'Background Data'!$D$8:$E$19,2,FALSE)),'Financial Profile Monthly'!$C30:$BV30)),\"\")","v":""},{"$f":"IFERROR(IF(SUMPRODUCT(--('Financial Profile Monthly'!$C$5:$BV$5=E$6),'Financial Profile Monthly'!$C30:$BV30)=0,\"\",\nSUMPRODUCT(--('Financial Profile Monthly'!$C$5:$BV$5=E$6),--('Financial Profile Monthly'!$C$6:$BV$6<=VLOOKUP(E$7,'Background Data'!$D$8:$E$19,2,FALSE)),'Financial Profile Monthly'!$C30:$BV30)),\"\")","v":""},{"$f":"IFERROR(IF(SUMPRODUCT(--('Financial Profile Monthly'!$C$5:$BV$5=F$6),'Financial Profile Monthly'!$C30:$BV30)=0,\"\",\nSUMPRODUCT(--('Financial Profile Monthly'!$C$5:$BV$5=F$6),--('Financial Profile Monthly'!$C$6:$BV$6<=VLOOKUP(F$7,'Background Data'!$D$8:$E$19,2,FALSE)),'Financial Profile Monthly'!$C30:$BV30)),\"\")","v":""},{"$f":"IFERROR(IF(SUMPRODUCT(--('Financial Profile Monthly'!$C$5:$BV$5=G$6),'Financial Profile Monthly'!$C30:$BV30)=0,\"\",\nSUMPRODUCT(--('Financial Profile Monthly'!$C$5:$BV$5=G$6),--('Financial Profile Monthly'!$C$6:$BV$6<=VLOOKUP(G$7,'Background Data'!$D$8:$E$19,2,FALSE)),'Financial Profile Monthly'!$C30:$BV30)),\"\")","v":""},{"$f":"IFERROR(IF(SUMPRODUCT(--('Financial Profile Monthly'!$C$5:$BV$5=H$6),'Financial Profile Monthly'!$C30:$BV30)=0,\"\",\nSUMPRODUCT(--('Financial Profile Monthly'!$C$5:$BV$5=H$6),--('Financial Profile Monthly'!$C$6:$BV$6<=VLOOKUP(H$7,'Background Data'!$D$8:$E$19,2,FALSE)),'Financial Profile Monthly'!$C30:$BV30)),\"\")","v":""},null,{"$f":"IF(OR(ISBLANK('General Inputs'!$C$14),AND(ISBLANK($H31),ISBLANK(G31))),\"\",IFERROR($H31-G31,\"\"))","v":""},{"$f":"IF(ISBLANK('General Inputs'!$C$14),\"\",IF(AND(H31=0,G31=0),\"N/A*\",IFERROR(IF(MIN(H31,G31)<=0,IF((H31-G31)>0,\"P*\",\"N*\"),(H31/G31)-1),\"\")))","v":""},null,{"$f":"IFERROR(IF('General Inputs'!$C$16='Background Data'!$L$12,AVERAGE(C31:G31),\nIF('General Inputs'!$C$16='Background Data'!$L$11,AVERAGE(D31:G31),\nIF('General Inputs'!$C$16='Background Data'!$L$10,AVERAGE(E31:G31),\nIF('General Inputs'!$C$16='Background Data'!$L$9,AVERAGE(F31:G31),\"\")))),\"\")","v":""},"",""]
[null,"Net Income Before Taxes",{"$f":"IFERROR(IF(SUMPRODUCT(--('Financial Profile Monthly'!$C$5:$BV$5=C$6),'Financial Profile Monthly'!$C31:$BV31)=0,\"\",\nSUMPRODUCT(--('Financial Profile Monthly'!$C$5:$BV$5=C$6),--('Financial Profile Monthly'!$C$6:$BV$6<=VLOOKUP(C$7,'Background Data'!$D$8:$E$19,2,FALSE)),'Financial Profile Monthly'!$C31:$BV31)),\"\")","v":""},{"$f":"IFERROR(IF(SUMPRODUCT(--('Financial Profile Monthly'!$C$5:$BV$5=D$6),'Financial Profile Monthly'!$C31:$BV31)=0,\"\",\nSUMPRODUCT(--('Financial Profile Monthly'!$C$5:$BV$5=D$6),--('Financial Profile Monthly'!$C$6:$BV$6<=VLOOKUP(D$7,'Background Data'!$D$8:$E$19,2,FALSE)),'Financial Profile Monthly'!$C31:$BV31)),\"\")","v":""},{"$f":"IFERROR(IF(SUMPRODUCT(--('Financial Profile Monthly'!$C$5:$BV$5=E$6),'Financial Profile Monthly'!$C31:$BV31)=0,\"\",\nSUMPRODUCT(--('Financial Profile Monthly'!$C$5:$BV$5=E$6),--('Financial Profile Monthly'!$C$6:$BV$6<=VLOOKUP(E$7,'Background Data'!$D$8:$E$19,2,FALSE)),'Financial Profile Monthly'!$C31:$BV31)),\"\")","v":""},{"$f":"IFERROR(IF(SUMPRODUCT(--('Financial Profile Monthly'!$C$5:$BV$5=F$6),'Financial Profile Monthly'!$C31:$BV31)=0,\"\",\nSUMPRODUCT(--('Financial Profile Monthly'!$C$5:$BV$5=F$6),--('Financial Profile Monthly'!$C$6:$BV$6<=VLOOKUP(F$7,'Background Data'!$D$8:$E$19,2,FALSE)),'Financial Profile Monthly'!$C31:$BV31)),\"\")","v":""},{"$f":"IFERROR(IF(SUMPRODUCT(--('Financial Profile Monthly'!$C$5:$BV$5=G$6),'Financial Profile Monthly'!$C31:$BV31)=0,\"\",\nSUMPRODUCT(--('Financial Profile Monthly'!$C$5:$BV$5=G$6),--('Financial Profile Monthly'!$C$6:$BV$6<=VLOOKUP(G$7,'Background Data'!$D$8:$E$19,2,FALSE)),'Financial Profile Monthly'!$C31:$BV31)),\"\")","v":""},{"$f":"IFERROR(IF(SUMPRODUCT(--('Financial Profile Monthly'!$C$5:$BV$5=H$6),'Financial Profile Monthly'!$C31:$BV31)=0,\"\",\nSUMPRODUCT(--('Financial Profile Monthly'!$C$5:$BV$5=H$6),--('Financial Profile Monthly'!$C$6:$BV$6<=VLOOKUP(H$7,'Background Data'!$D$8:$E$19,2,FALSE)),'Financial Profile Monthly'!$C31:$BV31)),\"\")","v":""},null,{"$f":"IF(OR(ISBLANK('General Inputs'!$C$14),AND(ISBLANK($H32),ISBLANK(G32))),\"\",IFERROR($H32-G32,\"\"))","v":""},{"$f":"IF(ISBLANK('General Inputs'!$C$14),\"\",IF(AND(H32=0,G32=0),\"N/A*\",IFERROR(IF(MIN(H32,G32)<=0,IF((H32-G32)>0,\"P*\",\"N*\"),(H32/G32)-1),\"\")))","v":""},null,{"$f":"IFERROR(IF('General Inputs'!$C$16='Background Data'!$L$12,AVERAGE(C32:G32),\nIF('General Inputs'!$C$16='Background Data'!$L$11,AVERAGE(D32:G32),\nIF('General Inputs'!$C$16='Background Data'!$L$10,AVERAGE(E32:G32),\nIF('General Inputs'!$C$16='Background Data'!$L$9,AVERAGE(F32:G32),\"\")))),\"\")","v":""},"",""]
[]
[null,"Summary of Estimated Cash Flow"]
[]
[null,"Net Income Before Taxes ",{"$f":"IFERROR(IF(SUMPRODUCT(--('Financial Profile Monthly'!$C$5:$BV$5=C$6),'Financial Profile Monthly'!$C35:$BV35)=0,\"\",\nSUMPRODUCT(--('Financial Profile Monthly'!$C$5:$BV$5=C$6),--('Financial Profile Monthly'!$C$6:$BV$6<=VLOOKUP(C$7,'Background Data'!$D$8:$E$19,2,FALSE)),'Financial Profile Monthly'!$C35:$BV35)),\"\")","v":""},{"$f":"IFERROR(IF(SUMPRODUCT(--('Financial Profile Monthly'!$C$5:$BV$5=D$6),'Financial Profile Monthly'!$C35:$BV35)=0,\"\",\nSUMPRODUCT(--('Financial Profile Monthly'!$C$5:$BV$5=D$6),--('Financial Profile Monthly'!$C$6:$BV$6<=VLOOKUP(D$7,'Background Data'!$D$8:$E$19,2,FALSE)),'Financial Profile Monthly'!$C35:$BV35)),\"\")","v":""},{"$f":"IFERROR(IF(SUMPRODUCT(--('Financial Profile Monthly'!$C$5:$BV$5=E$6),'Financial Profile Monthly'!$C35:$BV35)=0,\"\",\nSUMPRODUCT(--('Financial Profile Monthly'!$C$5:$BV$5=E$6),--('Financial Profile Monthly'!$C$6:$BV$6<=VLOOKUP(E$7,'Background Data'!$D$8:$E$19,2,FALSE)),'Financial Profile Monthly'!$C35:$BV35)),\"\")","v":""},{"$f":"IFERROR(IF(SUMPRODUCT(--('Financial Profile Monthly'!$C$5:$BV$5=F$6),'Financial Profile Monthly'!$C35:$BV35)=0,\"\",\nSUMPRODUCT(--('Financial Profile Monthly'!$C$5:$BV$5=F$6),--('Financial Profile Monthly'!$C$6:$BV$6<=VLOOKUP(F$7,'Background Data'!$D$8:$E$19,2,FALSE)),'Financial Profile Monthly'!$C35:$BV35)),\"\")","v":""},{"$f":"IFERROR(IF(SUMPRODUCT(--('Financial Profile Monthly'!$C$5:$BV$5=G$6),'Financial Profile Monthly'!$C35:$BV35)=0,\"\",\nSUMPRODUCT(--('Financial Profile Monthly'!$C$5:$BV$5=G$6),--('Financial Profile Monthly'!$C$6:$BV$6<=VLOOKUP(G$7,'Background Data'!$D$8:$E$19,2,FALSE)),'Financial Profile Monthly'!$C35:$BV35)),\"\")","v":""},{"$f":"IFERROR(IF(SUMPRODUCT(--('Financial Profile Monthly'!$C$5:$BV$5=H$6),'Financial Profile Monthly'!$C35:$BV35)=0,\"\",\nSUMPRODUCT(--('Financial Profile Monthly'!$C$5:$BV$5=H$6),--('Financial Profile Monthly'!$C$6:$BV$6<=VLOOKUP(H$7,'Background Data'!$D$8:$E$19,2,FALSE)),'Financial Profile Monthly'!$C35:$BV35)),\"\")","v":""},null,{"$f":"IF(OR(ISBLANK('General Inputs'!$C$14),AND(ISBLANK($H36),ISBLANK(G36))),\"\",IFERROR($H36-G36,\"\"))","v":""},{"$f":"IF(ISBLANK('General Inputs'!$C$14),\"\",IF(AND(H36=0,G36=0),\"N/A*\",IFERROR(IF(MIN(H36,G36)<=0,IF((H36-G36)>0,\"P*\",\"N*\"),(H36/G36)-1),\"\")))","v":""},null,{"$f":"IFERROR(IF('General Inputs'!$C$16='Background Data'!$L$12,AVERAGE(C36:G36),\nIF('General Inputs'!$C$16='Background Data'!$L$11,AVERAGE(D36:G36),\nIF('General Inputs'!$C$16='Background Data'!$L$10,AVERAGE(E36:G36),\nIF('General Inputs'!$C$16='Background Data'!$L$9,AVERAGE(F36:G36),\"\")))),\"\")","v":""},{"$f":"IFERROR(H36-M36,\"\")","v":""},{"$f":"IF(AND(H36=0,M36=0),\"N/A*\",IFERROR(IF(MIN(H36,M36)<=0,IF((H36-M36)>0,\"P*\",\"N*\"),(H36/M36)-1),\"\"))","v":""}]
[null,"Depreciation, Depletion, and Amortization ",{"$f":"IFERROR(IF(SUMPRODUCT(--('Financial Profile Monthly'!$C$5:$BV$5=C$6),'Financial Profile Monthly'!$C36:$BV36)=0,\"\",\nSUMPRODUCT(--('Financial Profile Monthly'!$C$5:$BV$5=C$6),--('Financial Profile Monthly'!$C$6:$BV$6<=VLOOKUP(C$7,'Background Data'!$D$8:$E$19,2,FALSE)),'Financial Profile Monthly'!$C36:$BV36)),\"\")","v":""},{"$f":"IFERROR(IF(SUMPRODUCT(--('Financial Profile Monthly'!$C$5:$BV$5=D$6),'Financial Profile Monthly'!$C36:$BV36)=0,\"\",\nSUMPRODUCT(--('Financial Profile Monthly'!$C$5:$BV$5=D$6),--('Financial Profile Monthly'!$C$6:$BV$6<=VLOOKUP(D$7,'Background Data'!$D$8:$E$19,2,FALSE)),'Financial Profile Monthly'!$C36:$BV36)),\"\")","v":""},{"$f":"IFERROR(IF(SUMPRODUCT(--('Financial Profile Monthly'!$C$5:$BV$5=E$6),'Financial Profile Monthly'!$C36:$BV36)=0,\"\",\nSUMPRODUCT(--('Financial Profile Monthly'!$C$5:$BV$5=E$6),--('Financial Profile Monthly'!$C$6:$BV$6<=VLOOKUP(E$7,'Background Data'!$D$8:$E$19,2,FALSE)),'Financial Profile Monthly'!$C36:$BV36)),\"\")","v":""},{"$f":"IFERROR(IF(SUMPRODUCT(--('Financial Profile Monthly'!$C$5:$BV$5=F$6),'Financial Profile Monthly'!$C36:$BV36)=0,\"\",\nSUMPRODUCT(--('Financial Profile Monthly'!$C$5:$BV$5=F$6),--('Financial Profile Monthly'!$C$6:$BV$6<=VLOOKUP(F$7,'Background Data'!$D$8:$E$19,2,FALSE)),'Financial Profile Monthly'!$C36:$BV36)),\"\")","v":""},{"$f":"IFERROR(IF(SUMPRODUCT(--('Financial Profile Monthly'!$C$5:$BV$5=G$6),'Financial Profile Monthly'!$C36:$BV36)=0,\"\",\nSUMPRODUCT(--('Financial Profile Monthly'!$C$5:$BV$5=G$6),--('Financial Profile Monthly'!$C$6:$BV$6<=VLOOKUP(G$7,'Background Data'!$D$8:$E$19,2,FALSE)),'Financial Profile Monthly'!$C36:$BV36)),\"\")","v":""},{"$f":"IFERROR(IF(AND(ISBLANK('Financial Inputs'!$C$11),SUMPRODUCT(--('Financial Profile Monthly'!$C$5:$BV$5=H$6),'Financial Profile Monthly'!$C36:$BV36)=0),\"\",\nSUMPRODUCT(--('Financial Profile Monthly'!$C$5:$BV$5=H$6),--('Financial Profile Monthly'!$C$6:$BV$6<=VLOOKUP(H$7,'Background Data'!$D$8:$E$19,2,FALSE)),'Financial Profile Monthly'!$C36:$BV36)),\"\")","v":""},null,{"$f":"IF(OR(ISBLANK('General Inputs'!$C$14),AND(ISBLANK($H37),ISBLANK(G37))),\"\",IFERROR($H37-G37,\"\"))","v":""},{"$f":"IF(ISBLANK('General Inputs'!$C$14),\"\",IF(AND(H37=0,G37=0),\"N/A*\",IFERROR(IF(MIN(H37,G37)<=0,IF((H37-G37)>0,\"P*\",\"N*\"),(H37/G37)-1),\"\")))","v":""},null,{"$f":"IFERROR(IF('General Inputs'!$C$16='Background Data'!$L$12,AVERAGE(C37:G37),\nIF('General Inputs'!$C$16='Background Data'!$L$11,AVERAGE(D37:G37),\nIF('General Inputs'!$C$16='Background Data'!$L$10,AVERAGE(E37:G37),\nIF('General Inputs'!$C$16='Background Data'!$L$9,AVERAGE(F37:G37),\"\")))),\"\")","v":""},"",""]
[null,"Estimated Pre-Tax Cash Flow",{"$f":"IFERROR(IF(SUMPRODUCT(--('Financial Profile Monthly'!$C$5:$BV$5=C$6),'Financial Profile Monthly'!$C37:$BV37)=0,\"\",\nSUMPRODUCT(--('Financial Profile Monthly'!$C$5:$BV$5=C$6),--('Financial Profile Monthly'!$C$6:$BV$6<=VLOOKUP(C$7,'Background Data'!$D$8:$E$19,2,FALSE)),'Financial Profile Monthly'!$C37:$BV37)),\"\")","v":""},{"$f":"IFERROR(IF(SUMPRODUCT(--('Financial Profile Monthly'!$C$5:$BV$5=D$6),'Financial Profile Monthly'!$C37:$BV37)=0,\"\",\nSUMPRODUCT(--('Financial Profile Monthly'!$C$5:$BV$5=D$6),--('Financial Profile Monthly'!$C$6:$BV$6<=VLOOKUP(D$7,'Background Data'!$D$8:$E$19,2,FALSE)),'Financial Profile Monthly'!$C37:$BV37)),\"\")","v":""},{"$f":"IFERROR(IF(SUMPRODUCT(--('Financial Profile Monthly'!$C$5:$BV$5=E$6),'Financial Profile Monthly'!$C37:$BV37)=0,\"\",\nSUMPRODUCT(--('Financial Profile Monthly'!$C$5:$BV$5=E$6),--('Financial Profile Monthly'!$C$6:$BV$6<=VLOOKUP(E$7,'Background Data'!$D$8:$E$19,2,FALSE)),'Financial Profile Monthly'!$C37:$BV37)),\"\")","v":""},{"$f":"IFERROR(IF(SUMPRODUCT(--('Financial Profile Monthly'!$C$5:$BV$5=F$6),'Financial Profile Monthly'!$C37:$BV37)=0,\"\",\nSUMPRODUCT(--('Financial Profile Monthly'!$C$5:$BV$5=F$6),--('Financial Profile Monthly'!$C$6:$BV$6<=VLOOKUP(F$7,'Background Data'!$D$8:$E$19,2,FALSE)),'Financial Profile Monthly'!$C37:$BV37)),\"\")","v":""},{"$f":"IFERROR(IF(SUMPRODUCT(--('Financial Profile Monthly'!$C$5:$BV$5=G$6),'Financial Profile Monthly'!$C37:$BV37)=0,\"\",\nSUMPRODUCT(--('Financial Profile Monthly'!$C$5:$BV$5=G$6),--('Financial Profile Monthly'!$C$6:$BV$6<=VLOOKUP(G$7,'Background Data'!$D$8:$E$19,2,FALSE)),'Financial Profile Monthly'!$C37:$BV37)),\"\")","v":""},{"$f":"IFERROR(IF(SUMPRODUCT(--('Financial Profile Monthly'!$C$5:$BV$5=H$6),'Financial Profile Monthly'!$C37:$BV37)=0,\"\",\nSUMPRODUCT(--('Financial Profile Monthly'!$C$5:$BV$5=H$6),--('Financial Profile Monthly'!$C$6:$BV$6<=VLOOKUP(H$7,'Background Data'!$D$8:$E$19,2,FALSE)),'Financial Profile Monthly'!$C37:$BV37)),\"\")","v":""},null,{"$f":"IF(OR(ISBLANK('General Inputs'!$C$14),AND(ISBLANK($H38),ISBLANK(G38))),\"\",IFERROR($H38-G38,\"\"))","v":""},{"$f":"IF(ISBLANK('General Inputs'!$C$14),\"\",IF(AND(H38=0,G38=0),\"N/A*\",IFERROR(IF(MIN(H38,G38)<=0,IF((H38-G38)>0,\"P*\",\"N*\"),(H38/G38)-1),\"\")))","v":""},null,{"$f":"IFERROR(IF('General Inputs'!$C$16='Background Data'!$L$12,AVERAGE(C38:G38),\nIF('General Inputs'!$C$16='Background Data'!$L$11,AVERAGE(D38:G38),\nIF('General Inputs'!$C$16='Background Data'!$L$10,AVERAGE(E38:G38),\nIF('General Inputs'!$C$16='Background Data'!$L$9,AVERAGE(F38:G38),\"\")))),\"\")","v":""},"",""]
[]
[null,"*The tool does not report percentage changes when there is a negative value in the preceding period or the current period, or if both periods are zero. "]
[null,"  Instead, in these instances, the tool returns an \"N\" if the change between the periods is negative; a \"P\" if the change between the periods is positive; or an \"N/A\" if both periods are zero. "]

{"sheet":"Financial Charts Data","index":11,"n_rows":42,"n_cols":14,"rows_kept":42,"hidden":true,"merged":[[38,1,38,4],[39,1,39,4],[40,1,40,4],[41,1,41,4]]}
[null,"ATP TOOL FOR PARTIAL-YEAR DATA FOR BUSINESSES"]
[]
[null,"Financial Charts Data"]
[]
[null,{"$f":"'Financial Charts'!J5","v":"Monthly Results in Dollars, by Year"}]
[]
[null,"Total Revenues Less Returns and Allowances"]
[]
[null,"Year",1,2,3,4,5,6,7,8,9,10,11,12]
[null,{"$f":"B11-1","v":-5},{"$f":"IF(INDEX('Financial Profile Monthly'!$C$7:$BV$38,MATCH($B$7,'Financial Profile Monthly'!$B$7:$B$38,0),\nMATCH(1,('Financial Profile Monthly'!$C$5:$BV$5=$B10)*('Financial Profile Monthly'!$C$6:$BV$6=C$9),0))=\"\",#N/A,\nINDEX('Financial Profile Monthly'!$C$7:$BV$38,MATCH($B$7,'Financial Profile Monthly'!$B$7:$B$38,0),\nMATCH(1,('Financial Profile Monthly'!$C$5:$BV$5=$B10)*('Financial Profile Monthly'!$C$6:$BV$6=C$9),0)))","v":{"$error":"#N/A"}},{"$f":"IF(INDEX('Financial Profile Monthly'!$C$7:$BV$38,MATCH($B$7,'Financial Profile Monthly'!$B$7:$B$38,0),\nMATCH(1,('Financial Profile Monthly'!$C$5:$BV$5=$B10)*('Financial Profile Monthly'!$C$6:$BV$6=D$9),0))=\"\",#N/A,\nINDEX('Financial Profile Monthly'!$C$7:$BV$38,MATCH($B$7,'Financial Profile Monthly'!$B$7:$B$38,0),\nMATCH(1,('Financial Profile Monthly'!$C$5:$BV$5=$B10)*('Financial Profile Monthly'!$C$6:$BV$6=D$9),0)))","v":{"$error":"#N/A"}},{"$f":"IF(INDEX('Financial Profile Monthly'!$C$7:$BV$38,MATCH($B$7,'Financial Profile Monthly'!$B$7:$B$38,0),\nMATCH(1,('Financial Profile Monthly'!$C$5:$BV$5=$B10)*('Financial Profile Monthly'!$C$6:$BV$6=E$9),0))=\"\",#N/A,\nINDEX('Financial Profile Monthly'!$C$7:$BV$38,MATCH($B$7,'Financial Profile Monthly'!$B$7:$B$38,0),\nMATCH(1,('Financial Profile Monthly'!$C$5:$BV$5=$B10)*('Financial Profile Monthly'!$C$6:$BV$6=E$9),0)))","v":{"$error":"#N/A"}},{"$f":"IF(INDEX('Financial Profile Monthly'!$C$7:$BV$38,MATCH($B$7,'Financial Profile Monthly'!$B$7:$B$38,0),\nMATCH(1,('Financial Profile Monthly'!$C$5:$BV$5=$B10)*('Financial Profile Monthly'!$C$6:$BV$6=F$9),0))=\"\",#N/A,\nINDEX('Financial Profile Monthly'!$C$7:$BV$38,MATCH($B$7,'Financial Profile Monthly'!$B$7:$B$38,0),\nMATCH(1,('Financial Profile Monthly'!$C$5:$BV$5=$B10)*('Financial Profile Monthly'!$C$6:$BV$6=F$9),0)))","v":{"$error":"#N/A"}},{"$f":"IF(INDEX('Financial Profile Monthly'!$C$7:$BV$38,MATCH($B$7,'Financial Profile Monthly'!$B$7:$B$38,0),\nMATCH(1,('Financial Profile Monthly'!$C$5:$BV$5=$B10)*('Financial Profile Monthly'!$C$6:$BV$6=G$9),0))=\"\",#N/A,\nINDEX('Financial Profile Monthly'!$C$7:$BV$38,MATCH($B$7,'Financial Profile Monthly'!$B$7:$B$38,0),\nMATCH(1,('Financial Profile Monthly'!$C$5:$BV$5=$B10)*('Financial Profile Monthly'!$C$6:$BV$6=G$9),0)))","v":{"$error":"#N/A"}},{"$f":"IF(INDEX('Financial Profile Monthly'!$C$7:$BV$38,MATCH($B$7,'Financial Profile Monthly'!$B$7:$B$38,0),\nMATCH(1,('Financial Profile Monthly'!$C$5:$BV$5=$B10)*('Financial Profile Monthly'!$C$6:$BV$6=H$9),0))=\"\",#N/A,\nINDEX('Financial Profile Monthly'!$C$7:$BV$38,MATCH($B$7,'Financial Profile Monthly'!$B$7:$B$38,0),\nMATCH(1,('Financial Profile Monthly'!$C$5:$BV$5=$B10)*('Financial Profile Monthly'!$C$6:$BV$6=H$9),0)))","v":{"$error":"#N/A"}},{"$f":"IF(INDEX('Financial Profile Monthly'!$C$7:$BV$38,MATCH($B$7,'Financial Profile Monthly'!$B$7:$B$38,0),\nMATCH(1,('Financial Profile Monthly'!$C$5:$BV$5=$B10)*('Financial Profile Monthly'!$C$6:$BV$6=I$9),0))=\"\",#N/A,\nINDEX('Financial Profile Monthly'!$C$7:$BV$38,MATCH($B$7,'Financial Profile Monthly'!$B$7:$B$38,0),\nMATCH(1,('Financial Profile Monthly'!$C$5:$BV$5=$B10)*('Financial Profile Monthly'!$C$6:$BV$6=I$9),0)))","v":{"$error":"#N/A"}},{"$f":"IF(INDEX('Financial Profile Monthly'!$C$7:$BV$38,MATCH($B$7,'Financial Profile Monthly'!$B$7:$B$38,0),\nMATCH(1,('Financial Profile Monthly'!$C$5:$BV$5=$B10)*('Financial Profile Monthly'!$C$6:$BV$6=J$9),0))=\"\",#N/A,\nINDEX('Financial Profile Monthly'!$C$7:$BV$38,MATCH($B$7,'Financial Profile Monthly'!$B$7:$B$38,0),\nMATCH(1,('Financial Profile Monthly'!$C$5:$BV$5=$B10)*('Financial Profile Monthly'!$C$6:$BV$6=J$9),0)))","v":{"$error":"#N/A"}},{"$f":"IF(INDEX('Financial Profile Monthly'!$C$7:$BV$38,MATCH($B$7,'Financial Profile Monthly'!$B$7:$B$38,0),\nMATCH(1,('Financial Profile Monthly'!$C$5:$BV$5=$B10)*('Financial Profile Monthly'!$C$6:$BV$6=K$9),0))=\"\",#N/A,\nINDEX('Financial Profile Monthly'!$C$7:$BV$38,MATCH($B$7,'Financial Profile Monthly'!$B$7:$B$38,0),\nMATCH(1,('Financial Profile Monthly'!$C$5:$BV$5=$B10)*('Financial Profile Monthly'!$C$6:$BV$6=K$9),0)))","v":{"$error":"#N/A"}},{"$f":"IF(INDEX('Financial Profile Monthly'!$C$7:$BV$38,MATCH($B$7,'Financial Profile Monthly'!$B$7:$B$38,0),\nMATCH(1,('Financial Profile Monthly'!$C$5:$BV$5=$B10)*('Financial Profile Monthly'!$C$6:$BV$6=L$9),0))=\"\",#N/A,\nINDEX('Financial Profile Monthly'!$C$7:$BV$38,MATCH($B$7,'Financial Profile Monthly'!$B$7:$B$38,0),\nMATCH(1,('Financial Profile Monthly'!$C$5:$BV$5=$B10)*('Financial Profile Monthly'!$C$6:$BV$6=L$9),0)))","v":{"$error":"#N/A"}},{"$f":"IF(INDEX('Financial Profile Monthly'!$C$7:$BV$38,MATCH($B$7,'Financial Profile Monthly'!$B$7:$B$38,0),\nMATCH(1,('Financial Profile Monthly'!$C$5:$BV$5=$B10)*('Financial Profile Monthly'!$C$6:$BV$6=M$9),0))=\"\",#N/A,\nINDEX('Financial Profile Monthly'!$C$7:$BV$38,MATCH($B$7,'Financial Profile Monthly'!$B$7:$B$38,0),\nMATCH(1,('Financial Profile Monthly'!$C$5:$BV$5=$B10)*('Financial Profile Monthly'!$C$6:$BV$6=M$9),0)))","v":{"$error":"#N/A"}},{"$f":"IF(INDEX('Financial Profile Monthly'!$C$7:$BV$38,MATCH($B$7,'Financial Profile Monthly'!$B$7:$B$38,0),\nMATCH(1,('Financial Profile Monthly'!$C$5:$BV$5=$B10)*('Financial Profile Monthly'!$C$6:$BV$6=N$9),0))=\"\",#N/A,\nINDEX('Financial Profile Monthly'!$C$7:$BV$38,MATCH($B$7,'Financial Profile Monthly'!$B$7:$B$38,0),\nMATCH(1,('Financial Profile Monthly'!$C$5:$BV$5=$B10)*('Financial Profile Monthly'!$C$6:$BV$6=N$9),0)))","v":{"$error":"#N/A"}}]
[null,{"$f":"B12-1","v":-4},{"$f":"IF(INDEX('Financial Profile Monthly'!$C$7:$BV$38,MATCH($B$7,'Financial Profile Monthly'!$B$7:$B$38,0),\nMATCH(1,('Financial Profile Monthly'!$C$5:$BV$5=$B11)*('Financial Profile Monthly'!$C$6:$BV$6=C$9),0))=\"\",#N/A,\nINDEX('Financial Profile Monthly'!$C$7:$BV$38,MATCH($B$7,'Financial Profile Monthly'!$B$7:$B$38,0),\nMATCH(1,('Financial Profile Monthly'!$C$5:$BV$5=$B11)*('Financial Profile Monthly'!$C$6:$BV$6=C$9),0)))","v":{"$error":"#N/A"}},{"$f":"IF(INDEX('Financial Profile Monthly'!$C$7:$BV$38,MATCH($B$7,'Financial Profile Monthly'!$B$7:$B$38,0),\nMATCH(1,('Financial Profile Monthly'!$C$5:$BV$5=$B11)*('Financial Profile Monthly'!$C$6:$BV$6=D$9),0))=\"\",#N/A,\nINDEX('Financial Profile Monthly'!$C$7:$BV$38,MATCH($B$7,'Financial Profile Monthly'!$B$7:$B$38,0),\nMATCH(1,('Financial Profile Monthly'!$C$5:$BV$5=$B11)*('Financial Profile Monthly'!$C$6:$BV$6=D$9),0)))","v":{"$error":"#N/A"}},{"$f":"IF(INDEX('Financial Profile Monthly'!$C$7:$BV$38,MATCH($B$7,'Financial Profile Monthly'!$B$7:$B$38,0),\nMATCH(1,('Financial Profile Monthly'!$C$5:$BV$5=$B11)*('Financial Profile Monthly'!$C$6:$BV$6=E$9),0))=\"\",#N/A,\nINDEX('Financial Profile Monthly'!$C$7:$BV$38,MATCH($B$7,'Financial Profile Monthly'!$B$7:$B$38,0),\nMATCH(1,('Financial Profile Monthly'!$C$5:$BV$5=$B11)*('Financial Profile Monthly'!$C$6:$BV$6=E$9),0)))","v":{"$error":"#N/A"}},{"$f":"IF(INDEX('Financial Profile Monthly'!$C$7:$BV$38,MATCH($B$7,'Financial Profile Monthly'!$B$7:$B$38,0),\nMATCH(1,('Financial Profile Monthly'!$C$5:$BV$5=$B11)*('Financial Profile Monthly'!$C$6:$BV$6=F$9),0))=\"\",#N/A,\nINDEX('Financial Profile Monthly'!$C$7:$BV$38,MATCH($B$7,'Financial Profile Monthly'!$B$7:$B$38,0),\nMATCH(1,('Financial Profile Monthly'!$C$5:$BV$5=$B11)*('Financial Profile Monthly'!$C$6:$BV$6=F$9),0)))","v":{"$error":"#N/A"}},{"$f":"IF(INDEX('Financial Profile Monthly'!$C$7:$BV$38,MATCH($B$7,'Financial Profile Monthly'!$B$7:$B$38,0),\nMATCH(1,('Financial Profile Monthly'!$C$5:$BV$5=$B11)*('Financial Profile Monthly'!$C$6:$BV$6=G$9),0))=\"\",#N/A,\nINDEX('Financial Profile Monthly'!$C$7:$BV$38,MATCH($B$7,'Financial Profile Monthly'!$B$7:$B$38,0),\nMATCH(1,('Financial Profile Monthly'!$C$5:$BV$5=$B11)*('Financial Profile Monthly'!$C$6:$BV$6=G$9),0)))","v":{"$error":"#N/A"}},{"$f":"IF(INDEX('Financial Profile Monthly'!$C$7:$BV$38,MATCH($B$7,'Financial Profile Monthly'!$B$7:$B$38,0),\nMATCH(1,('Financial Profile Monthly'!$C$5:$BV$5=$B11)*('Financial Profile Monthly'!$C$6:$BV$6=H$9),0))=\"\",#N/A,\nINDEX('Financial Profile Monthly'!$C$7:$BV$38,MATCH($B$7,'Financial Profile Monthly'!$B$7:$B$38,0),\nMATCH(1,('Financial Profile Monthly'!$C$5:$BV$5=$B11)*('Financial Profile Monthly'!$C$6:$BV$6=H$9),0)))","v":{"$error":"#N/A"}},{"$f":"IF(INDEX('Financial Profile Monthly'!$C$7:$BV$38,MATCH($B$7,'Financial Profile Monthly'!$B$7:$B$38,0),\nMATCH(1,('Financial Profile Monthly'!$C$5:$BV$5=$B11)*('Financial Profile Monthly'!$C$6:$BV$6=I$9),0))=\"\",#N/A,\nINDEX('Financial Profile Monthly'!$C$7:$BV$38,MATCH($B$7,'Financial Profile Monthly'!$B$7:$B$38,0),\nMATCH(1,('Financial Profile Monthly'!$C$5:$BV$5=$B11)*('Financial Profile Monthly'!$C$6:$BV$6=I$9),0)))","v":{"$error":"#N/A"}},{"$f":"IF(INDEX('Financial Profile Monthly'!$C$7:$BV$38,MATCH($B$7,'Financial Profile Monthly'!$B$7:$B$38,0),\nMATCH(1,('Financial Profile Monthly'!$C$5:$BV$5=$B11)*('Financial Profile Monthly'!$C$6:$BV$6=J$9),0))=\"\",#N/A,\nINDEX('Financial Profile Monthly'!$C$7:$BV$38,MATCH($B$7,'Financial Profile Monthly'!$B$7:$B$38,0),\nMATCH(1,('Financial Profile Monthly'!$C$5:$BV$5=$B11)*('Financial Profile Monthly'!$C$6:$BV$6=J$9),0)))","v":{"$error":"#N/A"}},{"$f":"IF(INDEX('Financial Profile Monthly'!$C$7:$BV$38,MATCH($B$7,'Financial Profile Monthly'!$B$7:$B$38,0),\nMATCH(1,('Financial Profile Monthly'!$C$5:$BV$5=$B11)*('Financial Profile Monthly'!$C$6:$BV$6=K$9),0))=\"\",#N/A,\nINDEX('Financial Profile Monthly'!$C$7:$BV$38,MATCH($B$7,'Financial Profile Monthly'!$B$7:$B$38,0),\nMATCH(1,('Financial Profile Monthly'!$C$5:$BV$5=$B11)*('Financial Profile Monthly'!$C$6:$BV$6=K$9),0)))","v":{"$error":"#N/A"}},{"$f":"IF(INDEX('Financial Profile Monthly'!$C$7:$BV$38,MATCH($B$7,'Financial Profile Monthly'!$B$7:$B$38,0),\nMATCH(1,('Financial Profile Monthly'!$C$5:$BV$5=$B11)*('Financial Profile Monthly'!$C$6:$BV$6=L$9),0))=\"\",#N/A,\nINDEX('Financial Profile Monthly'!$C$7:$BV$38,MATCH($B$7,'Financial Profile Monthly'!$B$7:$B$38,0),\nMATCH(1,('Financial Profile Monthly'!$C$5:$BV$5=$B11)*('Financial Profile Monthly'!$C$6:$BV$6=L$9),0)))","v":{"$error":"#N/A"}},{"$f":"IF(INDEX('Financial Profile Monthly'!$C$7:$BV$38,MATCH($B$7,'Financial Profile Monthly'!$B$7:$B$38,0),\nMATCH(1,('Financial Profile Monthly'!$C$5:$BV$5=$B11)*('Financial Profile Monthly'!$C$6:$BV$6=M$9),0))=\"\",#N/A,\nINDEX('Financial Profile Monthly'!$C$7:$BV$38,MATCH($B$7,'Financial Profile Monthly'!$B$7:$B$38,0),\nMATCH(1,('Financial Profile Monthly'!$C$5:$BV$5=$B11)*('Financial Profile Monthly'!$C$6:$BV$6=M$9),0)))","v":{"$error":"#N/A"}},{"$f":"IF(INDEX('Financial Profile Monthly'!$C$7:$BV$38,MATCH($B$7,'Financial Profile Monthly'!$B$7:$B$38,0),\nMATCH(1,('Financial Profile Monthly'!$C$5:$BV$5=$B11)*('Financial Profile Monthly'!$C$6:$BV$6=N$9),0))=\"\",#N/A,\nINDEX('Financial Profile Monthly'!$C$7:$BV$38,MATCH($B$7,'Financial Profile Monthly'!$B$7:$B$38,0),\nMATCH(1,('Financial Profile Monthly'!$C$5:$BV$5=$B11)*('Financial Profile Monthly'!$C$6:$BV$6=N$9),0)))","v":{"$error":"#N/A"}}]
[null,{"$f":"B13-1","v":-3},{"$f":"IF(INDEX('Financial Profile Monthly'!$C$7:$BV$38,MATCH($B$7,'Financial Profile Monthly'!$B$7:$B$38,0),\nMATCH(1,('Financial Profile Monthly'!$C$5:$BV$5=$B12)*('Financial Profile Monthly'!$C$6:$BV$6=C$9),0))=\"\",#N/A,\nINDEX('Financial Profile Monthly'!$C$7:$BV$38,MATCH($B$7,'Financial Profile Monthly'!$B$7:$B$38,0),\nMATCH(1,('Financial Profile Monthly'!$C$5:$BV$5=$B12)*('Financial Profile Monthly'!$C$6:$BV$6=C$9),0)))","v":{"$error":"#N/A"}},{"$f":"IF(INDEX('Financial Profile Monthly'!$C$7:$BV$38,MATCH($B$7,'Financial Profile Monthly'!$B$7:$B$38,0),\nMATCH(1,('Financial Profile Monthly'!$C$5:$BV$5=$B12)*('Financial Profile Monthly'!$C$6:$BV$6=D$9),0))=\"\",#N/A,\nINDEX('Financial Profile Monthly'!$C$7:$BV$38,MATCH($B$7,'Financial Profile Monthly'!$B$7:$B$38,0),\nMATCH(1,('Financial Profile Monthly'!$C$5:$BV$5=$B12)*('Financial Profile Monthly'!$C$6:$BV$6=D$9),0)))","v":{"$error":"#N/A"}},{"$f":"IF(INDEX('Financial Profile Monthly'!$C$7:$BV$38,MATCH($B$7,'Financial Profile Monthly'!$B$7:$B$38,0),\nMATCH(1,('Financial Profile Monthly'!$C$5:$BV$5=$B12)*('Financial Profile Monthly'!$C$6:$BV$6=E$9),0))=\"\",#N/A,\nINDEX('Financial Profile Monthly'!$C$7:$BV$38,MATCH($B$7,'Financial Profile Monthly'!$B$7:$B$38,0),\nMATCH(1,('Financial Profile Monthly'!$C$5:$BV$5=$B12)*('Financial Profile Monthly'!$C$6:$BV$6=E$9),0)))","v":{"$error":"#N/A"}},{"$f":"IF(INDEX('Financial Profile Monthly'!$C$7:$BV$38,MATCH($B$7,'Financial Profile Monthly'!$B$7:$B$38,0),\nMATCH(1,('Financial Profile Monthly'!$C$5:$BV$5=$B12)*('Financial Profile Monthly'!$C$6:$BV$6=F$9),0))=\"\",#N/A,\nINDEX('Financial Profile Monthly'!$C$7:$BV$38,MATCH($B$7,'Financial Profile Monthly'!$B$7:$B$38,0),\nMATCH(1,('Financial Profile Monthly'!$C$5:$BV$5=$B12)*('Financial Profile Monthly'!$C$6:$BV$6=F$9),0)))","v":{"$error":"#N/A"}},{"$f":"IF(INDEX('Financial Profile Monthly'!$C$7:$BV$38,MATCH($B$7,'Financial Profile Monthly'!$B$7:$B$38,0),\nMATCH(1,('Financial Profile Monthly'!$C$5:$BV$5=$B12)*('Financial Profile Monthly'!$C$6:$BV$6=G$9),0))=\"\",#N/A,\nINDEX('Financial Profile Monthly'!$C$7:$BV$38,MATCH($B$7,'Financial Profile Monthly'!$B$7:$B$38,0),\nMATCH(1,('Financial Profile Monthly'!$C$5:$BV$5=$B12)*('Financial Profile Monthly'!$C$6:$BV$6=G$9),0)))","v":{"$error":"#N/A"}},{"$f":"IF(INDEX('Financial Profile Monthly'!$C$7:$BV$38,MATCH($B$7,'Financial Profile Monthly'!$B$7:$B$38,0),\nMATCH(1,('Financial Profile Monthly'!$C$5:$BV$5=$B12)*('Financial Profile Monthly'!$C$6:$BV$6=H$9),0))=\"\",#N/A,\nINDEX('Financial Profile Monthly'!$C$7:$BV$38,MATCH($B$7,'Financial Profile Monthly'!$B$7:$B$38,0),\nMATCH(1,('Financial Profile Monthly'!$C$5:$BV$5=$B12)*('Financial Profile Monthly'!$C$6:$BV$6=H$9),0)))","v":{"$error":"#N/A"}},{"$f":"IF(INDEX('Financial Profile Monthly'!$C$7:$BV$38,MATCH($B$7,'Financial Profile Monthly'!$B$7:$B$38,0),\nMATCH(1,('Financial Profile Monthly'!$C$5:$BV$5=$B12)*('Financial Profile Monthly'!$C$6:$BV$6=I$9),0))=\"\",#N/A,\nINDEX('Financial Profile Monthly'!$C$7:$BV$38,MATCH($B$7,'Financial Profile Monthly'!$B$7:$B$38,0),\nMATCH(1,('Financial Profile Monthly'!$C$5:$BV$5=$B12)*('Financial Profile Monthly'!$C$6:$BV$6=I$9),0)))","v":{"$error":"#N/A"}},{"$f":"IF(INDEX('Financial Profile Monthly'!$C$7:$BV$38,MATCH($B$7,'Financial Profile Monthly'!$B$7:$B$38,0),\nMATCH(1,('Financial Profile Monthly'!$C$5:$BV$5=$B12)*('Financial Profile Monthly'!$C$6:$BV$6=J$9),0))=\"\",#N/A,\nINDEX('Financial Profile Monthly'!$C$7:$BV$38,MATCH($B$7,'Financial Profile Monthly'!$B$7:$B$38,0),\nMATCH(1,('Financial Profile Monthly'!$C$5:$BV$5=$B12)*('Financial Profile Monthly'!$C$6:$BV$6=J$9),0)))","v":{"$error":"#N/A"}},{"$f":"IF(INDEX('Financial Profile Monthly'!$C$7:$BV$38,MATCH($B$7,'Financial Profile Monthly'!$B$7:$B$38,0),\nMATCH(1,('Financial Profile Monthly'!$C$5:$BV$5=$B12)*('Financial Profile Monthly'!$C$6:$BV$6=K$9),0))=\"\",#N/A,\nINDEX('Financial Profile Monthly'!$C$7:$BV$38,MATCH($B$7,'Financial Profile Monthly'!$B$7:$B$38,0),\nMATCH(1,('Financial Profile Monthly'!$C$5:$BV$5=$B12)*('Financial Profile Monthly'!$C$6:$BV$6=K$9),0)))","v":{"$error":"#N/A"}},{"$f":"IF(INDEX('Financial Profile Monthly'!$C$7:$BV$38,MATCH($B$7,'Financial Profile Monthly'!$B$7:$B$38,0),\nMATCH(1,('Financial Profile Monthly'!$C$5:$BV$5=$B12)*('Financial Profile Monthly'!$C$6:$BV$6=L$9),0))=\"\",#N/A,\nINDEX('Financial Profile Monthly'!$C$7:$BV$38,MATCH($B$7,'Financial Profile Monthly'!$B$7:$B$38,0),\nMATCH(1,('Financial Profile Monthly'!$C$5:$BV$5=$B12)*('Financial Profile Monthly'!$C$6:$BV$6=L$9),0)))","v":{"$error":"#N/A"}},{"$f":"IF(INDEX('Financial Profile Monthly'!$C$7:$BV$38,MATCH($B$7,'Financial Profile Monthly'!$B$7:$B$38,0),\nMATCH(1,('Financial Profile Monthly'!$C$5:$BV$5=$B12)*('Financial Profile Monthly'!$C$6:$BV$6=M$9),0))=\"\",#N/A,\nINDEX('Financial Profile Monthly'!$C$7:$BV$38,MATCH($B$7,'Financial Profile Monthly'!$B$7:$B$38,0),\nMATCH(1,('Financial Profile Monthly'!$C$5:$BV$5=$B12)*('Financial Profile Monthly'!$C$6:$BV$6=M$9),0)))","v":{"$error":"#N/A"}},{"$f":"IF(INDEX('Financial Profile Monthly'!$C$7:$BV$38,MATCH($B$7,'Financial Profile Monthly'!$B$7:$B$38,0),\nMATCH(1,('Financial Profile Monthly'!$C$5:$BV$5=$B12)*('Financial Profile Monthly'!$C$6:$BV$6=N$9),0))=\"\",#N/A,\nINDEX('Financial Profile Monthly'!$C$7:$BV$38,MATCH($B$7,'Financial Profile Monthly'!$B$7:$B$38,0),\nMATCH(1,('Financial Profile Monthly'!$C$5:$BV$5=$B12)*('Financial Profile Monthly'!$C$6:$BV$6=N$9),0)))","v":{"$error":"#N/A"}}]
[null,{"$f":"B14-1","v":-2},{"$f":"IF(INDEX('Financial Profile Monthly'!$C$7:$BV$38,MATCH($B$7,'Financial Profile Monthly'!$B$7:$B$38,0),\nMATCH(1,('Financial Profile Monthly'!$C$5:$BV$5=$B13)*('Financial Profile Monthly'!$C$6:$BV$6=C$9),0))=\"\",#N/A,\nINDEX('Financial Profile Monthly'!$C$7:$BV$38,MATCH($B$7,'Financial Profile Monthly'!$B$7:$B$38,0),\nMATCH(1,('Financial Profile Monthly'!$C$5:$BV$5=$B13)*('Financial Profile Monthly'!$C$6:$BV$6=C$9),0)))","v":{"$error":"#N/A"}},{"$f":"IF(INDEX('Financial Profile Monthly'!$C$7:$BV$38,MATCH($B$7,'Financial Profile Monthly'!$B$7:$B$38,0),\nMATCH(1,('Financial Profile Monthly'!$C$5:$BV$5=$B13)*('Financial Profile Monthly'!$C$6:$BV$6=D$9),0))=\"\",#N/A,\nINDEX('Financial Profile Monthly'!$C$7:$BV$38,MATCH($B$7,'Financial Profile Monthly'!$B$7:$B$38,0),\nMATCH(1,('Financial Profile Monthly'!$C$5:$BV$5=$B13)*('Financial Profile Monthly'!$C$6:$BV$6=D$9),0)))","v":{"$error":"#N/A"}},{"$f":"IF(INDEX('Financial Profile Monthly'!$C$7:$BV$38,MATCH($B$7,'Financial Profile Monthly'!$B$7:$B$38,0),\nMATCH(1,('Financial Profile Monthly'!$C$5:$BV$5=$B13)*('Financial Profile Monthly'!$C$6:$BV$6=E$9),0))=\"\",#N/A,\nINDEX('Financial Profile Monthly'!$C$7:$BV$38,MATCH($B$7,'Financial Profile Monthly'!$B$7:$B$38,0),\nMATCH(1,('Financial Profile Monthly'!$C$5:$BV$5=$B13)*('Financial Profile Monthly'!$C$6:$BV$6=E$9),0)))","v":{"$error":"#N/A"}},{"$f":"IF(INDEX('Financial Profile Monthly'!$C$7:$BV$38,MATCH($B$7,'Financial Profile Monthly'!$B$7:$B$38,0),\nMATCH(1,('Financial Profile Monthly'!$C$5:$BV$5=$B13)*('Financial Profile Monthly'!$C$6:$BV$6=F$9),0))=\"\",#N/A,\nINDEX('Financial Profile Monthly'!$C$7:$BV$38,MATCH($B$7,'Financial Profile Monthly'!$B$7:$B$38,0),\nMATCH(1,('Financial Profile Monthly'!$C$5:$BV$5=$B13)*('Financial Profile Monthly'!$C$6:$BV$6=F$9),0)))","v":{"$error":"#N/A"}},{"$f":"IF(INDEX('Financial Profile Monthly'!$C$7:$BV$38,MATCH($B$7,'Financial Profile Monthly'!$B$7:$B$38,0),\nMATCH(1,('Financial Profile Monthly'!$C$5:$BV$5=$B13)*('Financial Profile Monthly'!$C$6:$BV$6=G$9),0))=\"\",#N/A,\nINDEX('Financial Profile Monthly'!$C$7:$BV$38,MATCH($B$7,'Financial Profile Monthly'!$B$7:$B$38,0),\nMATCH(1,('Financial Profile Monthly'!$C$5:$BV$5=$B13)*('Financial Profile Monthly'!$C$6:$BV$6=G$9),0)))","v":{"$error":"#N/A"}},{"$f":"IF(INDEX('Financial Profile Monthly'!$C$7:$BV$38,MATCH($B$7,'Financial Profile Monthly'!$B$7:$B$38,0),\nMATCH(1,('Financial Profile Monthly'!$C$5:$BV$5=$B13)*('Financial Profile Monthly'!$C$6:$BV$6=H$9),0))=\"\",#N/A,\nINDEX('Financial Profile Monthly'!$C$7:$BV$38,MATCH($B$7,'Financial Profile Monthly'!$B$7:$B$38,0),\nMATCH(1,('Financial Profile Monthly'!$C$5:$BV$5=$B13)*('Financial Profile Monthly'!$C$6:$BV$6=H$9),0)))","v":{"$error":"#N/A"}},{"$f":"IF(INDEX('Financial Profile Monthly'!$C$7:$BV$38,MATCH($B$7,'Financial Profile Monthly'!$B$7:$B$38,0),\nMATCH(1,('Financial Profile Monthly'!$C$5:$BV$5=$B13)*('Financial Profile Monthly'!$C$6:$BV$6=I$9),0))=\"\",#N/A,\nINDEX('Financial Profile Monthly'!$C$7:$BV$38,MATCH($B$7,'Financial Profile Monthly'!$B$7:$B$38,0),\nMATCH(1,('Financial Profile Monthly'!$C$5:$BV$5=$B13)*('Financial Profile Monthly'!$C$6:$BV$6=I$9),0)))","v":{"$error":"#N/A"}},{"$f":"IF(INDEX('Financial Profile Monthly'!$C$7:$BV$38,MATCH($B$7,'Financial Profile Monthly'!$B$7:$B$38,0),\nMATCH(1,('Financial Profile Monthly'!$C$5:$BV$5=$B13)*('Financial Profile Monthly'!$C$6:$BV$6=J$9),0))=\"\",#N/A,\nINDEX('Financial Profile Monthly'!$C$7:$BV$38,MATCH($B$7,'Financial Profile Monthly'!$B$7:$B$38,0),\nMATCH(1,('Financial Profile Monthly'!$C$5:$BV$5=$B13)*('Financial Profile Monthly'!$C$6:$BV$6=J$9),0)))","v":{"$error":"#N/A"}},{"$f":"IF(INDEX('Financial Profile Monthly'!$C$7:$BV$38,MATCH($B$7,'Financial Profile Monthly'!$B$7:$B$38,0),\nMATCH(1,('Financial Profile Monthly'!$C$5:$BV$5=$B13)*('Financial Profile Monthly'!$C$6:$BV$6=K$9),0))=\"\",#N/A,\nINDEX('Financial Profile Monthly'!$C$7:$BV$38,MATCH($B$7,'Financial Profile Monthly'!$B$7:$B$38,0),\nMATCH(1,('Financial Profile Monthly'!$C$5:$BV$5=$B13)*('Financial Profile Monthly'!$C$6:$BV$6=K$9),0)))","v":{"$error":"#N/A"}},{"$f":"IF(INDEX('Financial Profile Monthly'!$C$7:$BV$38,MATCH($B$7,'Financial Profile Monthly'!$B$7:$B$38,0),\nMATCH(1,('Financial Profile Monthly'!$C$5:$BV$5=$B13)*('Financial Profile Monthly'!$C$6:$BV$6=L$9),0))=\"\",#N/A,\nINDEX('Financial Profile Monthly'!$C$7:$BV$38,MATCH($B$7,'Financial Profile Monthly'!$B$7:$B$38,0),\nMATCH(1,('Financial Profile Monthly'!$C$5:$BV$5=$B13)*('Financial Profile Monthly'!$C$6:$BV$6=L$9),0)))","v":{"$error":"#N/A"}},{"$f":"IF(INDEX('Financial Profile Monthly'!$C$7:$BV$38,MATCH($B$7,'Financial Profile Monthly'!$B$7:$B$38,0),\nMATCH(1,('Financial Profile Monthly'!$C$5:$BV$5=$B13)*('Financial Profile Monthly'!$C$6:$BV$6=M$9),0))=\"\",#N/A,\nINDEX('Financial Profile Monthly'!$C$7:$BV$38,MATCH($B$7,'Financial Profile Monthly'!$B$7:$B$38,0),\nMATCH(1,('Financial Profile Monthly'!$C$5:$BV$5=$B13)*('Financial Profile Monthly'!$C$6:$BV$6=M$9),0)))","v":{"$error":"#N/A"}},{"$f":"IF(INDEX('Financial Profile Monthly'!$C$7:$BV$38,MATCH($B$7,'Financial Profile Monthly'!$B$7:$B$38,0),\nMATCH(1,('Financial Profile Monthly'!$C$5:$BV$5=$B13)*('Financial Profile Monthly'!$C$6:$BV$6=N$9),0))=\"\",#N/A,\nINDEX('Financial Profile Monthly'!$C$7:$BV$38,MATCH($B$7,'Financial Profile Monthly'!$B$7:$B$38,0),\nMATCH(1,('Financial Profile Monthly'!$C$5:$BV$5=$B13)*('Financial Profile Monthly'!$C$6:$BV$6=N$9),0)))","v":{"$error":"#N/A"}}]
[null,{"$f":"B15-1","v":-1},{"$f":"IF(INDEX('Financial Profile Monthly'!$C$7:$BV$38,MATCH($B$7,'Financial Profile Monthly'!$B$7:$B$38,0),\nMATCH(1,('Financial Profile Monthly'!$C$5:$BV$5=$B14)*('Financial Profile Monthly'!$C$6:$BV$6=C$9),0))=\"\",#N/A,\nINDEX('Financial Profile Monthly'!$C$7:$BV$38,MATCH($B$7,'Financial Profile Monthly'!$B$7:$B$38,0),\nMATCH(1,('Financial Profile Monthly'!$C$5:$BV$5=$B14)*('Financial Profile Monthly'!$C$6:$BV$6=C$9),0)))","v":{"$error":"#N/A"}},{"$f":"IF(INDEX('Financial Profile Monthly'!$C$7:$BV$38,MATCH($B$7,'Financial Profile Monthly'!$B$7:$B$38,0),\nMATCH(1,('Financial Profile Monthly'!$C$5:$BV$5=$B14)*('Financial Profile Monthly'!$C$6:$BV$6=D$9),0))=\"\",#N/A,\nINDEX('Financial Profile Monthly'!$C$7:$BV$38,MATCH($B$7,'Financial Profile Monthly'!$B$7:$B$38,0),\nMATCH(1,('Financial Profile Monthly'!$C$5:$BV$5=$B14)*('Financial Profile Monthly'!$C$6:$BV$6=D$9),0)))","v":{"$error":"#N/A"}},{"$f":"IF(INDEX('Financial Profile Monthly'!$C$7:$BV$38,MATCH($B$7,'Financial Profile Monthly'!$B$7:$B$38,0),\nMATCH(1,('Financial Profile Monthly'!$C$5:$BV$5=$B14)*('Financial Profile Monthly'!$C$6:$BV$6=E$9),0))=\"\",#N/A,\nINDEX('Financial Profile Monthly'!$C$7:$BV$38,MATCH($B$7,'Financial Profile Monthly'!$B$7:$B$38,0),\nMATCH(1,('Financial Profile Monthly'!$C$5:$BV$5=$B14)*('Financial Profile Monthly'!$C$6:$BV$6=E$9),0)))","v":{"$error":"#N/A"}},{"$f":"IF(INDEX('Financial Profile Monthly'!$C$7:$BV$38,MATCH($B$7,'Financial Profile Monthly'!$B$7:$B$38,0),\nMATCH(1,('Financial Profile Monthly'!$C$5:$BV$5=$B14)*('Financial Profile Monthly'!$C$6:$BV$6=F$9),0))=\"\",#N/A,\nINDEX('Financial Profile Monthly'!$C$7:$BV$38,MATCH($B$7,'Financial Profile Monthly'!$B$7:$B$38,0),\nMATCH(1,('Financial Profile Monthly'!$C$5:$BV$5=$B14)*('Financial Profile Monthly'!$C$6:$BV$6=F$9),0)))","v":{"$error":"#N/A"}},{"$f":"IF(INDEX('Financial Profile Monthly'!$C$7:$BV$38,MATCH($B$7,'Financial Profile Monthly'!$B$7:$B$38,0),\nMATCH(1,('Financial Profile Monthly'!$C$5:$BV$5=$B14)*('Financial Profile Monthly'!$C$6:$BV$6=G$9),0))=\"\",#N/A,\nINDEX('Financial Profile Monthly'!$C$7:$BV$38,MATCH($B$7,'Financial Profile Monthly'!$B$7:$B$38,0),\nMATCH(1,('Financial Profile Monthly'!$C$5:$BV$5=$B14)*('Financial Profile Monthly'!$C$6:$BV$6=G$9),0)))","v":{"$error":"#N/A"}},{"$f":"IF(INDEX('Financial Profile Monthly'!$C$7:$BV$38,MATCH($B$7,'Financial Profile Monthly'!$B$7:$B$38,0),\nMATCH(1,('Financial Profile Monthly'!$C$5:$BV$5=$B14)*('Financial Profile Monthly'!$C$6:$BV$6=H$9),0))=\"\",#N/A,\nINDEX('Financial Profile Monthly'!$C$7:$BV$38,MATCH($B$7,'Financial Profile Monthly'!$B$7:$B$38,0),\nMATCH(1,('Financial Profile Monthly'!$C$5:$BV$5=$B14)*('Financial Profile Monthly'!$C$6:$BV$6=H$9),0)))","v":{"$error":"#N/A"}},{"$f":"IF(INDEX('Financial Profile Monthly'!$C$7:$BV$38,MATCH($B$7,'Financial Profile Monthly'!$B$7:$B$38,0),\nMATCH(1,('Financial Profile Monthly'!$C$5:$BV$5=$B14)*('Financial Profile Monthly'!$C$6:$BV$6=I$9),0))=\"\",#N/A,\nINDEX('Financial Profile Monthly'!$C$7:$BV$38,MATCH($B$7,'Financial Profile Monthly'!$B$7:$B$38,0),\nMATCH(1,('Financial Profile Monthly'!$C$5:$BV$5=$B14)*('Financial Profile Monthly'!$C$6:$BV$6=I$9),0)))","v":{"$error":"#N/A"}},{"$f":"IF(INDEX('Financial Profile Monthly'!$C$7:$BV$38,MATCH($B$7,'Financial Profile Monthly'!$B$7:$B$38,0),\nMATCH(1,('Financial Profile Monthly'!$C$5:$BV$5=$B14)*('Financial Profile Monthly'!$C$6:$BV$6=J$9),0))=\"\",#N/A,\nINDEX('Financial Profile Monthly'!$C$7:$BV$38,MATCH($B$7,'Financial Profile Monthly'!$B$7:$B$38,0),\nMATCH(1,('Financial Profile Monthly'!$C$5:$BV$5=$B14)*('Financial Profile Monthly'!$C$6:$BV$6=J$9),0)))","v":{"$error":"#N/A"}},{"$f":"IF(INDEX('Financial Profile Monthly'!$C$7:$BV$38,MATCH($B$7,'Financial Profile Monthly'!$B$7:$B$38,0),\nMATCH(1,('Financial Profile Monthly'!$C$5:$BV$5=$B14)*('Financial Profile Monthly'!$C$6:$BV$6=K$9),0))=\"\",#N/A,\nINDEX('Financial Profile Monthly'!$C$7:$BV$38,MATCH($B$7,'Financial Profile Monthly'!$B$7:$B$38,0),\nMATCH(1,('Financial Profile Monthly'!$C$5:$BV$5=$B14)*('Financial Profile Monthly'!$C$6:$BV$6=K$9),0)))","v":{"$error":"#N/A"}},{"$f":"IF(INDEX('Financial Profile Monthly'!$C$7:$BV$38,MATCH($B$7,'Financial Profile Monthly'!$B$7:$B$38,0),\nMATCH(1,('Financial Profile Monthly'!$C$5:$BV$5=$B14)*('Financial Profile Monthly'!$C$6:$BV$6=L$9),0))=\"\",#N/A,\nINDEX('Financial Profile Monthly'!$C$7:$BV$38,MATCH($B$7,'Financial Profile Monthly'!$B$7:$B$38,0),\nMATCH(1,('Financial Profile Monthly'!$C$5:$BV$5=$B14)*('Financial Profile Monthly'!$C$6:$BV$6=L$9),0)))","v":{"$error":"#N/A"}},{"$f":"IF(INDEX('Financial Profile Monthly'!$C$7:$BV$38,MATCH($B$7,'Financial Profile Monthly'!$B$7:$B$38,0),\nMATCH(1,('Financial Profile Monthly'!$C$5:$BV$5=$B14)*('Financial Profile Monthly'!$C$6:$BV$6=M$9),0))=\"\",#N/A,\nINDEX('Financial Profile Monthly'!$C$7:$BV$38,MATCH($B$7,'Financial Profile Monthly'!$B$7:$B$38,0),\nMATCH(1,('Financial Profile Monthly'!$C$5:$BV$5=$B14)*('Financial Profile Monthly'!$C$6:$BV$6=M$9),0)))","v":{"$error":"#N/A"}},{"$f":"IF(INDEX('Financial Profile Monthly'!$C$7:$BV$38,MATCH($B$7,'Financial Profile Monthly'!$B$7:$B$38,0),\nMATCH(1,('Financial Profile Monthly'!$C$5:$BV$5=$B14)*('Financial Profile Monthly'!$C$6:$BV$6=N$9),0))=\"\",#N/A,\nINDEX('Financial Profile Monthly'!$C$7:$BV$38,MATCH($B$7,'Financial Profile Monthly'!$B$7:$B$38,0),\nMATCH(1,('Financial Profile Monthly'!$C$5:$BV$5=$B14)*('Financial Profile Monthly'!$C$6:$BV$6=N$9),0)))","v":{"$error":"#N/A"}}]
[null,{"$f":"'General Inputs'!$C$14","v":0},{"$f":"IF(INDEX('Financial Profile Monthly'!$C$7:$BV$38,MATCH($B$7,'Financial Profile Monthly'!$B$7:$B$38,0),\nMATCH(1,('Financial Profile Monthly'!$C$5:$BV$5=$B15)*('Financial Profile Monthly'!$C$6:$BV$6=C$9),0))=\"\",#N/A,\nINDEX('Financial Profile Monthly'!$C$7:$BV$38,MATCH($B$7,'Financial Profile Monthly'!$B$7:$B$38,0),\nMATCH(1,('Financial Profile Monthly'!$C$5:$BV$5=$B15)*('Financial Profile Monthly'!$C$6:$BV$6=C$9),0)))","v":{"$error":"#N/A"}},{"$f":"IF(INDEX('Financial Profile Monthly'!$C$7:$BV$38,MATCH($B$7,'Financial Profile Monthly'!$B$7:$B$38,0),\nMATCH(1,('Financial Profile Monthly'!$C$5:$BV$5=$B15)*('Financial Profile Monthly'!$C$6:$BV$6=D$9),0))=\"\",#N/A,\nINDEX('Financial Profile Monthly'!$C$7:$BV$38,MATCH($B$7,'Financial Profile Monthly'!$B$7:$B$38,0),\nMATCH(1,('Financial Profile Monthly'!$C$5:$BV$5=$B15)*('Financial Profile Monthly'!$C$6:$BV$6=D$9),0)))","v":{"$error":"#N/A"}},{"$f":"IF(INDEX('Financial Profile Monthly'!$C$7:$BV$38,MATCH($B$7,'Financial Profile Monthly'!$B$7:$B$38,0),\nMATCH(1,('Financial Profile Monthly'!$C$5:$BV$5=$B15)*('Financial Profile Monthly'!$C$6:$BV$6=E$9),0))=\"\",#N/A,\nINDEX('Financial Profile Monthly'!$C$7:$BV$38,MATCH($B$7,'Financial Profile Monthly'!$B$7:$B$38,0),\nMATCH(1,('Financial Profile Monthly'!$C$5:$BV$5=$B15)*('Financial Profile Monthly'!$C$6:$BV$6=E$9),0)))","v":{"$error":"#N/A"}},{"$f":"IF(INDEX('Financial Profile Monthly'!$C$7:$BV$38,MATCH($B$7,'Financial Profile Monthly'!$B$7:$B$38,0),\nMATCH(1,('Financial Profile Monthly'!$C$5:$BV$5=$B15)*('Financial Profile Monthly'!$C$6:$BV$6=F$9),0))=\"\",#N/A,\nINDEX('Financial Profile Monthly'!$C$7:$BV$38,MATCH($B$7,'Financial Profile Monthly'!$B$7:$B$38,0),\nMATCH(1,('Financial Profile Monthly'!$C$5:$BV$5=$B15)*('Financial Profile Monthly'!$C$6:$BV$6=F$9),0)))","v":{"$error":"#N/A"}},{"$f":"IF(INDEX('Financial Profile Monthly'!$C$7:$BV$38,MATCH($B$7,'Financial Profile Monthly'!$B$7:$B$38,0),\nMATCH(1,('Financial Profile Monthly'!$C$5:$BV$5=$B15)*('Financial Profile Monthly'!$C$6:$BV$6=G$9),0))=\"\",#N/A,\nINDEX('Financial Profile Monthly'!$C$7:$BV$38,MATCH($B$7,'Financial Profile Monthly'!$B$7:$B$38,0),\nMATCH(1,('Financial Profile Monthly'!$C$5:$BV$5=$B15)*('Financial Profile Monthly'!$C$6:$BV$6=G$9),0)))","v":{"$error":"#N/A"}},{"$f":"IF(INDEX('Financial Profile Monthly'!$C$7:$BV$38,MATCH($B$7,'Financial Profile Monthly'!$B$7:$B$38,0),\nMATCH(1,('Financial Profile Monthly'!$C$5:$BV$5=$B15)*('Financial Profile Monthly'!$C$6:$BV$6=H$9),0))=\"\",#N/A,\nINDEX('Financial Profile Monthly'!$C$7:$BV$38,MATCH($B$7,'Financial Profile Monthly'!$B$7:$B$38,0),\nMATCH(1,('Financial Profile Monthly'!$C$5:$BV$5=$B15)*('Financial Profile Monthly'!$C$6:$BV$6=H$9),0)))","v":{"$error":"#N/A"}},{"$f":"IF(INDEX('Financial Profile Monthly'!$C$7:$BV$38,MATCH($B$7,'Financial Profile Monthly'!$B$7:$B$38,0),\nMATCH(1,('Financial Profile Monthly'!$C$5:$BV$5=$B15)*('Financial Profile Monthly'!$C$6:$BV$6=I$9),0))=\"\",#N/A,\nINDEX('Financial Profile Monthly'!$C$7:$BV$38,MATCH($B$7,'Financial Profile Monthly'!$B$7:$B$38,0),\nMATCH(1,('Financial Profile Monthly'!$C$5:$BV$5=$B15)*('Financial Profile Monthly'!$C$6:$BV$6=I$9),0)))","v":{"$error":"#N/A"}},{"$f":"IF(INDEX('Financial Profile Monthly'!$C$7:$BV$38,MATCH($B$7,'Financial Profile Monthly'!$B$7:$B$38,0),\nMATCH(1,('Financial Profile Monthly'!$C$5:$BV$5=$B15)*('Financial Profile Monthly'!$C$6:$BV$6=J$9),0))=\"\",#N/A,\nINDEX('Financial Profile Monthly'!$C$7:$BV$38,MATCH($B$7,'Financial Profile Monthly'!$B$7:$B$38,0),\nMATCH(1,('Financial Profile Monthly'!$C$5:$BV$5=$B15)*('Financial Profile Monthly'!$C$6:$BV$6=J$9),0)))","v":{"$error":"#N/A"}},{"$f":"IF(INDEX('Financial Profile Monthly'!$C$7:$BV$38,MATCH($B$7,'Financial Profile Monthly'!$B$7:$B$38,0),\nMATCH(1,('Financial Profile Monthly'!$C$5:$BV$5=$B15)*('Financial Profile Monthly'!$C$6:$BV$6=K$9),0))=\"\",#N/A,\nINDEX('Financial Profile Monthly'!$C$7:$BV$38,MATCH($B$7,'Financial Profile Monthly'!$B$7:$B$38,0),\nMATCH(1,('Financial Profile Monthly'!$C$5:$BV$5=$B15)*('Financial Profile Monthly'!$C$6:$BV$6=K$9),0)))","v":{"$error":"#N/A"}},{"$f":"IF(INDEX('Financial Profile Monthly'!$C$7:$BV$38,MATCH($B$7,'Financial Profile Monthly'!$B$7:$B$38,0),\nMATCH(1,('Financial Profile Monthly'!$C$5:$BV$5=$B15)*('Financial Profile Monthly'!$C$6:$BV$6=L$9),0))=\"\",#N/A,\nINDEX('Financial Profile Monthly'!$C$7:$BV$38,MATCH($B$7,'Financial Profile Monthly'!$B$7:$B$38,0),\nMATCH(1,('Financial Profile Monthly'!$C$5:$BV$5=$B15)*('Financial Profile Monthly'!$C$6:$BV$6=L$9),0)))","v":{"$error":"#N/A"}},{"$f":"IF(INDEX('Financial Profile Monthly'!$C$7:$BV$38,MATCH($B$7,'Financial Profile Monthly'!$B$7:$B$38,0),\nMATCH(1,('Financial Profile Monthly'!$C$5:$BV$5=$B15)*('Financial Profile Monthly'!$C$6:$BV$6=M$9),0))=\"\",#N/A,\nINDEX('Financial Profile Monthly'!$C$7:$BV$38,MATCH($B$7,'Financial Profile Monthly'!$B$7:$B$38,0),\nMATCH(1,('Financial Profile Monthly'!$C$5:$BV$5=$B15)*('Financial Profile Monthly'!$C$6:$BV$6=M$9),0)))","v":{"$error":"#N/A"}},{"$f":"IF(INDEX('Financial Profile Monthly'!$C$7:$BV$38,MATCH($B$7,'Financial Profile Monthly'!$B$7:$B$38,0),\nMATCH(1,('Financial Profile Monthly'!$C$5:$BV$5=$B15)*('Financial Profile Monthly'!$C$6:$BV$6=N$9),0))=\"\",#N/A,\nINDEX('Financial Profile Monthly'!$C$7:$BV$38,MATCH($B$7,'Financial Profile Monthly'!$B$7:$B$38,0),\nMATCH(1,('Financial Profile Monthly'!$C$5:$BV$5=$B15)*('Financial Profile Monthly'!$C$6:$BV$6=N$9),0)))","v":{"$error":"#N/A"}}]
[]
[null,"Net Income Before Taxes"]
[]
[null,"Year",1,2,3,4,5,6,7,8,9,10,11,12]
[null,{"$f":"B21-1","v":-5},{"$f":"IF(INDEX('Financial Profile Monthly'!$C$7:$BV$38,MATCH($B$17,'Financial Profile Monthly'!$B$7:$B$38,0),\nMATCH(1,('Financial Profile Monthly'!$C$5:$BV$5=$B20)*('Financial Profile Monthly'!$C$6:$BV$6=C$19),0))=\"\",#N/A,\nINDEX('Financial Profile Monthly'!$C$7:$BV$38,MATCH($B$17,'Financial Profile Monthly'!$B$7:$B$38,0),\nMATCH(1,('Financial Profile Monthly'!$C$5:$BV$5=$B20)*('Financial Profile Monthly'!$C$6:$BV$6=C$19),0)))","v":{"$error":"#N/A"}},{"$f":"IF(INDEX('Financial Profile Monthly'!$C$7:$BV$38,MATCH($B$17,'Financial Profile Monthly'!$B$7:$B$38,0),\nMATCH(1,('Financial Profile Monthly'!$C$5:$BV$5=$B20)*('Financial Profile Monthly'!$C$6:$BV$6=D$19),0))=\"\",#N/A,\nINDEX('Financial Profile Monthly'!$C$7:$BV$38,MATCH($B$17,'Financial Profile Monthly'!$B$7:$B$38,0),\nMATCH(1,('Financial Profile Monthly'!$C$5:$BV$5=$B20)*('Financial Profile Monthly'!$C$6:$BV$6=D$19),0)))","v":{"$error":"#N/A"}},{"$f":"IF(INDEX('Financial Profile Monthly'!$C$7:$BV$38,MATCH($B$17,'Financial Profile Monthly'!$B$7:$B$38,0),\nMATCH(1,('Financial Profile Monthly'!$C$5:$BV$5=$B20)*('Financial Profile Monthly'!$C$6:$BV$6=E$19),0))=\"\",#N/A,\nINDEX('Financial Profile Monthly'!$C$7:$BV$38,MATCH($B$17,'Financial Profile Monthly'!$B$7:$B$38,0),\nMATCH(1,('Financial Profile Monthly'!$C$5:$BV$5=$B20)*('Financial Profile Monthly'!$C$6:$BV$6=E$19),0)))","v":{"$error":"#N/A"}},{"$f":"IF(INDEX('Financial Profile Monthly'!$C$7:$BV$38,MATCH($B$17,'Financial Profile Monthly'!$B$7:$B$38,0),\nMATCH(1,('Financial Profile Monthly'!$C$5:$BV$5=$B20)*('Financial Profile Monthly'!$C$6:$BV$6=F$19),0))=\"\",#N/A,\nINDEX('Financial Profile Monthly'!$C$7:$BV$38,MATCH($B$17,'Financial Profile Monthly'!$B$7:$B$38,0),\nMATCH(1,('Financial Profile Monthly'!$C$5:$BV$5=$B20)*('Financial Profile Monthly'!$C$6:$BV$6=F$19),0)))","v":{"$error":"#N/A"}},{"$f":"IF(INDEX('Financial Profile Monthly'!$C$7:$BV$38,MATCH($B$17,'Financial Profile Monthly'!$B$7:$B$38,0),\nMATCH(1,('Financial Profile Monthly'!$C$5:$BV$5=$B20)*('Financial Profile Monthly'!$C$6:$BV$6=G$19),0))=\"\",#N/A,\nINDEX('Financial Profile Monthly'!$C$7:$BV$38,MATCH($B$17,'Financial Profile Monthly'!$B$7:$B$38,0),\nMATCH(1,('Financial Profile Monthly'!$C$5:$BV$5=$B20)*('Financial Profile Monthly'!$C$6:$BV$6=G$19),0)))","v":{"$error":"#N/A"}},{"$f":"IF(INDEX('Financial Profile Monthly'!$C$7:$BV$38,MATCH($B$17,'Financial Profile Monthly'!$B$7:$B$38,0),\nMATCH(1,('Financial Profile Monthly'!$C$5:$BV$5=$B20)*('Financial Profile Monthly'!$C$6:$BV$6=H$19),0))=\"\",#N/A,\nINDEX('Financial Profile Monthly'!$C$7:$BV$38,MATCH($B$17,'Financial Profile Monthly'!$B$7:$B$38,0),\nMATCH(1,('Financial Profile Monthly'!$C$5:$BV$5=$B20)*('Financial Profile Monthly'!$C$6:$BV$6=H$19),0)))","v":{"$error":"#N/A"}},{"$f":"IF(INDEX('Financial Profile Monthly'!$C$7:$BV$38,MATCH($B$17,'Financial Profile Monthly'!$B$7:$B$38,0),\nMATCH(1,('Financial Profile Monthly'!$C$5:$BV$5=$B20)*('Financial Profile Monthly'!$C$6:$BV$6=I$19),0))=\"\",#N/A,\nINDEX('Financial Profile Monthly'!$C$7:$BV$38,MATCH($B$17,'Financial Profile Monthly'!$B$7:$B$38,0),\nMATCH(1,('Financial Profile Monthly'!$C$5:$BV$5=$B20)*('Financial Profile Monthly'!$C$6:$BV$6=I$19),0)))","v":{"$error":"#N/A"}},{"$f":"IF(INDEX('Financial Profile Monthly'!$C$7:$BV$38,MATCH($B$17,'Financial Profile Monthly'!$B$7:$B$38,0),\nMATCH(1,('Financial Profile Monthly'!$C$5:$BV$5=$B20)*('Financial Profile Monthly'!$C$6:$BV$6=J$19),0))=\"\",#N/A,\nINDEX('Financial Profile Monthly'!$C$7:$BV$38,MATCH($B$17,'Financial Profile Monthly'!$B$7:$B$38,0),\nMATCH(1,('Financial Profile Monthly'!$C$5:$BV$5=$B20)*('Financial Profile Monthly'!$C$6:$BV$6=J$19),0)))","v":{"$error":"#N/A"}},{"$f":"IF(INDEX('Financial Profile Monthly'!$C$7:$BV$38,MATCH($B$17,'Financial Profile Monthly'!$B$7:$B$38,0),\nMATCH(1,('Financial Profile Monthly'!$C$5:$BV$5=$B20)*('Financial Profile Monthly'!$C$6:$BV$6=K$19),0))=\"\",#N/A,\nINDEX('Financial Profile Monthly'!$C$7:$BV$38,MATCH($B$17,'Financial Profile Monthly'!$B$7:$B$38,0),\nMATCH(1,('Financial Profile Monthly'!$C$5:$BV$5=$B20)*('Financial Profile Monthly'!$C$6:$BV$6=K$19),0)))","v":{"$error":"#N/A"}},{"$f":"IF(INDEX('Financial Profile Monthly'!$C$7:$BV$38,MATCH($B$17,'Financial Profile Monthly'!$B$7:$B$38,0),\nMATCH(1,('Financial Profile Monthly'!$C$5:$BV$5=$B20)*('Financial Profile Monthly'!$C$6:$BV$6=L$19),0))=\"\",#N/A,\nINDEX('Financial Profile Monthly'!$C$7:$BV$38,MATCH($B$17,'Financial Profile Monthly'!$B$7:$B$38,0),\nMATCH(1,('Financial Profile Monthly'!$C$5:$BV$5=$B20)*('Financial Profile Monthly'!$C$6:$BV$6=L$19),0)))","v":{"$error":"#N/A"}},{"$f":"IF(INDEX('Financial Profile Monthly'!$C$7:$BV$38,MATCH($B$17,'Financial Profile Monthly'!$B$7:$B$38,0),\nMATCH(1,('Financial Profile Monthly'!$C$5:$BV$5=$B20)*('Financial Profile Monthly'!$C$6:$BV$6=M$19),0))=\"\",#N/A,\nINDEX('Financial Profile Monthly'!$C$7:$BV$38,MATCH($B$17,'Financial Profile Monthly'!$B$7:$B$38,0),\nMATCH(1,('Financial Profile Monthly'!$C$5:$BV$5=$B20)*('Financial Profile Monthly'!$C$6:$BV$6=M$19),0)))","v":{"$error":"#N/A"}},{"$f":"IF(INDEX('Financial Profile Monthly'!$C$7:$BV$38,MATCH($B$17,'Financial Profile Monthly'!$B$7:$B$38,0),\nMATCH(1,('Financial Profile Monthly'!$C$5:$BV$5=$B20)*('Financial Profile Monthly'!$C$6:$BV$6=N$19),0))=\"\",#N/A,\nINDEX('Financial Profile Monthly'!$C$7:$BV$38,MATCH($B$17,'Financial Profile Monthly'!$B$7:$B$38,0),\nMATCH(1,('Financial Profile Monthly'!$C$5:$BV$5=$B20)*('Financial Profile Monthly'!$C$6:$BV$6=N$19),0)))","v":{"$error":"#N/A"}}]
[null,{"$f":"B22-1","v":-4},{"$f":"IF(INDEX('Financial Profile Monthly'!$C$7:$BV$38,MATCH($B$17,'Financial Profile Monthly'!$B$7:$B$38,0),\nMATCH(1,('Financial Profile Monthly'!$C$5:$BV$5=$B21)*('Financial Profile Monthly'!$C$6:$BV$6=C$19),0))=\"\",#N/A,\nINDEX('Financial Profile Monthly'!$C$7:$BV$38,MATCH($B$17,'Financial Profile Monthly'!$B$7:$B$38,0),\nMATCH(1,('Financial Profile Monthly'!$C$5:$BV$5=$B21)*('Financial Profile Monthly'!$C$6:$BV$6=C$19),0)))","v":{"$error":"#N/A"}},{"$f":"IF(INDEX('Financial Profile Monthly'!$C$7:$BV$38,MATCH($B$17,'Financial Profile Monthly'!$B$7:$B$38,0),\nMATCH(1,('Financial Profile Monthly'!$C$5:$BV$5=$B21)*('Financial Profile Monthly'!$C$6:$BV$6=D$19),0))=\"\",#N/A,\nINDEX('Financial Profile Monthly'!$C$7:$BV$38,MATCH($B$17,'Financial Profile Monthly'!$B$7:$B$38,0),\nMATCH(1,('Financial Profile Monthly'!$C$5:$BV$5=$B21)*('Financial Profile Monthly'!$C$6:$BV$6=D$19),0)))","v":{"$error":"#N/A"}},{"$f":"IF(INDEX('Financial Profile Monthly'!$C$7:$BV$38,MATCH($B$17,'Financial Profile Monthly'!$B$7:$B$38,0),\nMATCH(1,('Financial Profile Monthly'!$C$5:$BV$5=$B21)*('Financial Profile Monthly'!$C$6:$BV$6=E$19),0))=\"\",#N/A,\nINDEX('Financial Profile Monthly'!$C$7:$BV$38,MATCH($B$17,'Financial Profile Monthly'!$B$7:$B$38,0),\nMATCH(1,('Financial Profile Monthly'!$C$5:$BV$5=$B21)*('Financial Profile Monthly'!$C$6:$BV$6=E$19),0)))","v":{"$error":"#N/A"}},{"$f":"IF(INDEX('Financial Profile Monthly'!$C$7:$BV$38,MATCH($B$17,'Financial Profile Monthly'!$B$7:$B$38,0),\nMATCH(1,('Financial Profile Monthly'!$C$5:$BV$5=$B21)*('Financial Profile Monthly'!$C$6:$BV$6=F$19),0))=\"\",#N/A,\nINDEX('Financial Profile Monthly'!$C$7:$BV$38,MATCH($B$17,'Financial Profile Monthly'!$B$7:$B$38,0),\nMATCH(1,('Financial Profile Monthly'!$C$5:$BV$5=$B21)*('Financial Profile Monthly'!$C$6:$BV$6=F$19),0)))","v":{"$error":"#N/A"}},{"$f":"IF(INDEX('Financial Profile Monthly'!$C$7:$BV$38,MATCH($B$17,'Financial Profile Monthly'!$B$7:$B$38,0),\nMATCH(1,('Financial Profile Monthly'!$C$5:$BV$5=$B21)*('Financial Profile Monthly'!$C$6:$BV$6=G$19),0))=\"\",#N/A,\nINDEX('Financial Profile Monthly'!$C$7:$BV$38,MATCH($B$17,'Financial Profile Monthly'!$B$7:$B$38,0),\nMATCH(1,('Financial Profile Monthly'!$C$5:$BV$5=$B21)*('Financial Profile Monthly'!$C$6:$BV$6=G$19),0)))","v":{"$error":"#N/A"}},{"$f":"IF(INDEX('Financial Profile Monthly'!$C$7:$BV$38,MATCH($B$17,'Financial Profile Monthly'!$B$7:$B$38,0),\nMATCH(1,('Financial Profile Monthly'!$C$5:$BV$5=$B21)*('Financial Profile Monthly'!$C$6:$BV$6=H$19),0))=\"\",#N/A,\nINDEX('Financial Profile Monthly'!$C$7:$BV$38,MATCH($B$17,'Financial Profile Monthly'!$B$7:$B$38,0),\nMATCH(1,('Financial Profile Monthly'!$C$5:$BV$5=$B21)*('Financial Profile Monthly'!$C$6:$BV$6=H$19),0)))","v":{"$error":"#N/A"}},{"$f":"IF(INDEX('Financial Profile Monthly'!$C$7:$BV$38,MATCH($B$17,'Financial Profile Monthly'!$B$7:$B$38,0),\nMATCH(1,('Financial Profile Monthly'!$C$5:$BV$5=$B21)*('Financial Profile Monthly'!$C$6:$BV$6=I$19),0))=\"\",#N/A,\nINDEX('Financial Profile Monthly'!$C$7:$BV$38,MATCH($B$17,'Financial Profile Monthly'!$B$7:$B$38,0),\nMATCH(1,('Financial Profile Monthly'!$C$5:$BV$5=$B21)*('Financial Profile Monthly'!$C$6:$BV$6=I$19),0)))","v":{"$error":"#N/A"}},{"$f":"IF(INDEX('Financial Profile Monthly'!$C$7:$BV$38,MATCH($B$17,'Financial Profile Monthly'!$B$7:$B$38,0),\nMATCH(1,('Financial Profile Monthly'!$C$5:$BV$5=$B21)*('Financial Profile Monthly'!$C$6:$BV$6=J$19),0))=\"\",#N/A,\nINDEX('Financial Profile Monthly'!$C$7:$BV$38,MATCH($B$17,'Financial Profile Monthly'!$B$7:$B$38,0),\nMATCH(1,('Financial Profile Monthly'!$C$5:$BV$5=$B21)*('Financial Profile Monthly'!$C$6:$BV$6=J$19),0)))","v":{"$error":"#N/A"}},{"$f":"IF(INDEX('Financial Profile Monthly'!$C$7:$BV$38,MATCH($B$17,'Financial Profile Monthly'!$B$7:$B$38,0),\nMATCH(1,('Financial Profile Monthly'!$C$5:$BV$5=$B21)*('Financial Profile Monthly'!$C$6:$BV$6=K$19),0))=\"\",#N/A,\nINDEX('Financial Profile Monthly'!$C$7:$BV$38,MATCH($B$17,'Financial Profile Monthly'!$B$7:$B$38,0),\nMATCH(1,('Financial Profile Monthly'!$C$5:$BV$5=$B21)*('Financial Profile Monthly'!$C$6:$BV$6=K$19),0)))","v":{"$error":"#N/A"}},{"$f":"IF(INDEX('Financial Profile Monthly'!$C$7:$BV$38,MATCH($B$17,'Financial Profile Monthly'!$B$7:$B$38,0),\nMATCH(1,('Financial Profile Monthly'!$C$5:$BV$5=$B21)*('Financial Profile Monthly'!$C$6:$BV$6=L$19),0))=\"\",#N/A,\nINDEX('Financial Profile Monthly'!$C$7:$BV$38,MATCH($B$17,'Financial Profile Monthly'!$B$7:$B$38,0),\nMATCH(1,('Financial Profile Monthly'!$C$5:$BV$5=$B21)*('Financial Profile Monthly'!$C$6:$BV$6=L$19),0)))","v":{"$error":"#N/A"}},{"$f":"IF(INDEX('Financial Profile Monthly'!$C$7:$BV$38,MATCH($B$17,'Financial Profile Monthly'!$B$7:$B$38,0),\nMATCH(1,('Financial Profile Monthly'!$C$5:$BV$5=$B21)*('Financial Profile Monthly'!$C$6:$BV$6=M$19),0))=\"\",#N/A,\nINDEX('Financial Profile Monthly'!$C$7:$BV$38,MATCH($B$17,'Financial Profile Monthly'!$B$7:$B$38,0),\nMATCH(1,('Financial Profile Monthly'!$C$5:$BV$5=$B21)*('Financial Profile Monthly'!$C$6:$BV$6=M$19),0)))","v":{"$error":"#N/A"}},{"$f":"IF(INDEX('Financial Profile Monthly'!$C$7:$BV$38,MATCH($B$17,'Financial Profile Monthly'!$B$7:$B$38,0),\nMATCH(1,('Financial Profile Monthly'!$C$5:$BV$5=$B21)*('Financial Profile Monthly'!$C$6:$BV$6=N$19),0))=\"\",#N/A,\nINDEX('Financial Profile Monthly'!$C$7:$BV$38,MATCH($B$17,'Financial Profile Monthly'!$B$7:$B$38,0),\nMATCH(1,('Financial Profile Monthly'!$C$5:$BV$5=$B21)*('Financial Profile Monthly'!$C$6:$BV$6=N$19),0)))","v":{"$error":"#N/A"}}]
[null,{"$f":"B23-1","v":-3},{"$f":"IF(INDEX('Financial Profile Monthly'!$C$7:$BV$38,MATCH($B$17,'Financial Profile Monthly'!$B$7:$B$38,0),\nMATCH(1,('Financial Profile Monthly'!$C$5:$BV$5=$B22)*('Financial Profile Monthly'!$C$6:$BV$6=C$19),0))=\"\",#N/A,\nINDEX('Financial Profile Monthly'!$C$7:$BV$38,MATCH($B$17,'Financial Profile Monthly'!$B$7:$B$38,0),\nMATCH(1,('Financial Profile Monthly'!$C$5:$BV$5=$B22)*('Financial Profile Monthly'!$C$6:$BV$6=C$19),0)))","v":{"$error":"#N/A"}},{"$f":"IF(INDEX('Financial Profile Monthly'!$C$7:$BV$38,MATCH($B$17,'Financial Profile Monthly'!$B$7:$B$38,0),\nMATCH(1,('Financial Profile Monthly'!$C$5:$BV$5=$B22)*('Financial Profile Monthly'!$C$6:$BV$6=D$19),0))=\"\",#N/A,\nINDEX('Financial Profile Monthly'!$C$7:$BV$38,MATCH($B$17,'Financial Profile Monthly'!$B$7:$B$38,0),\nMATCH(1,('Financial Profile Monthly'!$C$5:$BV$5=$B22)*('Financial Profile Monthly'!$C$6:$BV$6=D$19),0)))","v":{"$error":"#N/A"}},{"$f":"IF(INDEX('Financial Profile Monthly'!$C$7:$BV$38,MATCH($B$17,'Financial Profile Monthly'!$B$7:$B$38,0),\nMATCH(1,('Financial Profile Monthly'!$C$5:$BV$5=$B22)*('Financial Profile Monthly'!$C$6:$BV$6=E$19),0))=\"\",#N/A,\nINDEX('Financial Profile Monthly'!$C$7:$BV$38,MATCH($B$17,'Financial Profile Monthly'!$B$7:$B$38,0),\nMATCH(1,('Financial Profile Monthly'!$C$5:$BV$5=$B22)*('Financial Profile Monthly'!$C$6:$BV$6=E$19),0)))","v":{"$error":"#N/A"}},{"$f":"IF(INDEX('Financial Profile Monthly'!$C$7:$BV$38,MATCH($B$17,'Financial Profile Monthly'!$B$7:$B$38,0),\nMATCH(1,('Financial Profile Monthly'!$C$5:$BV$5=$B22)*('Financial Profile Monthly'!$C$6:$BV$6=F$19),0))=\"\",#N/A,\nINDEX('Financial Profile Monthly'!$C$7:$BV$38,MATCH($B$17,'Financial Profile Monthly'!$B$7:$B$38,0),\nMATCH(1,('Financial Profile Monthly'!$C$5:$BV$5=$B22)*('Financial Profile Monthly'!$C$6:$BV$6=F$19),0)))","v":{"$error":"#N/A"}},{"$f":"IF(INDEX('Financial Profile Monthly'!$C$7:$BV$38,MATCH($B$17,'Financial Profile Monthly'!$B$7:$B$38,0),\nMATCH(1,('Financial Profile Monthly'!$C$5:$BV$5=$B22)*('Financial Profile Monthly'!$C$6:$BV$6=G$19),0))=\"\",#N/A,\nINDEX('Financial Profile Monthly'!$C$7:$BV$38,MATCH($B$17,'Financial Profile Monthly'!$B$7:$B$38,0),\nMATCH(1,('Financial Profile Monthly'!$C$5:$BV$5=$B22)*('Financial Profile Monthly'!$C$6:$BV$6=G$19),0)))","v":{"$error":"#N/A"}},{"$f":"IF(INDEX('Financial Profile Monthly'!$C$7:$BV$38,MATCH($B$17,'Financial Profile Monthly'!$B$7:$B$38,0),\nMATCH(1,('Financial Profile Monthly'!$C$5:$BV$5=$B22)*('Financial Profile Monthly'!$C$6:$BV$6=H$19),0))=\"\",#N/A,\nINDEX('Financial Profile Monthly'!$C$7:$BV$38,MATCH($B$17,'Financial Profile Monthly'!$B$7:$B$38,0),\nMATCH(1,('Financial Profile Monthly'!$C$5:$BV$5=$B22)*('Financial Profile Monthly'!$C$6:$BV$6=H$19),0)))","v":{"$error":"#N/A"}},{"$f":"IF(INDEX('Financial Profile Monthly'!$C$7:$BV$38,MATCH($B$17,'Financial Profile Monthly'!$B$7:$B$38,0),\nMATCH(1,('Financial Profile Monthly'!$C$5:$BV$5=$B22)*('Financial Profile Monthly'!$C$6:$BV$6=I$19),0))=\"\",#N/A,\nINDEX('Financial Profile Monthly'!$C$7:$BV$38,MATCH($B$17,'Financial Profile Monthly'!$B$7:$B$38,0),\nMATCH(1,('Financial Profile Monthly'!$C$5:$BV$5=$B22)*('Financial Profile Monthly'!$C$6:$BV$6=I$19),0)))","v":{"$error":"#N/A"}},{"$f":"IF(INDEX('Financial Profile Monthly'!$C$7:$BV$38,MATCH($B$17,'Financial Profile Monthly'!$B$7:$B$38,0),\nMATCH(1,('Financial Profile Monthly'!$C$5:$BV$5=$B22)*('Financial Profile Monthly'!$C$6:$BV$6=J$19),0))=\"\",#N/A,\nINDEX('Financial Profile Monthly'!$C$7:$BV$38,MATCH($B$17,'Financial Profile Monthly'!$B$7:$B$38,0),\nMATCH(1,('Financial Profile Monthly'!$C$5:$BV$5=$B22)*('Financial Profile Monthly'!$C$6:$BV$6=J$19),0)))","v":{"$error":"#N/A"}},{"$f":"IF(INDEX('Financial Profile Monthly'!$C$7:$BV$38,MATCH($B$17,'Financial Profile Monthly'!$B$7:$B$38,0),\nMATCH(1,('Financial Profile Monthly'!$C$5:$BV$5=$B22)*('Financial Profile Monthly'!$C$6:$BV$6=K$19),0))=\"\",#N/A,\nINDEX('Financial Profile Monthly'!$C$7:$BV$38,MATCH($B$17,'Financial Profile Monthly'!$B$7:$B$38,0),\nMATCH(1,('Financial Profile Monthly'!$C$5:$BV$5=$B22)*('Financial Profile Monthly'!$C$6:$BV$6=K$19),0)))","v":{"$error":"#N/A"}},{"$f":"IF(INDEX('Financial Profile Monthly'!$C$7:$BV$38,MATCH($B$17,'Financial Profile Monthly'!$B$7:$B$38,0),\nMATCH(1,('Financial Profile Monthly'!$C$5:$BV$5=$B22)*('Financial Profile Monthly'!$C$6:$BV$6=L$19),0))=\"\",#N/A,\nINDEX('Financial Profile Monthly'!$C$7:$BV$38,MATCH($B$17,'Financial Profile Monthly'!$B$7:$B$38,0),\nMATCH(1,('Financial Profile Monthly'!$C$5:$BV$5=$B22)*('Financial Profile Monthly'!$C$6:$BV$6=L$19),0)))","v":{"$error":"#N/A"}},{"$f":"IF(INDEX('Financial Profile Monthly'!$C$7:$BV$38,MATCH($B$17,'Financial Profile Monthly'!$B$7:$B$38,0),\nMATCH(1,('Financial Profile Monthly'!$C$5:$BV$5=$B22)*('Financial Profile Monthly'!$C$6:$BV$6=M$19),0))=\"\",#N/A,\nINDEX('Financial Profile Monthly'!$C$7:$BV$38,MATCH($B$17,'Financial Profile Monthly'!$B$7:$B$38,0),\nMATCH(1,('Financial Profile Monthly'!$C$5:$BV$5=$B22)*('Financial Profile Monthly'!$C$6:$BV$6=M$19),0)))","v":{"$error":"#N/A"}},{"$f":"IF(INDEX('Financial Profile Monthly'!$C$7:$BV$38,MATCH($B$17,'Financial Profile Monthly'!$B$7:$B$38,0),\nMATCH(1,('Financial Profile Monthly'!$C$5:$BV$5=$B22)*('Financial Profile Monthly'!$C$6:$BV$6=N$19),0))=\"\",#N/A,\nINDEX('Financial Profile Monthly'!$C$7:$BV$38,MATCH($B$17,'Financial Profile Monthly'!$B$7:$B$38,0),\nMATCH(1,('Financial Profile Monthly'!$C$5:$BV$5=$B22)*('Financial Profile Monthly'!$C$6:$BV$6=N$19),0)))","v":{"$error":"#N/A"}}]
[null,{"$f":"B24-1","v":-2},{"$f":"IF(INDEX('Financial Profile Monthly'!$C$7:$BV$38,MATCH($B$17,'Financial Profile Monthly'!$B$7:$B$38,0),\nMATCH(1,('Financial Profile Monthly'!$C$5:$BV$5=$B23)*('Financial Profile Monthly'!$C$6:$BV$6=C$19),0))=\"\",#N/A,\nINDEX('Financial Profile Monthly'!$C$7:$BV$38,MATCH($B$17,'Financial Profile Monthly'!$B$7:$B$38,0),\nMATCH(1,('Financial Profile Monthly'!$C$5:$BV$5=$B23)*('Financial Profile Monthly'!$C$6:$BV$6=C$19),0)))","v":{"$error":"#N/A"}},{"$f":"IF(INDEX('Financial Profile Monthly'!$C$7:$BV$38,MATCH($B$17,'Financial Profile Monthly'!$B$7:$B$38,0),\nMATCH(1,('Financial Profile Monthly'!$C$5:$BV$5=$B23)*('Financial Profile Monthly'!$C$6:$BV$6=D$19),0))=\"\",#N/A,\nINDEX('Financial Profile Monthly'!$C$7:$BV$38,MATCH($B$17,'Financial Profile Monthly'!$B$7:$B$38,0),\nMATCH(1,('Financial Profile Monthly'!$C$5:$BV$5=$B23)*('Financial Profile Monthly'!$C$6:$BV$6=D$19),0)))","v":{"$error":"#N/A"}},{"$f":"IF(INDEX('Financial Profile Monthly'!$C$7:$BV$38,MATCH($B$17,'Financial Profile Monthly'!$B$7:$B$38,0),\nMATCH(1,('Financial Profile Monthly'!$C$5:$BV$5=$B23)*('Financial Profile Monthly'!$C$6:$BV$6=E$19),0))=\"\",#N/A,\nINDEX('Financial Profile Monthly'!$C$7:$BV$38,MATCH($B$17,'Financial Profile Monthly'!$B$7:$B$38,0),\nMATCH(1,('Financial Profile Monthly'!$C$5:$BV$5=$B23)*('Financial Profile Monthly'!$C$6:$BV$6=E$19),0)))","v":{"$error":"#N/A"}},{"$f":"IF(INDEX('Financial Profile Monthly'!$C$7:$BV$38,MATCH($B$17,'Financial Profile Monthly'!$B$7:$B$38,0),\nMATCH(1,('Financial Profile Monthly'!$C$5:$BV$5=$B23)*('Financial Profile Monthly'!$C$6:$BV$6=F$19),0))=\"\",#N/A,\nINDEX('Financial Profile Monthly'!$C$7:$BV$38,MATCH($B$17,'Financial Profile Monthly'!$B$7:$B$38,0),\nMATCH(1,('Financial Profile Monthly'!$C$5:$BV$5=$B23)*('Financial Profile Monthly'!$C$6:$BV$6=F$19),0)))","v":{"$error":"#N/A"}},{"$f":"IF(INDEX('Financial Profile Monthly'!$C$7:$BV$38,MATCH($B$17,'Financial Profile Monthly'!$B$7:$B$38,0),\nMATCH(1,('Financial Profile Monthly'!$C$5:$BV$5=$B23)*('Financial Profile Monthly'!$C$6:$BV$6=G$19),0))=\"\",#N/A,\nINDEX('Financial Profile Monthly'!$C$7:$BV$38,MATCH($B$17,'Financial Profile Monthly'!$B$7:$B$38,0),\nMATCH(1,('Financial Profile Monthly'!$C$5:$BV$5=$B23)*('Financial Profile Monthly'!$C$6:$BV$6=G$19),0)))","v":{"$error":"#N/A"}},{"$f":"IF(INDEX('Financial Profile Monthly'!$C$7:$BV$38,MATCH($B$17,'Financial Profile Monthly'!$B$7:$B$38,0),\nMATCH(1,('Financial Profile Monthly'!$C$5:$BV$5=$B23)*('Financial Profile Monthly'!$C$6:$BV$6=H$19),0))=\"\",#N/A,\nINDEX('Financial Profile Monthly'!$C$7:$BV$38,MATCH($B$17,'Financial Profile Monthly'!$B$7:$B$38,0),\nMATCH(1,('Financial Profile Monthly'!$C$5:$BV$5=$B23)*('Financial Profile Monthly'!$C$6:$BV$6=H$19),0)))","v":{"$error":"#N/A"}},{"$f":"IF(INDEX('Financial Profile Monthly'!$C$7:$BV$38,MATCH($B$17,'Financial Profile Monthly'!$B$7:$B$38,0),\nMATCH(1,('Financial Profile Monthly'!$C$5:$BV$5=$B23)*('Financial Profile Monthly'!$C$6:$BV$6=I$19),0))=\"\",#N/A,\nINDEX('Financial Profile Monthly'!$C$7:$BV$38,MATCH($B$17,'Financial Profile Monthly'!$B$7:$B$38,0),\nMATCH(1,('Financial Profile Monthly'!$C$5:$BV$5=$B23)*('Financial Profile Monthly'!$C$6:$BV$6=I$19),0)))","v":{"$error":"#N/A"}},{"$f":"IF(INDEX('Financial Profile Monthly'!$C$7:$BV$38,MATCH($B$17,'Financial Profile Monthly'!$B$7:$B$38,0),\nMATCH(1,('Financial Profile Monthly'!$C$5:$BV$5=$B23)*('Financial Profile Monthly'!$C$6:$BV$6=J$19),0))=\"\",#N/A,\nINDEX('Financial Profile Monthly'!$C$7:$BV$38,MATCH($B$17,'Financial Profile Monthly'!$B$7:$B$38,0),\nMATCH(1,('Financial Profile Monthly'!$C$5:$BV$5=$B23)*('Financial Profile Monthly'!$C$6:$BV$6=J$19),0)))","v":{"$error":"#N/A"}},{"$f":"IF(INDEX('Financial Profile Monthly'!$C$7:$BV$38,MATCH($B$17,'Financial Profile Monthly'!$B$7:$B$38,0),\nMATCH(1,('Financial Profile Monthly'!$C$5:$BV$5=$B23)*('Financial Profile Monthly'!$C$6:$BV$6=K$19),0))=\"\",#N/A,\nINDEX('Financial Profile Monthly'!$C$7:$BV$38,MATCH($B$17,'Financial Profile Monthly'!$B$7:$B$38,0),\nMATCH(1,('Financial Profile Monthly'!$C$5:$BV$5=$B23)*('Financial Profile Monthly'!$C$6:$BV$6=K$19),0)))","v":{"$error":"#N/A"}},{"$f":"IF(INDEX('Financial Profile Monthly'!$C$7:$BV$38,MATCH($B$17,'Financial Profile Monthly'!$B$7:$B$38,0),\nMATCH(1,('Financial Profile Monthly'!$C$5:$BV$5=$B23)*('Financial Profile Monthly'!$C$6:$BV$6=L$19),0))=\"\",#N/A,\nINDEX('Financial Profile Monthly'!$C$7:$BV$38,MATCH($B$17,'Financial Profile Monthly'!$B$7:$B$38,0),\nMATCH(1,('Financial Profile Monthly'!$C$5:$BV$5=$B23)*('Financial Profile Monthly'!$C$6:$BV$6=L$19),0)))","v":{"$error":"#N/A"}},{"$f":"IF(INDEX('Financial Profile Monthly'!$C$7:$BV$38,MATCH($B$17,'Financial Profile Monthly'!$B$7:$B$38,0),\nMATCH(1,('Financial Profile Monthly'!$C$5:$BV$5=$B23)*('Financial Profile Monthly'!$C$6:$BV$6=M$19),0))=\"\",#N/A,\nINDEX('Financial Profile Monthly'!$C$7:$BV$38,MATCH($B$17,'Financial Profile Monthly'!$B$7:$B$38,0),\nMATCH(1,('Financial Profile Monthly'!$C$5:$BV$5=$B23)*('Financial Profile Monthly'!$C$6:$BV$6=M$19),0)))","v":{"$error":"#N/A"}},{"$f":"IF(INDEX('Financial Profile Monthly'!$C$7:$BV$38,MATCH($B$17,'Financial Profile Monthly'!$B$7:$B$38,0),\nMATCH(1,('Financial Profile Monthly'!$C$5:$BV$5=$B23)*('Financial Profile Monthly'!$C$6:$BV$6=N$19),0))=\"\",#N/A,\nINDEX('Financial Profile Monthly'!$C$7:$BV$38,MATCH($B$17,'Financial Profile Monthly'!$B$7:$B$38,0),\nMATCH(1,('Financial Profile Monthly'!$C$5:$BV$5=$B23)*('Financial Profile Monthly'!$C$6:$BV$6=N$19),0)))","v":{"$error":"#N/A"}}]
[null,{"$f":"B25-1","v":-1},{"$f":"IF(INDEX('Financial Profile Monthly'!$C$7:$BV$38,MATCH($B$17,'Financial Profile Monthly'!$B$7:$B$38,0),\nMATCH(1,('Financial Profile Monthly'!$C$5:$BV$5=$B24)*('Financial Profile Monthly'!$C$6:$BV$6=C$19),0))=\"\",#N/A,\nINDEX('Financial Profile Monthly'!$C$7:$BV$38,MATCH($B$17,'Financial Profile Monthly'!$B$7:$B$38,0),\nMATCH(1,('Financial Profile Monthly'!$C$5:$BV$5=$B24)*('Financial Profile Monthly'!$C$6:$BV$6=C$19),0)))","v":{"$error":"#N/A"}},{"$f":"IF(INDEX('Financial Profile Monthly'!$C$7:$BV$38,MATCH($B$17,'Financial Profile Monthly'!$B$7:$B$38,0),\nMATCH(1,('Financial Profile Monthly'!$C$5:$BV$5=$B24)*('Financial Profile Monthly'!$C$6:$BV$6=D$19),0))=\"\",#N/A,\nINDEX('Financial Profile Monthly'!$C$7:$BV$38,MATCH($B$17,'Financial Profile Monthly'!$B$7:$B$38,0),\nMATCH(1,('Financial Profile Monthly'!$C$5:$BV$5=$B24)*('Financial Profile Monthly'!$C$6:$BV$6=D$19),0)))","v":{"$error":"#N/A"}},{"$f":"IF(INDEX('Financial Profile Monthly'!$C$7:$BV$38,MATCH($B$17,'Financial Profile Monthly'!$B$7:$B$38,0),\nMATCH(1,('Financial Profile Monthly'!$C$5:$BV$5=$B24)*('Financial Profile Monthly'!$C$6:$BV$6=E$19),0))=\"\",#N/A,\nINDEX('Financial Profile Monthly'!$C$7:$BV$38,MATCH($B$17,'Financial Profile Monthly'!$B$7:$B$38,0),\nMATCH(1,('Financial Profile Monthly'!$C$5:$BV$5=$B24)*('Financial Profile Monthly'!$C$6:$BV$6=E$19),0)))","v":{"$error":"#N/A"}},{"$f":"IF(INDEX('Financial Profile Monthly'!$C$7:$BV$38,MATCH($B$17,'Financial Profile Monthly'!$B$7:$B$38,0),\nMATCH(1,('Financial Profile Monthly'!$C$5:$BV$5=$B24)*('Financial Profile Monthly'!$C$6:$BV$6=F$19),0))=\"\",#N/A,\nINDEX('Financial Profile Monthly'!$C$7:$BV$38,MATCH($B$17,'Financial Profile Monthly'!$B$7:$B$38,0),\nMATCH(1,('Financial Profile Monthly'!$C$5:$BV$5=$B24)*('Financial Profile Monthly'!$C$6:$BV$6=F$19),0)))","v":{"$error":"#N/A"}},{"$f":"IF(INDEX('Financial Profile Monthly'!$C$7:$BV$38,MATCH($B$17,'Financial Profile Monthly'!$B$7:$B$38,0),\nMATCH(1,('Financial Profile Monthly'!$C$5:$BV$5=$B24)*('Financial Profile Monthly'!$C$6:$BV$6=G$19),0))=\"\",#N/A,\nINDEX('Financial Profile Monthly'!$C$7:$BV$38,MATCH($B$17,'Financial Profile Monthly'!$B$7:$B$38,0),\nMATCH(1,('Financial Profile Monthly'!$C$5:$BV$5=$B24)*('Financial Profile Monthly'!$C$6:$BV$6=G$19),0)))","v":{"$error":"#N/A"}},{"$f":"IF(INDEX('Financial Profile Monthly'!$C$7:$BV$38,MATCH($B$17,'Financial Profile Monthly'!$B$7:$B$38,0),\nMATCH(1,('Financial Profile Monthly'!$C$5:$BV$5=$B24)*('Financial Profile Monthly'!$C$6:$BV$6=H$19),0))=\"\",#N/A,\nINDEX('Financial Profile Monthly'!$C$7:$BV$38,MATCH($B$17,'Financial Profile Monthly'!$B$7:$B$38,0),\nMATCH(1,('Financial Profile Monthly'!$C$5:$BV$5=$B24)*('Financial Profile Monthly'!$C$6:$BV$6=H$19),0)))","v":{"$error":"#N/A"}},{"$f":"IF(INDEX('Financial Profile Monthly'!$C$7:$BV$38,MATCH($B$17,'Financial Profile Monthly'!$B$7:$B$38,0),\nMATCH(1,('Financial Profile Monthly'!$C$5:$BV$5=$B24)*('Financial Profile Monthly'!$C$6:$BV$6=I$19),0))=\"\",#N/A,\nINDEX('Financial Profile Monthly'!$C$7:$BV$38,MATCH($B$17,'Financial Profile Monthly'!$B$7:$B$38,0),\nMATCH(1,('Financial Profile Monthly'!$C$5:$BV$5=$B24)*('Financial Profile Monthly'!$C$6:$BV$6=I$19),0)))","v":{"$error":"#N/A"}},{"$f":"IF(INDEX('Financial Profile Monthly'!$C$7:$BV$38,MATCH($B$17,'Financial Profile Monthly'!$B$7:$B$38,0),\nMATCH(1,('Financial Profile Monthly'!$C$5:$BV$5=$B24)*('Financial Profile Monthly'!$C$6:$BV$6=J$19),0))=\"\",#N/A,\nINDEX('Financial Profile Monthly'!$C$7:$BV$38,MATCH($B$17,'Financial Profile Monthly'!$B$7:$B$38,0),\nMATCH(1,('Financial Profile Monthly'!$C$5:$BV$5=$B24)*('Financial Profile Monthly'!$C$6:$BV$6=J$19),0)))","v":{"$error":"#N/A"}},{"$f":"IF(INDEX('Financial Profile Monthly'!$C$7:$BV$38,MATCH($B$17,'Financial Profile Monthly'!$B$7:$B$38,0),\nMATCH(1,('Financial Profile Monthly'!$C$5:$BV$5=$B24)*('Financial Profile Monthly'!$C$6:$BV$6=K$19),0))=\"\",#N/A,\nINDEX('Financial Profile Monthly'!$C$7:$BV$38,MATCH($B$17,'Financial Profile Monthly'!$B$7:$B$38,0),\nMATCH(1,('Financial Profile Monthly'!$C$5:$BV$5=$B24)*('Financial Profile Monthly'!$C$6:$BV$6=K$19),0)))","v":{"$error":"#N/A"}},{"$f":"IF(INDEX('Financial Profile Monthly'!$C$7:$BV$38,MATCH($B$17,'Financial Profile Monthly'!$B$7:$B$38,0),\nMATCH(1,('Financial Profile Monthly'!$C$5:$BV$5=$B24)*('Financial Profile Monthly'!$C$6:$BV$6=L$19),0))=\"\",#N/A,\nINDEX('Financial Profile Monthly'!$C$7:$BV$38,MATCH($B$17,'Financial Profile Monthly'!$B$7:$B$38,0),\nMATCH(1,('Financial Profile Monthly'!$C$5:$BV$5=$B24)*('Financial Profile Monthly'!$C$6:$BV$6=L$19),0)))","v":{"$error":"#N/A"}},{"$f":"IF(INDEX('Financial Profile Monthly'!$C$7:$BV$38,MATCH($B$17,'Financial Profile Monthly'!$B$7:$B$38,0),\nMATCH(1,('Financial Profile Monthly'!$C$5:$BV$5=$B24)*('Financial Profile Monthly'!$C$6:$BV$6=M$19),0))=\"\",#N/A,\nINDEX('Financial Profile Monthly'!$C$7:$BV$38,MATCH($B$17,'Financial Profile Monthly'!$B$7:$B$38,0),\nMATCH(1,('Financial Profile Monthly'!$C$5:$BV$5=$B24)*('Financial Profile Monthly'!$C$6:$BV$6=M$19),0)))","v":{"$error":"#N/A"}},{"$f":"IF(INDEX('Financial Profile Monthly'!$C$7:$BV$38,MATCH($B$17,'Financial Profile Monthly'!$B$7:$B$38,0),\nMATCH(1,('Financial Profile Monthly'!$C$5:$BV$5=$B24)*('Financial Profile Monthly'!$C$6:$BV$6=N$19),0))=\"\",#N/A,\nINDEX('Financial Profile Monthly'!$C$7:$BV$38,MATCH($B$17,'Financial Profile Monthly'!$B$7:$B$38,0),\nMATCH(1,('Financial Profile Monthly'!$C$5:$BV$5=$B24)*('Financial Profile Monthly'!$C$6:$BV$6=N$19),0)))","v":{"$error":"#N/A"}}]
[null,{"$f":"'General Inputs'!$C$14","v":0},{"$f":"IF(INDEX('Financial Profile Monthly'!$C$7:$BV$38,MATCH($B$17,'Financial Profile Monthly'!$B$7:$B$38,0),\nMATCH(1,('Financial Profile Monthly'!$C$5:$BV$5=$B25)*('Financial Profile Monthly'!$C$6:$BV$6=C$19),0))=\"\",#N/A,\nINDEX('Financial Profile Monthly'!$C$7:$BV$38,MATCH($B$17,'Financial Profile Monthly'!$B$7:$B$38,0),\nMATCH(1,('Financial Profile Monthly'!$C$5:$BV$5=$B25)*('Financial Profile Monthly'!$C$6:$BV$6=C$19),0)))","v":{"$error":"#N/A"}},{"$f":"IF(INDEX('Financial Profile Monthly'!$C$7:$BV$38,MATCH($B$17,'Financial Profile Monthly'!$B$7:$B$38,0),\nMATCH(1,('Financial Profile Monthly'!$C$5:$BV$5=$B25)*('Financial Profile Monthly'!$C$6:$BV$6=D$19),0))=\"\",#N/A,\nINDEX('Financial Profile Monthly'!$C$7:$BV$38,MATCH($B$17,'Financial Profile Monthly'!$B$7:$B$38,0),\nMATCH(1,('Financial Profile Monthly'!$C$5:$BV$5=$B25)*('Financial Profile Monthly'!$C$6:$BV$6=D$19),0)))","v":{"$error":"#N/A"}},{"$f":"IF(INDEX('Financial Profile Monthly'!$C$7:$BV$38,MATCH($B$17,'Financial Profile Monthly'!$B$7:$B$38,0),\nMATCH(1,('Financial Profile Monthly'!$C$5:$BV$5=$B25)*('Financial Profile Monthly'!$C$6:$BV$6=E$19),0))=\"\",#N/A,\nINDEX('Financial Profile Monthly'!$C$7:$BV$38,MATCH($B$17,'Financial Profile Monthly'!$B$7:$B$38,0),\nMATCH(1,('Financial Profile Monthly'!$C$5:$BV$5=$B25)*('Financial Profile Monthly'!$C$6:$BV$6=E$19),0)))","v":{"$error":"#N/A"}},{"$f":"IF(INDEX('Financial Profile Monthly'!$C$7:$BV$38,MATCH($B$17,'Financial Profile Monthly'!$B$7:$B$38,0),\nMATCH(1,('Financial Profile Monthly'!$C$5:$BV$5=$B25)*('Financial Profile Monthly'!$C$6:$BV$6=F$19),0))=\"\",#N/A,\nINDEX('Financial Profile Monthly'!$C$7:$BV$38,MATCH($B$17,'Financial Profile Monthly'!$B$7:$B$38,0),\nMATCH(1,('Financial Profile Monthly'!$C$5:$BV$5=$B25)*('Financial Profile Monthly'!$C$6:$BV$6=F$19),0)))","v":{"$error":"#N/A"}},{"$f":"IF(INDEX('Financial Profile Monthly'!$C$7:$BV$38,MATCH($B$17,'Financial Profile Monthly'!$B$7:$B$38,0),\nMATCH(1,('Financial Profile Monthly'!$C$5:$BV$5=$B25)*('Financial Profile Monthly'!$C$6:$BV$6=G$19),0))=\"\",#N/A,\nINDEX('Financial Profile Monthly'!$C$7:$BV$38,MATCH($B$17,'Financial Profile Monthly'!$B$7:$B$38,0),\nMATCH(1,('Financial Profile Monthly'!$C$5:$BV$5=$B25)*('Financial Profile Monthly'!$C$6:$BV$6=G$19),0)))","v":{"$error":"#N/A"}},{"$f":"IF(INDEX('Financial Profile Monthly'!$C$7:$BV$38,MATCH($B$17,'Financial Profile Monthly'!$B$7:$B$38,0),\nMATCH(1,('Financial Profile Monthly'!$C$5:$BV$5=$B25)*('Financial Profile Monthly'!$C$6:$BV$6=H$19),0))=\"\",#N/A,\nINDEX('Financial Profile Monthly'!$C$7:$BV$38,MATCH($B$17,'Financial Profile Monthly'!$B$7:$B$38,0),\nMATCH(1,('Financial Profile Monthly'!$C$5:$BV$5=$B25)*('Financial Profile Monthly'!$C$6:$BV$6=H$19),0)))","v":{"$error":"#N/A"}},{"$f":"IF(INDEX('Financial Profile Monthly'!$C$7:$BV$38,MATCH($B$17,'Financial Profile Monthly'!$B$7:$B$38,0),\nMATCH(1,('Financial Profile Monthly'!$C$5:$BV$5=$B25)*('Financial Profile Monthly'!$C$6:$BV$6=I$19),0))=\"\",#N/A,\nINDEX('Financial Profile Monthly'!$C$7:$BV$38,MATCH($B$17,'Financial Profile Monthly'!$B$7:$B$38,0),\nMATCH(1,('Financial Profile Monthly'!$C$5:$BV$5=$B25)*('Financial Profile Monthly'!$C$6:$BV$6=I$19),0)))","v":{"$error":"#N/A"}},{"$f":"IF(INDEX('Financial Profile Monthly'!$C$7:$BV$38,MATCH($B$17,'Financial Profile Monthly'!$B$7:$B$38,0),\nMATCH(1,('Financial Profile Monthly'!$C$5:$BV$5=$B25)*('Financial Profile Monthly'!$C$6:$BV$6=J$19),0))=\"\",#N/A,\nINDEX('Financial Profile Monthly'!$C$7:$BV$38,MATCH($B$17,'Financial Profile Monthly'!$B$7:$B$38,0),\nMATCH(1,('Financial Profile Monthly'!$C$5:$BV$5=$B25)*('Financial Profile Monthly'!$C$6:$BV$6=J$19),0)))","v":{"$error":"#N/A"}},{"$f":"IF(INDEX('Financial Profile Monthly'!$C$7:$BV$38,MATCH($B$17,'Financial Profile Monthly'!$B$7:$B$38,0),\nMATCH(1,('Financial Profile Monthly'!$C$5:$BV$5=$B25)*('Financial Profile Monthly'!$C$6:$BV$6=K$19),0))=\"\",#N/A,\nINDEX('Financial Profile Monthly'!$C$7:$BV$38,MATCH($B$17,'Financial Profile Monthly'!$B$7:$B$38,0),\nMATCH(1,('Financial Profile Monthly'!$C$5:$BV$5=$B25)*('Financial Profile Monthly'!$C$6:$BV$6=K$19),0)))","v":{"$error":"#N/A"}},{"$f":"IF(INDEX('Financial Profile Monthly'!$C$7:$BV$38,MATCH($B$17,'Financial Profile Monthly'!$B$7:$B$38,0),\nMATCH(1,('Financial Profile Monthly'!$C$5:$BV$5=$B25)*('Financial Profile Monthly'!$C$6:$BV$6=L$19),0))=\"\",#N/A,\nINDEX('Financial Profile Monthly'!$C$7:$BV$38,MATCH($B$17,'Financial Profile Monthly'!$B$7:$B$38,0),\nMATCH(1,('Financial Profile Monthly'!$C$5:$BV$5=$B25)*('Financial Profile Monthly'!$C$6:$BV$6=L$19),0)))","v":{"$error":"#N/A"}},{"$f":"IF(INDEX('Financial Profile Monthly'!$C$7:$BV$38,MATCH($B$17,'Financial Profile Monthly'!$B$7:$B$38,0),\nMATCH(1,('Financial Profile Monthly'!$C$5:$BV$5=$B25)*('Financial Profile Monthly'!$C$6:$BV$6=M$19),0))=\"\",#N/A,\nINDEX('Financial Profile Monthly'!$C$7:$BV$38,MATCH($B$17,'Financial Profile Monthly'!$B$7:$B$38,0),\nMATCH(1,('Financial Profile Monthly'!$C$5:$BV$5=$B25)*('Financial Profile Monthly'!$C$6:$BV$6=M$19),0)))","v":{"$error":"#N/A"}},{"$f":"IF(INDEX('Financial Profile Monthly'!$C$7:$BV$38,MATCH($B$17,'Financial Profile Monthly'!$B$7:$B$38,0),\nMATCH(1,('Financial Profile Monthly'!$C$5:$BV$5=$B25)*('Financial Profile Monthly'!$C$6:$BV$6=N$19),0))=\"\",#N/A,\nINDEX('Financial Profile Monthly'!$C$7:$BV$38,MATCH($B$17,'Financial Profile Monthly'!$B$7:$B$38,0),\nMATCH(1,('Financial Profile Monthly'!$C$5:$BV$5=$B25)*('Financial Profile Monthly'!$C$6:$BV$6=N$19),0)))","v":{"$error":"#N/A"}}]
[]
[null,"Estimated Pre-Tax Cash Flow"]
[]
[null,"Year",1,2,3,4,5,6,7,8,9,10,11,12]
[null,{"$f":"B31-1","v":-5},{"$f":"IF(INDEX('Financial Profile Monthly'!$C$7:$BV$38,MATCH($B$27,'Financial Profile Monthly'!$B$7:$B$38,0),\nMATCH(1,('Financial Profile Monthly'!$C$5:$BV$5=$B30)*('Financial Profile Monthly'!$C$6:$BV$6=C$29),0))=\"\",#N/A,\nINDEX('Financial Profile Monthly'!$C$7:$BV$38,MATCH($B$27,'Financial Profile Monthly'!$B$7:$B$38,0),\nMATCH(1,('Financial Profile Monthly'!$C$5:$BV$5=$B30)*('Financial Profile Monthly'!$C$6:$BV$6=C$29),0)))","v":{"$error":"#N/A"}},{"$f":"IF(INDEX('Financial Profile Monthly'!$C$7:$BV$38,MATCH($B$27,'Financial Profile Monthly'!$B$7:$B$38,0),\nMATCH(1,('Financial Profile Monthly'!$C$5:$BV$5=$B30)*('Financial Profile Monthly'!$C$6:$BV$6=D$29),0))=\"\",#N/A,\nINDEX('Financial Profile Monthly'!$C$7:$BV$38,MATCH($B$27,'Financial Profile Monthly'!$B$7:$B$38,0),\nMATCH(1,('Financial Profile Monthly'!$C$5:$BV$5=$B30)*('Financial Profile Monthly'!$C$6:$BV$6=D$29),0)))","v":{"$error":"#N/A"}},{"$f":"IF(INDEX('Financial Profile Monthly'!$C$7:$BV$38,MATCH($B$27,'Financial Profile Monthly'!$B$7:$B$38,0),\nMATCH(1,('Financial Profile Monthly'!$C$5:$BV$5=$B30)*('Financial Profile Monthly'!$C$6:$BV$6=E$29),0))=\"\",#N/A,\nINDEX('Financial Profile Monthly'!$C$7:$BV$38,MATCH($B$27,'Financial Profile Monthly'!$B$7:$B$38,0),\nMATCH(1,('Financial Profile Monthly'!$C$5:$BV$5=$B30)*('Financial Profile Monthly'!$C$6:$BV$6=E$29),0)))","v":{"$error":"#N/A"}},{"$f":"IF(INDEX('Financial Profile Monthly'!$C$7:$BV$38,MATCH($B$27,'Financial Profile Monthly'!$B$7:$B$38,0),\nMATCH(1,('Financial Profile Monthly'!$C$5:$BV$5=$B30)*('Financial Profile Monthly'!$C$6:$BV$6=F$29),0))=\"\",#N/A,\nINDEX('Financial Profile Monthly'!$C$7:$BV$38,MATCH($B$27,'Financial Profile Monthly'!$B$7:$B$38,0),\nMATCH(1,('Financial Profile Monthly'!$C$5:$BV$5=$B30)*('Financial Profile Monthly'!$C$6:$BV$6=F$29),0)))","v":{"$error":"#N/A"}},{"$f":"IF(INDEX('Financial Profile Monthly'!$C$7:$BV$38,MATCH($B$27,'Financial Profile Monthly'!$B$7:$B$38,0),\nMATCH(1,('Financial Profile Monthly'!$C$5:$BV$5=$B30)*('Financial Profile Monthly'!$C$6:$BV$6=G$29),0))=\"\",#N/A,\nINDEX('Financial Profile Monthly'!$C$7:$BV$38,MATCH($B$27,'Financial Profile Monthly'!$B$7:$B$38,0),\nMATCH(1,('Financial Profile Monthly'!$C$5:$BV$5=$B30)*('Financial Profile Monthly'!$C$6:$BV$6=G$29),0)))","v":{"$error":"#N/A"}},{"$f":"IF(INDEX('Financial Profile Monthly'!$C$7:$BV$38,MATCH($B$27,'Financial Profile Monthly'!$B$7:$B$38,0),\nMATCH(1,('Financial Profile Monthly'!$C$5:$BV$5=$B30)*('Financial Profile Monthly'!$C$6:$BV$6=H$29),0))=\"\",#N/A,\nINDEX('Financial Profile Monthly'!$C$7:$BV$38,MATCH($B$27,'Financial Profile Monthly'!$B$7:$B$38,0),\nMATCH(1,('Financial Profile Monthly'!$C$5:$BV$5=$B30)*('Financial Profile Monthly'!$C$6:$BV$6=H$29),0)))","v":{"$error":"#N/A"}},{"$f":"IF(INDEX('Financial Profile Monthly'!$C$7:$BV$38,MATCH($B$27,'Financial Profile Monthly'!$B$7:$B$38,0),\nMATCH(1,('Financial Profile Monthly'!$C$5:$BV$5=$B30)*('Financial Profile Monthly'!$C$6:$BV$6=I$29),0))=\"\",#N/A,\nINDEX('Financial Profile Monthly'!$C$7:$BV$38,MATCH($B$27,'Financial Profile Monthly'!$B$7:$B$38,0),\nMATCH(1,('Financial Profile Monthly'!$C$5:$BV$5=$B30)*('Financial Profile Monthly'!$C$6:$BV$6=I$29),0)))","v":{"$error":"#N/A"}},{"$f":"IF(INDEX('Financial Profile Monthly'!$C$7:$BV$38,MATCH($B$27,'Financial Profile Monthly'!$B$7:$B$38,0),\nMATCH(1,('Financial Profile Monthly'!$C$5:$BV$5=$B30)*('Financial Profile Monthly'!$C$6:$BV$6=J$29),0))=\"\",#N/A,\nINDEX('Financial Profile Monthly'!$C$7:$BV$38,MATCH($B$27,'Financial Profile Monthly'!$B$7:$B$38,0),\nMATCH(1,('Financial Profile Monthly'!$C$5:$BV$5=$B30)*('Financial Profile Monthly'!$C$6:$BV$6=J$29),0)))","v":{"$error":"#N/A"}},{"$f":"IF(INDEX('Financial Profile Monthly'!$C$7:$BV$38,MATCH($B$27,'Financial Profile Monthly'!$B$7:$B$38,0),\nMATCH(1,('Financial Profile Monthly'!$C$5:$BV$5=$B30)*('Financial Profile Monthly'!$C$6:$BV$6=K$29),0))=\"\",#N/A,\nINDEX('Financial Profile Monthly'!$C$7:$BV$38,MATCH($B$27,'Financial Profile Monthly'!$B$7:$B$38,0),\nMATCH(1,('Financial Profile Monthly'!$C$5:$BV$5=$B30)*('Financial Profile Monthly'!$C$6:$BV$6=K$29),0)))","v":{"$error":"#N/A"}},{"$f":"IF(INDEX('Financial Profile Monthly'!$C$7:$BV$38,MATCH($B$27,'Financial Profile Monthly'!$B$7:$B$38,0),\nMATCH(1,('Financial Profile Monthly'!$C$5:$BV$5=$B30)*('Financial Profile Monthly'!$C$6:$BV$6=L$29),0))=\"\",#N/A,\nINDEX('Financial Profile Monthly'!$C$7:$BV$38,MATCH($B$27,'Financial Profile Monthly'!$B$7:$B$38,0),\nMATCH(1,('Financial Profile Monthly'!$C$5:$BV$5=$B30)*('Financial Profile Monthly'!$C$6:$BV$6=L$29),0)))","v":{"$error":"#N/A"}},{"$f":"IF(INDEX('Financial Profile Monthly'!$C$7:$BV$38,MATCH($B$27,'Financial Profile Monthly'!$B$7:$B$38,0),\nMATCH(1,('Financial Profile Monthly'!$C$5:$BV$5=$B30)*('Financial Profile Monthly'!$C$6:$BV$6=M$29),0))=\"\",#N/A,\nINDEX('Financial Profile Monthly'!$C$7:$BV$38,MATCH($B$27,'Financial Profile Monthly'!$B$7:$B$38,0),\nMATCH(1,('Financial Profile Monthly'!$C$5:$BV$5=$B30)*('Financial Profile Monthly'!$C$6:$BV$6=M$29),0)))","v":{"$error":"#N/A"}},{"$f":"IF(INDEX('Financial Profile Monthly'!$C$7:$BV$38,MATCH($B$27,'Financial Profile Monthly'!$B$7:$B$38,0),\nMATCH(1,('Financial Profile Monthly'!$C$5:$BV$5=$B30)*('Financial Profile Monthly'!$C$6:$BV$6=N$29),0))=\"\",#N/A,\nINDEX('Financial Profile Monthly'!$C$7:$BV$38,MATCH($B$27,'Financial Profile Monthly'!$B$7:$B$38,0),\nMATCH(1,('Financial Profile Monthly'!$C$5:$BV$5=$B30)*('Financial Profile Monthly'!$C$6:$BV$6=N$29),0)))","v":{"$error":"#N/A"}}]
[null,{"$f":"B32-1","v":-4},{"$f":"IF(INDEX('Financial Profile Monthly'!$C$7:$BV$38,MATCH($B$27,'Financial Profile Monthly'!$B$7:$B$38,0),\nMATCH(1,('Financial Profile Monthly'!$C$5:$BV$5=$B31)*('Financial Profile Monthly'!$C$6:$BV$6=C$29),0))=\"\",#N/A,\nINDEX('Financial Profile Monthly'!$C$7:$BV$38,MATCH($B$27,'Financial Profile Monthly'!$B$7:$B$38,0),\nMATCH(1,('Financial Profile Monthly'!$C$5:$BV$5=$B31)*('Financial Profile Monthly'!$C$6:$BV$6=C$29),0)))","v":{"$error":"#N/A"}},{"$f":"IF(INDEX('Financial Profile Monthly'!$C$7:$BV$38,MATCH($B$27,'Financial Profile Monthly'!$B$7:$B$38,0),\nMATCH(1,('Financial Profile Monthly'!$C$5:$BV$5=$B31)*('Financial Profile Monthly'!$C$6:$BV$6=D$29),0))=\"\",#N/A,\nINDEX('Financial Profile Monthly'!$C$7:$BV$38,MATCH($B$27,'Financial Profile Monthly'!$B$7:$B$38,0),\nMATCH(1,('Financial Profile Monthly'!$C$5:$BV$5=$B31)*('Financial Profile Monthly'!$C$6:$BV$6=D$29),0)))","v":{"$error":"#N/A"}},{"$f":"IF(INDEX('Financial Profile Monthly'!$C$7:$BV$38,MATCH($B$27,'Financial Profile Monthly'!$B$7:$B$38,0),\nMATCH(1,('Financial Profile Monthly'!$C$5:$BV$5=$B31)*('Financial Profile Monthly'!$C$6:$BV$6=E$29),0))=\"\",#N/A,\nINDEX('Financial Profile Monthly'!$C$7:$BV$38,MATCH($B$27,'Financial Profile Monthly'!$B$7:$B$38,0),\nMATCH(1,('Financial Profile Monthly'!$C$5:$BV$5=$B31)*('Financial Profile Monthly'!$C$6:$BV$6=E$29),0)))","v":{"$error":"#N/A"}},{"$f":"IF(INDEX('Financial Profile Monthly'!$C$7:$BV$38,MATCH($B$27,'Financial Profile Monthly'!$B$7:$B$38,0),\nMATCH(1,('Financial Profile Monthly'!$C$5:$BV$5=$B31)*('Financial Profile Monthly'!$C$6:$BV$6=F$29),0))=\"\",#N/A,\nINDEX('Financial Profile Monthly'!$C$7:$BV$38,MATCH($B$27,'Financial Profile Monthly'!$B$7:$B$38,0),\nMATCH(1,('Financial Profile Monthly'!$C$5:$BV$5=$B31)*('Financial Profile Monthly'!$C$6:$BV$6=F$29),0)))","v":{"$error":"#N/A"}},{"$f":"IF(INDEX('Financial Profile Monthly'!$C$7:$BV$38,MATCH($B$27,'Financial Profile Monthly'!$B$7:$B$38,0),\nMATCH(1,('Financial Profile Monthly'!$C$5:$BV$5=$B31)*('Financial Profile Monthly'!$C$6:$BV$6=G$29),0))=\"\",#N/A,\nINDEX('Financial Profile Monthly'!$C$7:$BV$38,MATCH($B$27,'Financial Profile Monthly'!$B$7:$B$38,0),\nMATCH(1,('Financial Profile Monthly'!$C$5:$BV$5=$B31)*('Financial Profile Monthly'!$C$6:$BV$6=G$29),0)))","v":{"$error":"#N/A"}},{"$f":"IF(INDEX('Financial Profile Monthly'!$C$7:$BV$38,MATCH($B$27,'Financial Profile Monthly'!$B$7:$B$38,0),\nMATCH(1,('Financial Profile Monthly'!$C$5:$BV$5=$B31)*('Financial Profile Monthly'!$C$6:$BV$6=H$29),0))=\"\",#N/A,\nINDEX('Financial Profile Monthly'!$C$7:$BV$38,MATCH($B$27,'Financial Profile Monthly'!$B$7:$B$38,0),\nMATCH(1,('Financial Profile Monthly'!$C$5:$BV$5=$B31)*('Financial Profile Monthly'!$C$6:$BV$6=H$29),0)))","v":{"$error":"#N/A"}},{"$f":"IF(INDEX('Financial Profile Monthly'!$C$7:$BV$38,MATCH($B$27,'Financial Profile Monthly'!$B$7:$B$38,0),\nMATCH(1,('Financial Profile Monthly'!$C$5:$BV$5=$B31)*('Financial Profile Monthly'!$C$6:$BV$6=I$29),0))=\"\",#N/A,\nINDEX('Financial Profile Monthly'!$C$7:$BV$38,MATCH($B$27,'Financial Profile Monthly'!$B$7:$B$38,0),\nMATCH(1,('Financial Profile Monthly'!$C$5:$BV$5=$B31)*('Financial Profile Monthly'!$C$6:$BV$6=I$29),0)))","v":{"$error":"#N/A"}},{"$f":"IF(INDEX('Financial Profile Monthly'!$C$7:$BV$38,MATCH($B$27,'Financial Profile Monthly'!$B$7:$B$38,0),\nMATCH(1,('Financial Profile Monthly'!$C$5:$BV$5=$B31)*('Financial Profile Monthly'!$C$6:$BV$6=J$29),0))=\"\",#N/A,\nINDEX('Financial Profile Monthly'!$C$7:$BV$38,MATCH($B$27,'Financial Profile Monthly'!$B$7:$B$38,0),\nMATCH(1,('Financial Profile Monthly'!$C$5:$BV$5=$B31)*('Financial Profile Monthly'!$C$6:$BV$6=J$29),0)))","v":{"$error":"#N/A"}},{"$f":"IF(INDEX('Financial Profile Monthly'!$C$7:$BV$38,MATCH($B$27,'Financial Profile Monthly'!$B$7:$B$38,0),\nMATCH(1,('Financial Profile Monthly'!$C$5:$BV$5=$B31)*('Financial Profile Monthly'!$C$6:$BV$6=K$29),0))=\"\",#N/A,\nINDEX('Financial Profile Monthly'!$C$7:$BV$38,MATCH($B$27,'Financial Profile Monthly'!$B$7:$B$38,0),\nMATCH(1,('Financial Profile Monthly'!$C$5:$BV$5=$B31)*('Financial Profile Monthly'!$C$6:$BV$6=K$29),0)))","v":{"$error":"#N/A"}},{"$f":"IF(INDEX('Financial Profile Monthly'!$C$7:$BV$38,MATCH($B$27,'Financial Profile Monthly'!$B$7:$B$38,0),\nMATCH(1,('Financial Profile Monthly'!$C$5:$BV$5=$B31)*('Financial Profile Monthly'!$C$6:$BV$6=L$29),0))=\"\",#N/A,\nINDEX('Financial Profile Monthly'!$C$7:$BV$38,MATCH($B$27,'Financial Profile Monthly'!$B$7:$B$38,0),\nMATCH(1,('Financial Profile Monthly'!$C$5:$BV$5=$B31)*('Financial Profile Monthly'!$C$6:$BV$6=L$29),0)))","v":{"$error":"#N/A"}},{"$f":"IF(INDEX('Financial Profile Monthly'!$C$7:$BV$38,MATCH($B$27,'Financial Profile Monthly'!$B$7:$B$38,0),\nMATCH(1,('Financial Profile Monthly'!$C$5:$BV$5=$B31)*('Financial Profile Monthly'!$C$6:$BV$6=M$29),0))=\"\",#N/A,\nINDEX('Financial Profile Monthly'!$C$7:$BV$38,MATCH($B$27,'Financial Profile Monthly'!$B$7:$B$38,0),\nMATCH(1,('Financial Profile Monthly'!$C$5:$BV$5=$B31)*('Financial Profile Monthly'!$C$6:$BV$6=M$29),0)))","v":{"$error":"#N/A"}},{"$f":"IF(INDEX('Financial Profile Monthly'!$C$7:$BV$38,MATCH($B$27,'Financial Profile Monthly'!$B$7:$B$38,0),\nMATCH(1,('Financial Profile Monthly'!$C$5:$BV$5=$B31)*('Financial Profile Monthly'!$C$6:$BV$6=N$29),0))=\"\",#N/A,\nINDEX('Financial Profile Monthly'!$C$7:$BV$38,MATCH($B$27,'Financial Profile Monthly'!$B$7:$B$38,0),\nMATCH(1,('Financial Profile Monthly'!$C$5:$BV$5=$B31)*('Financial Profile Monthly'!$C$6:$BV$6=N$29),0)))","v":{"$error":"#N/A"}}]
[null,{"$f":"B33-1","v":-3},{"$f":"IF(INDEX('Financial Profile Monthly'!$C$7:$BV$38,MATCH($B$27,'Financial Profile Monthly'!$B$7:$B$38,0),\nMATCH(1,('Financial Profile Monthly'!$C$5:$BV$5=$B32)*('Financial Profile Monthly'!$C$6:$BV$6=C$29),0))=\"\",#N/A,\nINDEX('Financial Profile Monthly'!$C$7:$BV$38,MATCH($B$27,'Financial Profile Monthly'!$B$7:$B$38,0),\nMATCH(1,('Financial Profile Monthly'!$C$5:$BV$5=$B32)*('Financial Profile Monthly'!$C$6:$BV$6=C$29),0)))","v":{"$error":"#N/A"}},{"$f":"IF(INDEX('Financial Profile Monthly'!$C$7:$BV$38,MATCH($B$27,'Financial Profile Monthly'!$B$7:$B$38,0),\nMATCH(1,('Financial Profile Monthly'!$C$5:$BV$5=$B32)*('Financial Profile Monthly'!$C$6:$BV$6=D$29),0))=\"\",#N/A,\nINDEX('Financial Profile Monthly'!$C$7:$BV$38,MATCH($B$27,'Financial Profile Monthly'!$B$7:$B$38,0),\nMATCH(1,('Financial Profile Monthly'!$C$5:$BV$5=$B32)*('Financial Profile Monthly'!$C$6:$BV$6=D$29),0)))","v":{"$error":"#N/A"}},{"$f":"IF(INDEX('Financial Profile Monthly'!$C$7:$BV$38,MATCH($B$27,'Financial Profile Monthly'!$B$7:$B$38,0),\nMATCH(1,('Financial Profile Monthly'!$C$5:$BV$5=$B32)*('Financial Profile Monthly'!$C$6:$BV$6=E$29),0))=\"\",#N/A,\nINDEX('Financial Profile Monthly'!$C$7:$BV$38,MATCH($B$27,'Financial Profile Monthly'!$B$7:$B$38,0),\nMATCH(1,('Financial Profile Monthly'!$C$5:$BV$5=$B32)*('Financial Profile Monthly'!$C$6:$BV$6=E$29),0)))","v":{"$error":"#N/A"}},{"$f":"IF(INDEX('Financial Profile Monthly'!$C$7:$BV$38,MATCH($B$27,'Financial Profile Monthly'!$B$7:$B$38,0),\nMATCH(1,('Financial Profile Monthly'!$C$5:$BV$5=$B32)*('Financial Profile Monthly'!$C$6:$BV$6=F$29),0))=\"\",#N/A,\nINDEX('Financial Profile Monthly'!$C$7:$BV$38,MATCH($B$27,'Financial Profile Monthly'!$B$7:$B$38,0),\nMATCH(1,('Financial Profile Monthly'!$C$5:$BV$5=$B32)*('Financial Profile Monthly'!$C$6:$BV$6=F$29),0)))","v":{"$error":"#N/A"}},{"$f":"IF(INDEX('Financial Profile Monthly'!$C$7:$BV$38,MATCH($B$27,'Financial Profile Monthly'!$B$7:$B$38,0),\nMATCH(1,('Financial Profile Monthly'!$C$5:$BV$5=$B32)*('Financial Profile Monthly'!$C$6:$BV$6=G$29),0))=\"\",#N/A,\nINDEX('Financial Profile Monthly'!$C$7:$BV$38,MATCH($B$27,'Financial Profile Monthly'!$B$7:$B$38,0),\nMATCH(1,('Financial Profile Monthly'!$C$5:$BV$5=$B32)*('Financial Profile Monthly'!$C$6:$BV$6=G$29),0)))","v":{"$error":"#N/A"}},{"$f":"IF(INDEX('Financial Profile Monthly'!$C$7:$BV$38,MATCH($B$27,'Financial Profile Monthly'!$B$7:$B$38,0),\nMATCH(1,('Financial Profile Monthly'!$C$5:$BV$5=$B32)*('Financial Profile Monthly'!$C$6:$BV$6=H$29),0))=\"\",#N/A,\nINDEX('Financial Profile Monthly'!$C$7:$BV$38,MATCH($B$27,'Financial Profile Monthly'!$B$7:$B$38,0),\nMATCH(1,('Financial Profile Monthly'!$C$5:$BV$5=$B32)*('Financial Profile Monthly'!$C$6:$BV$6=H$29),0)))","v":{"$error":"#N/A"}},{"$f":"IF(INDEX('Financial Profile Monthly'!$C$7:$BV$38,MATCH($B$27,'Financial Profile Monthly'!$B$7:$B$38,0),\nMATCH(1,('Financial Profile Monthly'!$C$5:$BV$5=$B32)*('Financial Profile Monthly'!$C$6:$BV$6=I$29),0))=\"\",#N/A,\nINDEX('Financial Profile Monthly'!$C$7:$BV$38,MATCH($B$27,'Financial Profile Monthly'!$B$7:$B$38,0),\nMATCH(1,('Financial Profile Monthly'!$C$5:$BV$5=$B32)*('Financial Profile Monthly'!$C$6:$BV$6=I$29),0)))","v":{"$error":"#N/A"}},{"$f":"IF(INDEX('Financial Profile Monthly'!$C$7:$BV$38,MATCH($B$27,'Financial Profile Monthly'!$B$7:$B$38,0),\nMATCH(1,('Financial Profile Monthly'!$C$5:$BV$5=$B32)*('Financial Profile Monthly'!$C$6:$BV$6=J$29),0))=\"\",#N/A,\nINDEX('Financial Profile Monthly'!$C$7:$BV$38,MATCH($B$27,'Financial Profile Monthly'!$B$7:$B$38,0),\nMATCH(1,('Financial Profile Monthly'!$C$5:$BV$5=$B32)*('Financial Profile Monthly'!$C$6:$BV$6=J$29),0)))","v":{"$error":"#N/A"}},{"$f":"IF(INDEX('Financial Profile Monthly'!$C$7:$BV$38,MATCH($B$27,'Financial Profile Monthly'!$B$7:$B$38,0),\nMATCH(1,('Financial Profile Monthly'!$C$5:$BV$5=$B32)*('Financial Profile Monthly'!$C$6:$BV$6=K$29),0))=\"\",#N/A,\nINDEX('Financial Profile Monthly'!$C$7:$BV$38,MATCH($B$27,'Financial Profile Monthly'!$B$7:$B$38,0),\nMATCH(1,('Financial Profile Monthly'!$C$5:$BV$5=$B32)*('Financial Profile Monthly'!$C$6:$BV$6=K$29),0)))","v":{"$error":"#N/A"}},{"$f":"IF(INDEX('Financial Profile Monthly'!$C$7:$BV$38,MATCH($B$27,'Financial Profile Monthly'!$B$7:$B$38,0),\nMATCH(1,('Financial Profile Monthly'!$C$5:$BV$5=$B32)*('Financial Profile Monthly'!$C$6:$BV$6=L$29),0))=\"\",#N/A,\nINDEX('Financial Profile Monthly'!$C$7:$BV$38,MATCH($B$27,'Financial Profile Monthly'!$B$7:$B$38,0),\nMATCH(1,('Financial Profile Monthly'!$C$5:$BV$5=$B32)*('Financial Profile Monthly'!$C$6:$BV$6=L$29),0)))","v":{"$error":"#N/A"}},{"$f":"IF(INDEX('Financial Profile Monthly'!$C$7:$BV$38,MATCH($B$27,'Financial Profile Monthly'!$B$7:$B$38,0),\nMATCH(1,('Financial Profile Monthly'!$C$5:$BV$5=$B32)*('Financial Profile Monthly'!$C$6:$BV$6=M$29),0))=\"\",#N/A,\nINDEX('Financial Profile Monthly'!$C$7:$BV$38,MATCH($B$27,'Financial Profile Monthly'!$B$7:$B$38,0),\nMATCH(1,('Financial Profile Monthly'!$C$5:$BV$5=$B32)*('Financial Profile Monthly'!$C$6:$BV$6=M$29),0)))","v":{"$error":"#N/A"}},{"$f":"IF(INDEX('Financial Profile Monthly'!$C$7:$BV$38,MATCH($B$27,'Financial Profile Monthly'!$B$7:$B$38,0),\nMATCH(1,('Financial Profile Monthly'!$C$5:$BV$5=$B32)*('Financial Profile Monthly'!$C$6:$BV$6=N$29),0))=\"\",#N/A,\nINDEX('Financial Profile Monthly'!$C$7:$BV$38,MATCH($B$27,'Financial Profile Monthly'!$B$7:$B$38,0),\nMATCH(1,('Financial Profile Monthly'!$C$5:$BV$5=$B32)*('Financial Profile Monthly'!$C$6:$BV$6=N$29),0)))","v":{"$error":"#N/A"}}]
[null,{"$f":"B34-1","v":-2},{"$f":"IF(INDEX('Financial Profile Monthly'!$C$7:$BV$38,MATCH($B$27,'Financial Profile Monthly'!$B$7:$B$38,0),\nMATCH(1,('Financial Profile Monthly'!$C$5:$BV$5=$B33)*('Financial Profile Monthly'!$C$6:$BV$6=C$29),0))=\"\",#N/A,\nINDEX('Financial Profile Monthly'!$C$7:$BV$38,MATCH($B$27,'Financial Profile Monthly'!$B$7:$B$38,0),\nMATCH(1,('Financial Profile Monthly'!$C$5:$BV$5=$B33)*('Financial Profile Monthly'!$C$6:$BV$6=C$29),0)))","v":{"$error":"#N/A"}},{"$f":"IF(INDEX('Financial Profile Monthly'!$C$7:$BV$38,MATCH($B$27,'Financial Profile Monthly'!$B$7:$B$38,0),\nMATCH(1,('Financial Profile Monthly'!$C$5:$BV$5=$B33)*('Financial Profile Monthly'!$C$6:$BV$6=D$29),0))=\"\",#N/A,\nINDEX('Financial Profile Monthly'!$C$7:$BV$38,MATCH($B$27,'Financial Profile Monthly'!$B$7:$B$38,0),\nMATCH(1,('Financial Profile Monthly'!$C$5:$BV$5=$B33)*('Financial Profile Monthly'!$C$6:$BV$6=D$29),0)))","v":{"$error":"#N/A"}},{"$f":"IF(INDEX('Financial Profile Monthly'!$C$7:$BV$38,MATCH($B$27,'Financial Profile Monthly'!$B$7:$B$38,0),\nMATCH(1,('Financial Profile Monthly'!$C$5:$BV$5=$B33)*('Financial Profile Monthly'!$C$6:$BV$6=E$29),0))=\"\",#N/A,\nINDEX('Financial Profile Monthly'!$C$7:$BV$38,MATCH($B$27,'Financial Profile Monthly'!$B$7:$B$38,0),\nMATCH(1,('Financial Profile Monthly'!$C$5:$BV$5=$B33)*('Financial Profile Monthly'!$C$6:$BV$6=E$29),0)))","v":{"$error":"#N/A"}},{"$f":"IF(INDEX('Financial Profile Monthly'!$C$7:$BV$38,MATCH($B$27,'Financial Profile Monthly'!$B$7:$B$38,0),\nMATCH(1,('Financial Profile Monthly'!$C$5:$BV$5=$B33)*('Financial Profile Monthly'!$C$6:$BV$6=F$29),0))=\"\",#N/A,\nINDEX('Financial Profile Monthly'!$C$7:$BV$38,MATCH($B$27,'Financial Profile Monthly'!$B$7:$B$38,0),\nMATCH(1,('Financial Profile Monthly'!$C$5:$BV$5=$B33)*('Financial Profile Monthly'!$C$6:$BV$6=F$29),0)))","v":{"$error":"#N/A"}},{"$f":"IF(INDEX('Financial Profile Monthly'!$C$7:$BV$38,MATCH($B$27,'Financial Profile Monthly'!$B$7:$B$38,0),\nMATCH(1,('Financial Profile Monthly'!$C$5:$BV$5=$B33)*('Financial Profile Monthly'!$C$6:$BV$6=G$29),0))=\"\",#N/A,\nINDEX('Financial Profile Monthly'!$C$7:$BV$38,MATCH($B$27,'Financial Profile Monthly'!$B$7:$B$38,0),\nMATCH(1,('Financial Profile Monthly'!$C$5:$BV$5=$B33)*('Financial Profile Monthly'!$C$6:$BV$6=G$29),0)))","v":{"$error":"#N/A"}},{"$f":"IF(INDEX('Financial Profile Monthly'!$C$7:$BV$38,MATCH($B$27,'Financial Profile Monthly'!$B$7:$B$38,0),\nMATCH(1,('Financial Profile Monthly'!$C$5:$BV$5=$B33)*('Financial Profile Monthly'!$C$6:$BV$6=H$29),0))=\"\",#N/A,\nINDEX('Financial Profile Monthly'!$C$7:$BV$38,MATCH($B$27,'Financial Profile Monthly'!$B$7:$B$38,0),\nMATCH(1,('Financial Profile Monthly'!$C$5:$BV$5=$B33)*('Financial Profile Monthly'!$C$6:$BV$6=H$29),0)))","v":{"$error":"#N/A"}},{"$f":"IF(INDEX('Financial Profile Monthly'!$C$7:$BV$38,MATCH($B$27,'Financial Profile Monthly'!$B$7:$B$38,0),\nMATCH(1,('Financial Profile Monthly'!$C$5:$BV$5=$B33)*('Financial Profile Monthly'!$C$6:$BV$6=I$29),0))=\"\",#N/A,\nINDEX('Financial Profile Monthly'!$C$7:$BV$38,MATCH($B$27,'Financial Profile Monthly'!$B$7:$B$38,0),\nMATCH(1,('Financial Profile Monthly'!$C$5:$BV$5=$B33)*('Financial Profile Monthly'!$C$6:$BV$6=I$29),0)))","v":{"$error":"#N/A"}},{"$f":"IF(INDEX('Financial Profile Monthly'!$C$7:$BV$38,MATCH($B$27,'Financial Profile Monthly'!$B$7:$B$38,0),\nMATCH(1,('Financial Profile Monthly'!$C$5:$BV$5=$B33)*('Financial Profile Monthly'!$C$6:$BV$6=J$29),0))=\"\",#N/A,\nINDEX('Financial Profile Monthly'!$C$7:$BV$38,MATCH($B$27,'Financial Profile Monthly'!$B$7:$B$38,0),\nMATCH(1,('Financial Profile Monthly'!$C$5:$BV$5=$B33)*('Financial Profile Monthly'!$C$6:$BV$6=J$29),0)))","v":{"$error":"#N/A"}},{"$f":"IF(INDEX('Financial Profile Monthly'!$C$7:$BV$38,MATCH($B$27,'Financial Profile Monthly'!$B$7:$B$38,0),\nMATCH(1,('Financial Profile Monthly'!$C$5:$BV$5=$B33)*('Financial Profile Monthly'!$C$6:$BV$6=K$29),0))=\"\",#N/A,\nINDEX('Financial Profile Monthly'!$C$7:$BV$38,MATCH($B$27,'Financial Profile Monthly'!$B$7:$B$38,0),\nMATCH(1,('Financial Profile Monthly'!$C$5:$BV$5=$B33)*('Financial Profile Monthly'!$C$6:$BV$6=K$29),0)))","v":{"$error":"#N/A"}},{"$f":"IF(INDEX('Financial Profile Monthly'!$C$7:$BV$38,MATCH($B$27,'Financial Profile Monthly'!$B$7:$B$38,0),\nMATCH(1,('Financial Profile Monthly'!$C$5:$BV$5=$B33)*('Financial Profile Monthly'!$C$6:$BV$6=L$29),0))=\"\",#N/A,\nINDEX('Financial Profile Monthly'!$C$7:$BV$38,MATCH($B$27,'Financial Profile Monthly'!$B$7:$B$38,0),\nMATCH(1,('Financial Profile Monthly'!$C$5:$BV$5=$B33)*('Financial Profile Monthly'!$C$6:$BV$6=L$29),0)))","v":{"$error":"#N/A"}},{"$f":"IF(INDEX('Financial Profile Monthly'!$C$7:$BV$38,MATCH($B$27,'Financial Profile Monthly'!$B$7:$B$38,0),\nMATCH(1,('Financial Profile Monthly'!$C$5:$BV$5=$B33)*('Financial Profile Monthly'!$C$6:$BV$6=M$29),0))=\"\",#N/A,\nINDEX('Financial Profile Monthly'!$C$7:$BV$38,MATCH($B$27,'Financial Profile Monthly'!$B$7:$B$38,0),\nMATCH(1,('Financial Profile Monthly'!$C$5:$BV$5=$B33)*('Financial Profile Monthly'!$C$6:$BV$6=M$29),0)))","v":{"$error":"#N/A"}},{"$f":"IF(INDEX('Financial Profile Monthly'!$C$7:$BV$38,MATCH($B$27,'Financial Profile Monthly'!$B$7:$B$38,0),\nMATCH(1,('Financial Profile Monthly'!$C$5:$BV$5=$B33)*('Financial Profile Monthly'!$C$6:$BV$6=N$29),0))=\"\",#N/A,\nINDEX('Financial Profile Monthly'!$C$7:$BV$38,MATCH($B$27,'Financial Profile Monthly'!$B$7:$B$38,0),\nMATCH(1,('Financial Profile Monthly'!$C$5:$BV$5=$B33)*('Financial Profile Monthly'!$C$6:$BV$6=N$29),0)))","v":{"$error":"#N/A"}}]
[null,{"$f":"B35-1","v":-1},{"$f":"IF(INDEX('Financial Profile Monthly'!$C$7:$BV$38,MATCH($B$27,'Financial Profile Monthly'!$B$7:$B$38,0),\nMATCH(1,('Financial Profile Monthly'!$C$5:$BV$5=$B34)*('Financial Profile Monthly'!$C$6:$BV$6=C$29),0))=\"\",#N/A,\nINDEX('Financial Profile Monthly'!$C$7:$BV$38,MATCH($B$27,'Financial Profile Monthly'!$B$7:$B$38,0),\nMATCH(1,('Financial Profile Monthly'!$C$5:$BV$5=$B34)*('Financial Profile Monthly'!$C$6:$BV$6=C$29),0)))","v":{"$error":"#N/A"}},{"$f":"IF(INDEX('Financial Profile Monthly'!$C$7:$BV$38,MATCH($B$27,'Financial Profile Monthly'!$B$7:$B$38,0),\nMATCH(1,('Financial Profile Monthly'!$C$5:$BV$5=$B34)*('Financial Profile Monthly'!$C$6:$BV$6=D$29),0))=\"\",#N/A,\nINDEX('Financial Profile Monthly'!$C$7:$BV$38,MATCH($B$27,'Financial Profile Monthly'!$B$7:$B$38,0),\nMATCH(1,('Financial Profile Monthly'!$C$5:$BV$5=$B34)*('Financial Profile Monthly'!$C$6:$BV$6=D$29),0)))","v":{"$error":"#N/A"}},{"$f":"IF(INDEX('Financial Profile Monthly'!$C$7:$BV$38,MATCH($B$27,'Financial Profile Monthly'!$B$7:$B$38,0),\nMATCH(1,('Financial Profile Monthly'!$C$5:$BV$5=$B34)*('Financial Profile Monthly'!$C$6:$BV$6=E$29),0))=\"\",#N/A,\nINDEX('Financial Profile Monthly'!$C$7:$BV$38,MATCH($B$27,'Financial Profile Monthly'!$B$7:$B$38,0),\nMATCH(1,('Financial Profile Monthly'!$C$5:$BV$5=$B34)*('Financial Profile Monthly'!$C$6:$BV$6=E$29),0)))","v":{"$error":"#N/A"}},{"$f":"IF(INDEX('Financial Profile Monthly'!$C$7:$BV$38,MATCH($B$27,'Financial Profile Monthly'!$B$7:$B$38,0),\nMATCH(1,('Financial Profile Monthly'!$C$5:$BV$5=$B34)*('Financial Profile Monthly'!$C$6:$BV$6=F$29),0))=\"\",#N/A,\nINDEX('Financial Profile Monthly'!$C$7:$BV$38,MATCH($B$27,'Financial Profile Monthly'!$B$7:$B$38,0),\nMATCH(1,('Financial Profile Monthly'!$C$5:$BV$5=$B34)*('Financial Profile Monthly'!$C$6:$BV$6=F$29),0)))","v":{"$error":"#N/A"}},{"$f":"IF(INDEX('Financial Profile Monthly'!$C$7:$BV$38,MATCH($B$27,'Financial Profile Monthly'!$B$7:$B$38,0),\nMATCH(1,('Financial Profile Monthly'!$C$5:$BV$5=$B34)*('Financial Profile Monthly'!$C$6:$BV$6=G$29),0))=\"\",#N/A,\nINDEX('Financial Profile Monthly'!$C$7:$BV$38,MATCH($B$27,'Financial Profile Monthly'!$B$7:$B$38,0),\nMATCH(1,('Financial Profile Monthly'!$C$5:$BV$5=$B34)*('Financial Profile Monthly'!$C$6:$BV$6=G$29),0)))","v":{"$error":"#N/A"}},{"$f":"IF(INDEX('Financial Profile Monthly'!$C$7:$BV$38,MATCH($B$27,'Financial Profile Monthly'!$B$7:$B$38,0),\nMATCH(1,('Financial Profile Monthly'!$C$5:$BV$5=$B34)*('Financial Profile Monthly'!$C$6:$BV$6=H$29),0))=\"\",#N/A,\nINDEX('Financial Profile Monthly'!$C$7:$BV$38,MATCH($B$27,'Financial Profile Monthly'!$B$7:$B$38,0),\nMATCH(1,('Financial Profile Monthly'!$C$5:$BV$5=$B34)*('Financial Profile Monthly'!$C$6:$BV$6=H$29),0)))","v":{"$error":"#N/A"}},{"$f":"IF(INDEX('Financial Profile Monthly'!$C$7:$BV$38,MATCH($B$27,'Financial Profile Monthly'!$B$7:$B$38,0),\nMATCH(1,('Financial Profile Monthly'!$C$5:$BV$5=$B34)*('Financial Profile Monthly'!$C$6:$BV$6=I$29),0))=\"\",#N/A,\nINDEX('Financial Profile Monthly'!$C$7:$BV$38,MATCH($B$27,'Financial Profile Monthly'!$B$7:$B$38,0),\nMATCH(1,('Financial Profile Monthly'!$C$5:$BV$5=$B34)*('Financial Profile Monthly'!$C$6:$BV$6=I$29),0)))","v":{"$error":"#N/A"}},{"$f":"IF(INDEX('Financial Profile Monthly'!$C$7:$BV$38,MATCH($B$27,'Financial Profile Monthly'!$B$7:$B$38,0),\nMATCH(1,('Financial Profile Monthly'!$C$5:$BV$5=$B34)*('Financial Profile Monthly'!$C$6:$BV$6=J$29),0))=\"\",#N/A,\nINDEX('Financial Profile Monthly'!$C$7:$BV$38,MATCH($B$27,'Financial Profile Monthly'!$B$7:$B$38,0),\nMATCH(1,('Financial Profile Monthly'!$C$5:$BV$5=$B34)*('Financial Profile Monthly'!$C$6:$BV$6=J$29),0)))","v":{"$error":"#N/A"}},{"$f":"IF(INDEX('Financial Profile Monthly'!$C$7:$BV$38,MATCH($B$27,'Financial Profile Monthly'!$B$7:$B$38,0),\nMATCH(1,('Financial Profile Monthly'!$C$5:$BV$5=$B34)*('Financial Profile Monthly'!$C$6:$BV$6=K$29),0))=\"\",#N/A,\nINDEX('Financial Profile Monthly'!$C$7:$BV$38,MATCH($B$27,'Financial Profile Monthly'!$B$7:$B$38,0),\nMATCH(1,('Financial Profile Monthly'!$C$5:$BV$5=$B34)*('Financial Profile Monthly'!$C$6:$BV$6=K$29),0)))","v":{"$error":"#N/A"}},{"$f":"IF(INDEX('Financial Profile Monthly'!$C$7:$BV$38,MATCH($B$27,'Financial Profile Monthly'!$B$7:$B$38,0),\nMATCH(1,('Financial Profile Monthly'!$C$5:$BV$5=$B34)*('Financial Profile Monthly'!$C$6:$BV$6=L$29),0))=\"\",#N/A,\nINDEX('Financial Profile Monthly'!$C$7:$BV$38,MATCH($B$27,'Financial Profile Monthly'!$B$7:$B$38,0),\nMATCH(1,('Financial Profile Monthly'!$C$5:$BV$5=$B34)*('Financial Profile Monthly'!$C$6:$BV$6=L$29),0)))","v":{"$error":"#N/A"}},{"$f":"IF(INDEX('Financial Profile Monthly'!$C$7:$BV$38,MATCH($B$27,'Financial Profile Monthly'!$B$7:$B$38,0),\nMATCH(1,('Financial Profile Monthly'!$C$5:$BV$5=$B34)*('Financial Profile Monthly'!$C$6:$BV$6=M$29),0))=\"\",#N/A,\nINDEX('Financial Profile Monthly'!$C$7:$BV$38,MATCH($B$27,'Financial Profile Monthly'!$B$7:$B$38,0),\nMATCH(1,('Financial Profile Monthly'!$C$5:$BV$5=$B34)*('Financial Profile Monthly'!$C$6:$BV$6=M$29),0)))","v":{"$error":"#N/A"}},{"$f":"IF(INDEX('Financial Profile Monthly'!$C$7:$BV$38,MATCH($B$27,'Financial Profile Monthly'!$B$7:$B$38,0),\nMATCH(1,('Financial Profile Monthly'!$C$5:$BV$5=$B34)*('Financial Profile Monthly'!$C$6:$BV$6=N$29),0))=\"\",#N/A,\nINDEX('Financial Profile Monthly'!$C$7:$BV$38,MATCH($B$27,'Financial Profile Monthly'!$B$7:$B$38,0),\nMATCH(1,('Financial Profile Monthly'!$C$5:$BV$5=$B34)*('Financial Profile Monthly'!$C$6:$BV$6=N$29),0)))","v":{"$error":"#N/A"}}]
[null,{"$f":"'General Inputs'!$C$14","v":0},{"$f":"IF(INDEX('Financial Profile Monthly'!$C$7:$BV$38,MATCH($B$27,'Financial Profile Monthly'!$B$7:$B$38,0),\nMATCH(1,('Financial Profile Monthly'!$C$5:$BV$5=$B35)*('Financial Profile Monthly'!$C$6:$BV$6=C$29),0))=\"\",#N/A,\nINDEX('Financial Profile Monthly'!$C$7:$BV$38,MATCH($B$27,'Financial Profile Monthly'!$B$7:$B$38,0),\nMATCH(1,('Financial Profile Monthly'!$C$5:$BV$5=$B35)*('Financial Profile Monthly'!$C$6:$BV$6=C$29),0)))","v":{"$error":"#N/A"}},{"$f":"IF(INDEX('Financial Profile Monthly'!$C$7:$BV$38,MATCH($B$27,'Financial Profile Monthly'!$B$7:$B$38,0),\nMATCH(1,('Financial Profile Monthly'!$C$5:$BV$5=$B35)*('Financial Profile Monthly'!$C$6:$BV$6=D$29),0))=\"\",#N/A,\nINDEX('Financial Profile Monthly'!$C$7:$BV$38,MATCH($B$27,'Financial Profile Monthly'!$B$7:$B$38,0),\nMATCH(1,('Financial Profile Monthly'!$C$5:$BV$5=$B35)*('Financial Profile Monthly'!$C$6:$BV$6=D$29),0)))","v":{"$error":"#N/A"}},{"$f":"IF(INDEX('Financial Profile Monthly'!$C$7:$BV$38,MATCH($B$27,'Financial Profile Monthly'!$B$7:$B$38,0),\nMATCH(1,('Financial Profile Monthly'!$C$5:$BV$5=$B35)*('Financial Profile Monthly'!$C$6:$BV$6=E$29),0))=\"\",#N/A,\nINDEX('Financial Profile Monthly'!$C$7:$BV$38,MATCH($B$27,'Financial Profile Monthly'!$B$7:$B$38,0),\nMATCH(1,('Financial Profile Monthly'!$C$5:$BV$5=$B35)*('Financial Profile Monthly'!$C$6:$BV$6=E$29),0)))","v":{"$error":"#N/A"}},{"$f":"IF(INDEX('Financial Profile Monthly'!$C$7:$BV$38,MATCH($B$27,'Financial Profile Monthly'!$B$7:$B$38,0),\nMATCH(1,('Financial Profile Monthly'!$C$5:$BV$5=$B35)*('Financial Profile Monthly'!$C$6:$BV$6=F$29),0))=\"\",#N/A,\nINDEX('Financial Profile Monthly'!$C$7:$BV$38,MATCH($B$27,'Financial Profile Monthly'!$B$7:$B$38,0),\nMATCH(1,('Financial Profile Monthly'!$C$5:$BV$5=$B35)*('Financial Profile Monthly'!$C$6:$BV$6=F$29),0)))","v":{"$error":"#N/A"}},{"$f":"IF(INDEX('Financial Profile Monthly'!$C$7:$BV$38,MATCH($B$27,'Financial Profile Monthly'!$B$7:$B$38,0),\nMATCH(1,('Financial Profile Monthly'!$C$5:$BV$5=$B35)*('Financial Profile Monthly'!$C$6:$BV$6=G$29),0))=\"\",#N/A,\nINDEX('Financial Profile Monthly'!$C$7:$BV$38,MATCH($B$27,'Financial Profile Monthly'!$B$7:$B$38,0),\nMATCH(1,('Financial Profile Monthly'!$C$5:$BV$5=$B35)*('Financial Profile Monthly'!$C$6:$BV$6=G$29),0)))","v":{"$error":"#N/A"}},{"$f":"IF(INDEX('Financial Profile Monthly'!$C$7:$BV$38,MATCH($B$27,'Financial Profile Monthly'!$B$7:$B$38,0),\nMATCH(1,('Financial Profile Monthly'!$C$5:$BV$5=$B35)*('Financial Profile Monthly'!$C$6:$BV$6=H$29),0))=\"\",#N/A,\nINDEX('Financial Profile Monthly'!$C$7:$BV$38,MATCH($B$27,'Financial Profile Monthly'!$B$7:$B$38,0),\nMATCH(1,('Financial Profile Monthly'!$C$5:$BV$5=$B35)*('Financial Profile Monthly'!$C$6:$BV$6=H$29),0)))","v":{"$error":"#N/A"}},{"$f":"IF(INDEX('Financial Profile Monthly'!$C$7:$BV$38,MATCH($B$27,'Financial Profile Monthly'!$B$7:$B$38,0),\nMATCH(1,('Financial Profile Monthly'!$C$5:$BV$5=$B35)*('Financial Profile Monthly'!$C$6:$BV$6=I$29),0))=\"\",#N/A,\nINDEX('Financial Profile Monthly'!$C$7:$BV$38,MATCH($B$27,'Financial Profile Monthly'!$B$7:$B$38,0),\nMATCH(1,('Financial Profile Monthly'!$C$5:$BV$5=$B35)*('Financial Profile Monthly'!$C$6:$BV$6=I$29),0)))","v":{"$error":"#N/A"}},{"$f":"IF(INDEX('Financial Profile Monthly'!$C$7:$BV$38,MATCH($B$27,'Financial Profile Monthly'!$B$7:$B$38,0),\nMATCH(1,('Financial Profile Monthly'!$C$5:$BV$5=$B35)*('Financial Profile Monthly'!$C$6:$BV$6=J$29),0))=\"\",#N/A,\nINDEX('Financial Profile Monthly'!$C$7:$BV$38,MATCH($B$27,'Financial Profile Monthly'!$B$7:$B$38,0),\nMATCH(1,('Financial Profile Monthly'!$C$5:$BV$5=$B35)*('Financial Profile Monthly'!$C$6:$BV$6=J$29),0)))","v":{"$error":"#N/A"}},{"$f":"IF(INDEX('Financial Profile Monthly'!$C$7:$BV$38,MATCH($B$27,'Financial Profile Monthly'!$B$7:$B$38,0),\nMATCH(1,('Financial Profile Monthly'!$C$5:$BV$5=$B35)*('Financial Profile Monthly'!$C$6:$BV$6=K$29),0))=\"\",#N/A,\nINDEX('Financial Profile Monthly'!$C$7:$BV$38,MATCH($B$27,'Financial Profile Monthly'!$B$7:$B$38,0),\nMATCH(1,('Financial Profile Monthly'!$C$5:$BV$5=$B35)*('Financial Profile Monthly'!$C$6:$BV$6=K$29),0)))","v":{"$error":"#N/A"}},{"$f":"IF(INDEX('Financial Profile Monthly'!$C$7:$BV$38,MATCH($B$27,'Financial Profile Monthly'!$B$7:$B$38,0),\nMATCH(1,('Financial Profile Monthly'!$C$5:$BV$5=$B35)*('Financial Profile Monthly'!$C$6:$BV$6=L$29),0))=\"\",#N/A,\nINDEX('Financial Profile Monthly'!$C$7:$BV$38,MATCH($B$27,'Financial Profile Monthly'!$B$7:$B$38,0),\nMATCH(1,('Financial Profile Monthly'!$C$5:$BV$5=$B35)*('Financial Profile Monthly'!$C$6:$BV$6=L$29),0)))","v":{"$error":"#N/A"}},{"$f":"IF(INDEX('Financial Profile Monthly'!$C$7:$BV$38,MATCH($B$27,'Financial Profile Monthly'!$B$7:$B$38,0),\nMATCH(1,('Financial Profile Monthly'!$C$5:$BV$5=$B35)*('Financial Profile Monthly'!$C$6:$BV$6=M$29),0))=\"\",#N/A,\nINDEX('Financial Profile Monthly'!$C$7:$BV$38,MATCH($B$27,'Financial Profile Monthly'!$B$7:$B$38,0),\nMATCH(1,('Financial Profile Monthly'!$C$5:$BV$5=$B35)*('Financial Profile Monthly'!$C$6:$BV$6=M$29),0)))","v":{"$error":"#N/A"}},{"$f":"IF(INDEX('Financial Profile Monthly'!$C$7:$BV$38,MATCH($B$27,'Financial Profile Monthly'!$B$7:$B$38,0),\nMATCH(1,('Financial Profile Monthly'!$C$5:$BV$5=$B35)*('Financial Profile Monthly'!$C$6:$BV$6=N$29),0))=\"\",#N/A,\nINDEX('Financial Profile Monthly'!$C$7:$BV$38,MATCH($B$27,'Financial Profile Monthly'!$B$7:$B$38,0),\nMATCH(1,('Financial Profile Monthly'!$C$5:$BV$5=$B35)*('Financial Profile Monthly'!$C$6:$BV$6=N$29),0)))","v":{"$error":"#N/A"}}]
[]
[null,{"$f":"'Financial Charts'!C5","v":"Year-to-Date Through  Results in Dollars, by Year"}]
[]
[null,"Line Item",{"$nulls":3},{"$f":"G39-1","v":-5},{"$f":"H39-1","v":-4},{"$f":"I39-1","v":-3},{"$f":"J39-1","v":-2},{"$f":"K39-1","v":-1},{"$f":"'General Inputs'!$C$14","v":0}]
[null,{"$f":"'Financial Profile YTD'!B25","v":"Total Revenues Less Returns and Allowances"},{"$nulls":3},{"$f":"IF('Financial Profile YTD'!C25=\"\",#N/A,'Financial Profile YTD'!C25)","v":{"$error":"#N/A"}},{"$f":"IF('Financial Profile YTD'!D25=\"\",#N/A,'Financial Profile YTD'!D25)","v":{"$error":"#N/A"}},{"$f":"IF('Financial Profile YTD'!E25=\"\",#N/A,'Financial Profile YTD'!E25)","v":{"$error":"#N/A"}},{"$f":"IF('Financial Profile YTD'!F25=\"\",#N/A,'Financial Profile YTD'!F25)","v":{"$error":"#N/A"}},{"$f":"IF('Financial Profile YTD'!G25=\"\",#N/A,'Financial Profile YTD'!G25)","v":{"$error":"#N/A"}},{"$f":"IF('Financial Profile YTD'!H25=\"\",#N/A,'Financial Profile YTD'!H25)","v":{"$error":"#N/A"}}]
[null,{"$f":"'Financial Profile YTD'!B32","v":"Net Income Before Taxes"},{"$nulls":3},{"$f":"IF('Financial Profile YTD'!C32=\"\",#N/A,'Financial Profile YTD'!C32)","v":{"$error":"#N/A"}},{"$f":"IF('Financial Profile YTD'!D32=\"\",#N/A,'Financial Profile YTD'!D32)","v":{"$error":"#N/A"}},{"$f":"IF('Financial Profile YTD'!E32=\"\",#N/A,'Financial Profile YTD'!E32)","v":{"$error":"#N/A"}},{"$f":"IF('Financial Profile YTD'!F32=\"\",#N/A,'Financial Profile YTD'!F32)","v":{"$error":"#N/A"}},{"$f":"IF('Financial Profile YTD'!G32=\"\",#N/A,'Financial Profile YTD'!G32)","v":{"$error":"#N/A"}},{"$f":"IF('Financial Profile YTD'!H32=\"\",#N/A,'Financial Profile YTD'!H32)","v":{"$error":"#N/A"}}]
[null,{"$f":"'Financial Profile YTD'!B38","v":"Estimated Pre-Tax Cash Flow"},{"$nulls":3},{"$f":"IF('Financial Profile YTD'!C38=\"\",#N/A,'Financial Profile YTD'!C38)","v":{"$error":"#N/A"}},{"$f":"IF('Financial Profile YTD'!D38=\"\",#N/A,'Financial Profile YTD'!D38)","v":{"$error":"#N/A"}},{"$f":"IF('Financial Profile YTD'!E38=\"\",#N/A,'Financial Profile YTD'!E38)","v":{"$error":"#N/A"}},{"$f":"IF('Financial Profile YTD'!F38=\"\",#N/A,'Financial Profile YTD'!F38)","v":{"$error":"#N/A"}},{"$f":"IF('Financial Profile YTD'!G38=\"\",#N/A,'Financial Profile YTD'!G38)","v":{"$error":"#N/A"}},{"$f":"IF('Financial Profile YTD'!H38=\"\",#N/A,'Financial Profile YTD'!H38)","v":{"$error":"#N/A"}}]

{"sheet":"Financial Charts","index":12,"n_rows":43,"n_cols":11,"rows_kept":43,"merged":[[4,2,4,7],[4,9,4,14]]}
[null,"ATP TOOL FOR PARTIAL-YEAR DATA FOR BUSINESSES"]
[]
[null,"Financial Charts for Key Line Items:"]
[]
[null,null,{"$f":"\"Year-to-Date Through \"&'General Inputs'!$C$15&\" Results in Dollars, by Year\"","v":"Year-to-Date Through  Results in Dollars, by Year"},{"$nulls":6},"Monthly Results in Dollars, by Year"]
[]
[null,null,"Year-to-Date Total Revenues Less Returns and Allowances",{"$nulls":7},"Monthly Total Revenues Less Returns and Allowances"]
{"$rows_empty":17}
[null,null,"Year-to-Date Net Income Before Taxes",{"$nulls":7},"Monthly Net Income Before Taxes"]
{"$rows_empty":17}
[null,null,"Year-to-Date Estimated Pre-Tax Cash Flow",{"$nulls":7},"Monthly Estimated Pre-Tax Cash Flow"]

{"sheet":"Background Data","index":13,"n_rows":19,"n_cols":14,"rows_kept":19,"hidden":true}
[null,"ATP TOOL FOR PARTIAL-YEAR DATA FOR BUSINESSES"]
[]
[null,"Background Data"]
[{"$nulls":7}," "]
[null,"Tax Return Forms:",null,"Months:",null,null,"Choices:",null,"Historical Years:"]
[]
[null,"Form",null,"Month","#",null,"Choose",null,"Start","-","End","Period","Alt","#"]
[null,"Form 1120",null,"January",1,null,"Yes",null,{"$f":"IF(ISBLANK('General Inputs'!$C$14),\"--\",'General Inputs'!$C$14-N8)","v":"--"},"-",{"$f":"IF(ISBLANK('General Inputs'!$C$14),\"--\",'General Inputs'!$C$14-1)","v":"--"},{"$f":"IF(ISBLANK('General Inputs'!$C$14),\"Please enter the 'Most Recent Year' in General Inputs #5\",\"1 Year: \"&I8)","v":"Please enter the 'Most Recent Year' in General Inputs #5"},{"$f":"I8","v":"--"},1]
[null,"Form 1120S",null,"February",2,null,"No",null,{"$f":"IF(ISBLANK('General Inputs'!$C$14),\"--\",'General Inputs'!$C$14-N9)","v":"--"},"-",{"$f":"IF(ISBLANK('General Inputs'!$C$14),\"--\",'General Inputs'!$C$14-1)","v":"--"},{"$f":"IF(ISBLANK('General Inputs'!$C$14),\"Please enter the 'Most Recent Year' in General Inputs #5\",N9&\" Years: \"&I9&\"-\"&K9)","v":"Please enter the 'Most Recent Year' in General Inputs #5"},{"$f":"IFERROR(I9&\"-\"&$I$8-2000,\"--\")","v":"--"},2]
[null,"Form 1065",null,"March",3,{"$nulls":3},{"$f":"IF(ISBLANK('General Inputs'!$C$14),\"--\",'General Inputs'!$C$14-N10)","v":"--"},"-",{"$f":"IF(ISBLANK('General Inputs'!$C$14),\"--\",'General Inputs'!$C$14-1)","v":"--"},{"$f":"IF(ISBLANK('General Inputs'!$C$14),\"Please enter the 'Most Recent Year' in General Inputs #5\",N10&\" Years: \"&I10&\"-\"&K10)","v":"Please enter the 'Most Recent Year' in General Inputs #5"},{"$f":"IFERROR(I10&\"-\"&$I$8-2000,\"--\")","v":"--"},3]
[null,"Form 1040, Schedule C",null,"April",4,{"$nulls":3},{"$f":"IF(ISBLANK('General Inputs'!$C$14),\"--\",'General Inputs'!$C$14-N11)","v":"--"},"-",{"$f":"IF(ISBLANK('General Inputs'!$C$14),\"--\",'General Inputs'!$C$14-1)","v":"--"},{"$f":"IF(ISBLANK('General Inputs'!$C$14),\"Please enter the 'Most Recent Year' in General Inputs #5\",N11&\" Years: \"&I11&\"-\"&K11)","v":"Please enter the 'Most Recent Year' in General Inputs #5"},{"$f":"IFERROR(I11&\"-\"&$I$8-2000,\"--\")","v":"--"},4]
[{"$nulls":3},"May",5,{"$nulls":3},{"$f":"IF(ISBLANK('General Inputs'!$C$14),\"--\",'General Inputs'!$C$14-N12)","v":"--"},"-",{"$f":"IF(ISBLANK('General Inputs'!$C$14),\"--\",'General Inputs'!$C$14-1)","v":"--"},{"$f":"IF(ISBLANK('General Inputs'!$C$14),\"Please enter the 'Most Recent Year' in General Inputs #5\",N12&\" Years: \"&I12&\"-\"&K12)","v":"Please enter the 'Most Recent Year' in General Inputs #5"},{"$f":"IFERROR(I12&\"-\"&$I$8-2000,\"--\")","v":"--"},5]
[{"$nulls":3},"June",6]
[{"$nulls":3},"July",7]
[{"$nulls":3},"August",8]
[{"$nulls":3},"September",9]
[{"$nulls":3},"October",10]
[{"$nulls":3},"November",11]
[{"$nulls":3},"December",12]